{"text_format":"1","workbook":"xlsx","n_sheets":2,"sheets":["Данные","Лист1"],"not_rendered":{"charts":0,"images":0,"macros":1,"external_links":0,"defined_names":4,"comments":0,"pivot_tables":0},"unopened":[],"bounds":{"document_bytes":16777216,"sheet_cells":100000,"rows_first":2000,"rows_last":500,"rows_between":2000,"halvings":0,"cell_chars":16384,"cell_head_chars":4096},"cells_cut":0,"cells_raw":0,"read":"whole","date_system":"1900"}

{"sheet":"Данные","index":0,"n_rows":999,"n_cols":10,"rows_kept":999,"cut":false,"hidden":false,"merged":[[1,0,1,9]]}
[null,null,null,null,null,null,null,null,"Приложение №1"]
["Перечень актуальных и готовых к реализации невостребованных МТР"]
[]
["Наименование лота","Наименование ОГ","№ лота","№ позиции","Наименование неликвидных (НЛ) и невостребованных ликвидных (НВЛ) материалов","Ед. изм","Количество","Мин. цена реализации за ед., руб., без НДС ","Сумма, руб. без НДС","Место нахождения"]
["Ввод кабельный","ПАО АНК \"Башнефть\" \"Башнефть-Новойл\"",1,1,"Ввод каб. Cortem FAL 1(1/2\")KB","ШТ",15,632.74,{"$f":"G5*H5","v":9491.1},"450045, г. Уфа, ПАО АНК \"Башнефть\" \"Башнефть-Новойл\""]
["Ввод кабельный","ПАО АНК \"Башнефть\" \"Башнефть-Новойл\"",1,2,"Ввод каб. ВК-Л-ВЭЛ 4Т-М25-Exd-G3/4\"-В1,5","ШТ",40,516.6,20664,"450045, г. Уфа, ПАО АНК \"Башнефть\" \"Башнефть-Новойл\""]
["Ввод кабельный","ПАО АНК \"Башнефть\" \"Башнефть-Новойл\"",1,3,"Ввод кабельный Cortem FAL2(3/4)КВ","ШТ",1,1106.6199999999999,1106.6199999999999,"450045, г. Уфа, ПАО АНК \"Башнефть\" \"Башнефть-Новойл\""]
["Ввод кабельный","ПАО АНК \"Башнефть\" \"Башнефть-Новойл\"",1,4,"Ввод каб. Cortem FAL 1(1/2\")KB","ШТ",132,632.74,83521.680000000008,"450045, г. Уфа, ПАО АНК \"Башнефть\" \"Башнефть-Новойл\""]
["Ввод кабельный","ПАО АНК \"Башнефть\" \"Башнефть-Новойл\"",1,5,"Ввод каб. Cortem FAL 1(1/2\")KB","ШТ",2,1126.95,2253.9,"450045, г. Уфа, ПАО АНК \"Башнефть\" \"Башнефть-Новойл\""]
["Ввод кабельный","ПАО АНК \"Башнефть\" \"Башнефть-Новойл\"",1,6,"Ввод каб. Cortem FAL1IKB","ШТ",159,632.74,100605.66,"450045, г. Уфа, ПАО АНК \"Башнефть\" \"Башнефть-Новойл\""]
["Ввод кабельный","ПАО АНК \"Башнефть\" \"Башнефть-Новойл\"",1,7,"Ввод каб. ВК-Л-ВЭЛ 2-М25-Exd-В1,5","ШТ",2,516.6,1033.2,"450045, г. Уфа, ПАО АНК \"Башнефть\" \"Башнефть-Новойл\""]
["Ввод кабельный","ПАО АНК \"Башнефть\" \"Башнефть-Новойл\"",1,8,"Ввод каб. ВК-Л-ВЭЛ 4Т-М25-Exd-G3/4\"-В1,5","ШТ",68,516.6,35128.800000000003,"450045, г. Уфа, ПАО АНК \"Башнефть\" \"Башнефть-Новойл\""]
["Ввод кабельный","ПАО АНК \"Башнефть\" \"Башнефть-Новойл\"",1,9,"Ввод каб. М22 УТ1,5 zeta30117","ШТ",30,36,1080,"450045, г. Уфа, ПАО АНК \"Башнефть\" \"Башнефть-Новойл\""]
["Ввод кабельный","ПАО АНК \"Башнефть\" \"Башнефть-Новойл\"",1,10,"Ввод каб.CMP Products 20ST3CDS1RANi","ШТ",101,1237.4000000000001,124977.40000000001,"450045, г. Уфа, ПАО АНК \"Башнефть\" \"Башнефть-Новойл\""]
["Ввод кабельный","ПАО АНК \"Башнефть\" \"Башнефть-Новойл\"",1,11,"Ввод кабельный Cortem FAL2(3/4)КВ","ШТ",151,1106.6199999999999,167099.62,"450045, г. Уфа, ПАО АНК \"Башнефть\" \"Башнефть-Новойл\""]
["Маркировка","ПАО АНК \"Башнефть\" \"Башнефть-Новойл\"",2,12,"Маркировка Phoenix Contact 1050020:0031","ШТ",10,39.31,393.1,"450045, г. Уфа, ПАО АНК \"Башнефть\" \"Башнефть-Новойл\""]
["Маркировка","ПАО АНК \"Башнефть\" \"Башнефть-Новойл\"",2,13,"Маркировка Phoenix Contact KLM-A 1004348","ШТ",100,39.31,3931,"450045, г. Уфа, ПАО АНК \"Башнефть\" \"Башнефть-Новойл\""]
["Маркировка","ПАО АНК \"Башнефть\" \"Башнефть-Новойл\"",2,14,"Маркировка Phoenix Contact P/n 0807575","ШТ",3,39.31,117.93,"450045, г. Уфа, ПАО АНК \"Башнефть\" \"Башнефть-Новойл\""]
["Маркировка","ПАО АНК \"Башнефть\" \"Башнефть-Новойл\"",2,15,"Маркировка Phoenix Contact P/n 0807575","ШТ",6,39.31,235.86,"450045, г. Уфа, ПАО АНК \"Башнефть\" \"Башнефть-Новойл\""]
["Маркировка","ПАО АНК \"Башнефть\" \"Башнефть-Новойл\"",2,16,"Маркировка ZB5 QR 1050020:0021 (21-30)","ШТ",10,39.31,393.1,"450045, г. Уфа, ПАО АНК \"Башнефть\" \"Башнефть-Новойл\""]
["Маркировка","ПАО АНК \"Башнефть\" \"Башнефть-Новойл\"",2,17,"Маркировка ZB5 QR 1050020:0041 (41-50)","ШТ",10,39.31,393.1,"450045, г. Уфа, ПАО АНК \"Башнефть\" \"Башнефть-Новойл\""]
["Маркировка","ПАО АНК \"Башнефть\" \"Башнефть-Новойл\"",2,18,"Маркировка ZB5 QR 1050020:0271 (271-280)","ШТ",14,39.31,550.34,"450045, г. Уфа, ПАО АНК \"Башнефть\" \"Башнефть-Новойл\""]
["Маркировка","ПАО АНК \"Башнефть\" \"Башнефть-Новойл\"",2,19,"Маркировка ZB5 QR 1050020:0281 (281-290)","ШТ",18,39.31,707.58,"450045, г. Уфа, ПАО АНК \"Башнефть\" \"Башнефть-Новойл\""]
["Маркировка","ПАО АНК \"Башнефть\" \"Башнефть-Новойл\"",2,20,"Маркировка ZB5 QR 1050020:0281 (281-290)","ШТ",10,39.31,393.1,"450045, г. Уфа, ПАО АНК \"Башнефть\" \"Башнефть-Новойл\""]
["Маркировка","ПАО АНК \"Башнефть\" \"Башнефть-Новойл\"",2,21,"Маркировка ZB5 QR 1050020:0291 (291-300)","ШТ",16,39.31,628.96,"450045, г. Уфа, ПАО АНК \"Башнефть\" \"Башнефть-Новойл\""]
["Маркировка","ПАО АНК \"Башнефть\" \"Башнефть-Новойл\"",2,22,"Маркировка ZB6 LGS 1051016:0001 (1-10)","ШТ",1,39.31,39.31,"450045, г. Уфа, ПАО АНК \"Башнефть\" \"Башнефть-Новойл\""]
["Маркировка","ПАО АНК \"Башнефть\" \"Башнефть-Новойл\"",2,23,"Маркировка ZB6 LGS 1051016:0001 (1-10)","ШТ",1,39.31,39.31,"450045, г. Уфа, ПАО АНК \"Башнефть\" \"Башнефть-Новойл\""]
["Маркировка","ПАО АНК \"Башнефть\" \"Башнефть-Новойл\"",2,24,"Маркировка ZB8 QR 1052028:0121 (121-130)","ШТ",1,39.31,39.31,"450045, г. Уфа, ПАО АНК \"Башнефть\" \"Башнефть-Новойл\""]
["Маркировка","ПАО АНК \"Башнефть\" \"Башнефть-Новойл\"",2,25,"Маркировка Phoenix Contact 0819411","ШТ",2,39.31,78.62,"450045, г. Уфа, ПАО АНК \"Башнефть\" \"Башнефть-Новойл\""]
["Маркировка","ПАО АНК \"Башнефть\" \"Башнефть-Новойл\"",2,26,"Маркировка Phoenix Contact 0819411","ШТ",2,39.31,78.62,"450045, г. Уфа, ПАО АНК \"Башнефть\" \"Башнефть-Новойл\""]
["Маркировка","ПАО АНК \"Башнефть\" \"Башнефть-Новойл\"",2,27,"Маркировка Phoenix Contact 1050020:0011","ШТ",1,39.31,39.31,"450045, г. Уфа, ПАО АНК \"Башнефть\" \"Башнефть-Новойл\""]
["Маркировка","ПАО АНК \"Башнефть\" \"Башнефть-Новойл\"",2,28,"Маркировка Phoenix Contact 1050020:0011","ШТ",9,39.31,353.79,"450045, г. Уфа, ПАО АНК \"Башнефть\" \"Башнефть-Новойл\""]
["Маркировка","ПАО АНК \"Башнефть\" \"Башнефть-Новойл\"",2,29,"Маркировка Phoenix Contact 1050020:0011","ШТ",11,39.31,432.41,"450045, г. Уфа, ПАО АНК \"Башнефть\" \"Башнефть-Новойл\""]
["Маркировка","ПАО АНК \"Башнефть\" \"Башнефть-Новойл\"",2,30,"Маркировка Phoenix Contact 1050020:0011","ШТ",20,39.31,786.2,"450045, г. Уфа, ПАО АНК \"Башнефть\" \"Башнефть-Новойл\""]
["Маркировка","ПАО АНК \"Башнефть\" \"Башнефть-Новойл\"",2,31,"Маркировка Phoenix Contact 1050020:0011","ШТ",6,39.31,235.86,"450045, г. Уфа, ПАО АНК \"Башнефть\" \"Башнефть-Новойл\""]
["Маркировка","ПАО АНК \"Башнефть\" \"Башнефть-Новойл\"",2,32,"Маркировка Phoenix Contact 1050020:0031","ШТ",1,39.31,39.31,"450045, г. Уфа, ПАО АНК \"Башнефть\" \"Башнефть-Новойл\""]
["Маркировка","ПАО АНК \"Башнефть\" \"Башнефть-Новойл\"",2,33,"Маркировка Phoenix Contact 1050020:0031","ШТ",20,39.31,786.2,"450045, г. Уфа, ПАО АНК \"Башнефть\" \"Башнефть-Новойл\""]
["Маркировка","ПАО АНК \"Башнефть\" \"Башнефть-Новойл\"",2,34,"Маркировка Phoenix Contact 1050020:0031","ШТ",6,39.31,235.86,"450045, г. Уфа, ПАО АНК \"Башнефть\" \"Башнефть-Новойл\""]
["Маркировка","ПАО АНК \"Башнефть\" \"Башнефть-Новойл\"",2,35,"Маркировка Phoenix Contact 1050020:0031","ШТ",10,39.31,393.1,"450045, г. Уфа, ПАО АНК \"Башнефть\" \"Башнефть-Новойл\""]
["Маркировка","ПАО АНК \"Башнефть\" \"Башнефть-Новойл\"",2,36,"Маркировка Phoenix Contact 1050020:0031","ШТ",2,39.31,78.62,"450045, г. Уфа, ПАО АНК \"Башнефть\" \"Башнефть-Новойл\""]
["Маркировка","ПАО АНК \"Башнефть\" \"Башнефть-Новойл\"",2,37,"Маркировка Phoenix Contact 1050020:0071","ШТ",31,39.31,1218.6100000000001,"450045, г. Уфа, ПАО АНК \"Башнефть\" \"Башнефть-Новойл\""]
["Маркировка","ПАО АНК \"Башнефть\" \"Башнефть-Новойл\"",2,38,"Маркировка Phoenix Contact 1050020:0071","ШТ",6,39.31,235.86,"450045, г. Уфа, ПАО АНК \"Башнефть\" \"Башнефть-Новойл\""]
["Маркировка","ПАО АНК \"Башнефть\" \"Башнефть-Новойл\"",2,39,"Маркировка Phoenix Contact 1050020:0071","ШТ",10,39.31,393.1,"450045, г. Уфа, ПАО АНК \"Башнефть\" \"Башнефть-Новойл\""]
["Маркировка","ПАО АНК \"Башнефть\" \"Башнефть-Новойл\"",2,40,"Маркировка Phoenix Contact 1050020:0071","ШТ",10,39.31,393.1,"450045, г. Уфа, ПАО АНК \"Башнефть\" \"Башнефть-Новойл\""]
["Маркировка","ПАО АНК \"Башнефть\" \"Башнефть-Новойл\"",2,41,"Маркировка Phoenix Contact 1052028:0001","ШТ",1,39.31,39.31,"450045, г. Уфа, ПАО АНК \"Башнефть\" \"Башнефть-Новойл\""]
["Маркировка","ПАО АНК \"Башнефть\" \"Башнефть-Новойл\"",2,42,"Маркировка Phoenix Contact 1052028:0001","ШТ",1,39.31,39.31,"450045, г. Уфа, ПАО АНК \"Башнефть\" \"Башнефть-Новойл\""]
["Маркировка","ПАО АНК \"Башнефть\" \"Башнефть-Новойл\"",2,43,"Маркировка Phoenix Contact 1052028:0001","ШТ",10,39.31,393.1,"450045, г. Уфа, ПАО АНК \"Башнефть\" \"Башнефть-Новойл\""]
["Маркировка","ПАО АНК \"Башнефть\" \"Башнефть-Новойл\"",2,44,"Маркировка Phoenix Contact 1052028:0001","ШТ",2,39.31,78.62,"450045, г. Уфа, ПАО АНК \"Башнефть\" \"Башнефть-Новойл\""]
["Маркировка","ПАО АНК \"Башнефть\" \"Башнефть-Новойл\"",2,45,"Маркировка Phoenix Contact KLM-A 1004348","ШТ",10,39.31,393.1,"450045, г. Уфа, ПАО АНК \"Башнефть\" \"Башнефть-Новойл\""]
["Маркировка","ПАО АНК \"Башнефть\" \"Башнефть-Новойл\"",2,46,"Маркировка Phoenix Contact KLM-A 1004348","ШТ",600,39.31,23586,"450045, г. Уфа, ПАО АНК \"Башнефть\" \"Башнефть-Новойл\""]
["Маркировка","ПАО АНК \"Башнефть\" \"Башнефть-Новойл\"",2,47,"Маркировка Phoenix Contact KLM-A 1004348","ШТ",4,39.31,157.24,"450045, г. Уфа, ПАО АНК \"Башнефть\" \"Башнефть-Новойл\""]
["Маркировка","ПАО АНК \"Башнефть\" \"Башнефть-Новойл\"",2,48,"Маркировка Phoenix Contact P/n 0807575","ШТ",3,39.31,117.93,"450045, г. Уфа, ПАО АНК \"Башнефть\" \"Башнефть-Новойл\""]
["Маркировка","ПАО АНК \"Башнефть\" \"Башнефть-Новойл\"",2,49,"Маркировка Phoenix Contact P/n 0807575","ШТ",300,39.31,11793,"450045, г. Уфа, ПАО АНК \"Башнефть\" \"Башнефть-Новойл\""]
["Маркировка","ПАО АНК \"Башнефть\" \"Башнефть-Новойл\"",2,50,"Маркировка Phoenix Contact P/n 0808257","ШТ",10,39.31,393.1,"450045, г. Уфа, ПАО АНК \"Башнефть\" \"Башнефть-Новойл\""]
["Маркировка","ПАО АНК \"Башнефть\" \"Башнефть-Новойл\"",2,51,"Маркировка Phoenix Contact P/n 1050004","ШТ",2,39.31,78.62,"450045, г. Уфа, ПАО АНК \"Башнефть\" \"Башнефть-Новойл\""]
["Маркировка","ПАО АНК \"Башнефть\" \"Башнефть-Новойл\"",2,52,"Маркировка ZB10 QR 1053027:0011 (11-20)","ШТ",10,39.31,393.1,"450045, г. Уфа, ПАО АНК \"Башнефть\" \"Башнефть-Новойл\""]
["Маркировка","ПАО АНК \"Башнефть\" \"Башнефть-Новойл\"",2,53,"Маркировка ZB15:UNBEDRUCKT 0811972","ШТ",10,39.31,393.1,"450045, г. Уфа, ПАО АНК \"Башнефть\" \"Башнефть-Новойл\""]
["Маркировка","ПАО АНК \"Башнефть\" \"Башнефть-Новойл\"",2,54,"Маркировка ZB5 QR 1050020:0001 (1-10)","ШТ",11,39.31,432.41,"450045, г. Уфа, ПАО АНК \"Башнефть\" \"Башнефть-Новойл\""]
["Маркировка","ПАО АНК \"Башнефть\" \"Башнефть-Новойл\"",2,55,"Маркировка ZB5 QR 1050020:0001 (1-10)","ШТ",10,39.31,393.1,"450045, г. Уфа, ПАО АНК \"Башнефть\" \"Башнефть-Новойл\""]
["Маркировка","ПАО АНК \"Башнефть\" \"Башнефть-Новойл\"",2,56,"Маркировка ZB5 QR 1050020:0001 (1-10)","ШТ",6,39.31,235.86,"450045, г. Уфа, ПАО АНК \"Башнефть\" \"Башнефть-Новойл\""]
["Маркировка","ПАО АНК \"Башнефть\" \"Башнефть-Новойл\"",2,57,"Маркировка ZB5 QR 1050020:0021 (21-30)","ШТ",1,39.31,39.31,"450045, г. Уфа, ПАО АНК \"Башнефть\" \"Башнефть-Новойл\""]
["Маркировка","ПАО АНК \"Башнефть\" \"Башнефть-Новойл\"",2,58,"Маркировка ZB5 QR 1050020:0021 (21-30)","ШТ",6,39.31,235.86,"450045, г. Уфа, ПАО АНК \"Башнефть\" \"Башнефть-Новойл\""]
["Маркировка","ПАО АНК \"Башнефть\" \"Башнефть-Новойл\"",2,59,"Маркировка ZB5 QR 1050020:0021 (21-30)","ШТ",10,39.31,393.1,"450045, г. Уфа, ПАО АНК \"Башнефть\" \"Башнефть-Новойл\""]
["Маркировка","ПАО АНК \"Башнефть\" \"Башнефть-Новойл\"",2,60,"Маркировка ZB5 QR 1050020:0021 (21-30)","ШТ",2,39.31,78.62,"450045, г. Уфа, ПАО АНК \"Башнефть\" \"Башнефть-Новойл\""]
["Маркировка","ПАО АНК \"Башнефть\" \"Башнефть-Новойл\"",2,61,"Маркировка ZB5 QR 1050020:0041 (41-50)","ШТ",1,39.31,39.31,"450045, г. Уфа, ПАО АНК \"Башнефть\" \"Башнефть-Новойл\""]
["Маркировка","ПАО АНК \"Башнефть\" \"Башнефть-Новойл\"",2,62,"Маркировка ZB5 QR 1050020:0041 (41-50)","ШТ",40,39.31,1572.4,"450045, г. Уфа, ПАО АНК \"Башнефть\" \"Башнефть-Новойл\""]
["Маркировка","ПАО АНК \"Башнефть\" \"Башнефть-Новойл\"",2,63,"Маркировка ZB5 QR 1050020:0041 (41-50)","ШТ",6,39.31,235.86,"450045, г. Уфа, ПАО АНК \"Башнефть\" \"Башнефть-Новойл\""]
["Маркировка","ПАО АНК \"Башнефть\" \"Башнефть-Новойл\"",2,64,"Маркировка ZB5 QR 1050020:0041 (41-50)","ШТ",10,39.31,393.1,"450045, г. Уфа, ПАО АНК \"Башнефть\" \"Башнефть-Новойл\""]
["Маркировка","ПАО АНК \"Башнефть\" \"Башнефть-Новойл\"",2,65,"Маркировка ZB5 QR 1050020:0041 (41-50)","ШТ",2,39.31,{"$f":"G69*H69","v":78.62},"450045, г. Уфа, ПАО АНК \"Башнефть\" \"Башнефть-Новойл\""]
["Маркировка","ПАО АНК \"Башнефть\" \"Башнефть-Новойл\"",2,66,"Маркировка ZB5 QR 1050020:0051 (51-60)","ШТ",6,39.31,235.86,"450045, г. Уфа, ПАО АНК \"Башнефть\" \"Башнефть-Новойл\""]
["Маркировка","ПАО АНК \"Башнефть\" \"Башнефть-Новойл\"",2,67,"Маркировка ZB5 QR 1050020:0051 (51-60)","ШТ",10,39.31,393.1,"450045, г. Уфа, ПАО АНК \"Башнефть\" \"Башнефть-Новойл\""]
["Маркировка","ПАО АНК \"Башнефть\" \"Башнефть-Новойл\"",2,68,"Маркировка ZB5 QR 1050020:0051 (51-60)","ШТ",10,39.31,393.1,"450045, г. Уфа, ПАО АНК \"Башнефть\" \"Башнефть-Новойл\""]
["Маркировка","ПАО АНК \"Башнефть\" \"Башнефть-Новойл\"",2,69,"Маркировка ZB5 QR 1050020:0061 (61-70)","ШТ",20,39.31,786.2,"450045, г. Уфа, ПАО АНК \"Башнефть\" \"Башнефть-Новойл\""]
["Маркировка","ПАО АНК \"Башнефть\" \"Башнефть-Новойл\"",2,70,"Маркировка ZB5 QR 1050020:0061 (61-70)","ШТ",6,39.31,235.86,"450045, г. Уфа, ПАО АНК \"Башнефть\" \"Башнефть-Новойл\""]
["Маркировка","ПАО АНК \"Башнефть\" \"Башнефть-Новойл\"",2,71,"Маркировка ZB5 QR 1050020:0061 (61-70)","ШТ",10,39.31,393.1,"450045, г. Уфа, ПАО АНК \"Башнефть\" \"Башнефть-Новойл\""]
["Маркировка","ПАО АНК \"Башнефть\" \"Башнефть-Новойл\"",2,72,"Маркировка ZB5 QR 1050020:0061 (61-70)","ШТ",10,39.31,393.1,"450045, г. Уфа, ПАО АНК \"Башнефть\" \"Башнефть-Новойл\""]
["Маркировка","ПАО АНК \"Башнефть\" \"Башнефть-Новойл\"",2,73,"Маркировка ZB5 QR 1050020:0081 (81-90)","ШТ",10,39.31,393.1,"450045, г. Уфа, ПАО АНК \"Башнефть\" \"Башнефть-Новойл\""]
["Маркировка","ПАО АНК \"Башнефть\" \"Башнефть-Новойл\"",2,74,"Маркировка ZB5 QR 1050020:0081 (81-90)","ШТ",6,39.31,235.86,"450045, г. Уфа, ПАО АНК \"Башнефть\" \"Башнефть-Новойл\""]
["Маркировка","ПАО АНК \"Башнефть\" \"Башнефть-Новойл\"",2,75,"Маркировка ZB5 QR 1050020:0081 (81-90)","ШТ",10,39.31,393.1,"450045, г. Уфа, ПАО АНК \"Башнефть\" \"Башнефть-Новойл\""]
["Маркировка","ПАО АНК \"Башнефть\" \"Башнефть-Новойл\"",2,76,"Маркировка ZB5 QR 1050020:0081 (81-90)","ШТ",10,39.31,393.1,"450045, г. Уфа, ПАО АНК \"Башнефть\" \"Башнефть-Новойл\""]
["Маркировка","ПАО АНК \"Башнефть\" \"Башнефть-Новойл\"",2,77,"Маркировка ZB5 QR 1050020:0091 (91-100)","ШТ",11,39.31,432.41,"450045, г. Уфа, ПАО АНК \"Башнефть\" \"Башнефть-Новойл\""]
["Маркировка","ПАО АНК \"Башнефть\" \"Башнефть-Новойл\"",2,78,"Маркировка ZB5 QR 1050020:0091 (91-100)","ШТ",6,39.31,235.86,"450045, г. Уфа, ПАО АНК \"Башнефть\" \"Башнефть-Новойл\""]
["Маркировка","ПАО АНК \"Башнефть\" \"Башнефть-Новойл\"",2,79,"Маркировка ZB5 QR 1050020:0091 (91-100)","ШТ",10,39.31,393.1,"450045, г. Уфа, ПАО АНК \"Башнефть\" \"Башнефть-Новойл\""]
["Маркировка","ПАО АНК \"Башнефть\" \"Башнефть-Новойл\"",2,80,"Маркировка ZB5 QR 1050020:0091 (91-100)","ШТ",10,39.31,393.1,"450045, г. Уфа, ПАО АНК \"Башнефть\" \"Башнефть-Новойл\""]
["Маркировка","ПАО АНК \"Башнефть\" \"Башнефть-Новойл\"",2,81,"Маркировка ZB5 QR 1050020:0101 (101-110)","ШТ",6,39.31,235.86,"450045, г. Уфа, ПАО АНК \"Башнефть\" \"Башнефть-Новойл\""]
["Маркировка","ПАО АНК \"Башнефть\" \"Башнефть-Новойл\"",2,82,"Маркировка ZB5 QR 1050020:0101 (101-110)","ШТ",10,39.31,393.1,"450045, г. Уфа, ПАО АНК \"Башнефть\" \"Башнефть-Новойл\""]
["Маркировка","ПАО АНК \"Башнефть\" \"Башнефть-Новойл\"",2,83,"Маркировка ZB5 QR 1050020:0111 (111-120)","ШТ",20,39.31,786.2,"450045, г. Уфа, ПАО АНК \"Башнефть\" \"Башнефть-Новойл\""]
["Маркировка","ПАО АНК \"Башнефть\" \"Башнефть-Новойл\"",2,84,"Маркировка ZB5 QR 1050020:0111 (111-120)","ШТ",6,39.31,235.86,"450045, г. Уфа, ПАО АНК \"Башнефть\" \"Башнефть-Новойл\""]
["Маркировка","ПАО АНК \"Башнефть\" \"Башнефть-Новойл\"",2,85,"Маркировка ZB5 QR 1050020:0111 (111-120)","ШТ",10,39.31,393.1,"450045, г. Уфа, ПАО АНК \"Башнефть\" \"Башнефть-Новойл\""]
["Маркировка","ПАО АНК \"Башнефть\" \"Башнефть-Новойл\"",2,86,"Маркировка ZB5 QR 1050020:0121 (121-130)","ШТ",20,39.31,786.2,"450045, г. Уфа, ПАО АНК \"Башнефть\" \"Башнефть-Новойл\""]
["Маркировка","ПАО АНК \"Башнефть\" \"Башнефть-Новойл\"",2,87,"Маркировка ZB5 QR 1050020:0121 (121-130)","ШТ",6,39.31,235.86,"450045, г. Уфа, ПАО АНК \"Башнефть\" \"Башнефть-Новойл\""]
["Маркировка","ПАО АНК \"Башнефть\" \"Башнефть-Новойл\"",2,88,"Маркировка ZB5 QR 1050020:0121 (121-130)","ШТ",10,39.31,393.1,"450045, г. Уфа, ПАО АНК \"Башнефть\" \"Башнефть-Новойл\""]
["Маркировка","ПАО АНК \"Башнефть\" \"Башнефть-Новойл\"",2,89,"Маркировка ZB5 QR 1050020:0131 (131-140)","ШТ",20,39.31,786.2,"450045, г. Уфа, ПАО АНК \"Башнефть\" \"Башнефть-Новойл\""]
["Маркировка","ПАО АНК \"Башнефть\" \"Башнефть-Новойл\"",2,90,"Маркировка ZB5 QR 1050020:0131 (131-140)","ШТ",6,39.31,235.86,"450045, г. Уфа, ПАО АНК \"Башнефть\" \"Башнефть-Новойл\""]
["Маркировка","ПАО АНК \"Башнефть\" \"Башнефть-Новойл\"",2,91,"Маркировка ZB5 QR 1050020:0131 (131-140)","ШТ",10,39.31,393.1,"450045, г. Уфа, ПАО АНК \"Башнефть\" \"Башнефть-Новойл\""]
["Маркировка","ПАО АНК \"Башнефть\" \"Башнефть-Новойл\"",2,92,"Маркировка ZB5 QR 1050020:0141 (141-150)","ШТ",20,39.31,786.2,"450045, г. Уфа, ПАО АНК \"Башнефть\" \"Башнефть-Новойл\""]
["Маркировка","ПАО АНК \"Башнефть\" \"Башнефть-Новойл\"",2,93,"Маркировка ZB5 QR 1050020:0141 (141-150)","ШТ",6,39.31,235.86,"450045, г. Уфа, ПАО АНК \"Башнефть\" \"Башнефть-Новойл\""]
["Маркировка","ПАО АНК \"Башнефть\" \"Башнефть-Новойл\"",2,94,"Маркировка ZB5 QR 1050020:0141 (141-150)","ШТ",10,39.31,393.1,"450045, г. Уфа, ПАО АНК \"Башнефть\" \"Башнефть-Новойл\""]
["Маркировка","ПАО АНК \"Башнефть\" \"Башнефть-Новойл\"",2,95,"Маркировка ZB5 QR 1050020:0151 (151-160)","ШТ",20,39.31,786.2,"450045, г. Уфа, ПАО АНК \"Башнефть\" \"Башнефть-Новойл\""]
["Маркировка","ПАО АНК \"Башнефть\" \"Башнефть-Новойл\"",2,96,"Маркировка ZB5 QR 1050020:0151 (151-160)","ШТ",3,39.31,117.93,"450045, г. Уфа, ПАО АНК \"Башнефть\" \"Башнефть-Новойл\""]
["Маркировка","ПАО АНК \"Башнефть\" \"Башнефть-Новойл\"",2,97,"Маркировка ZB5 QR 1050020:0151 (151-160)","ШТ",3,39.31,117.93,"450045, г. Уфа, ПАО АНК \"Башнефть\" \"Башнефть-Новойл\""]
["Маркировка","ПАО АНК \"Башнефть\" \"Башнефть-Новойл\"",2,98,"Маркировка ZB5 QR 1050020:0151 (151-160)","ШТ",10,39.31,393.1,"450045, г. Уфа, ПАО АНК \"Башнефть\" \"Башнефть-Новойл\""]
["Маркировка","ПАО АНК \"Башнефть\" \"Башнефть-Новойл\"",2,99,"Маркировка ZB5 QR 1050020:0161 (161-170)","ШТ",1,39.31,39.31,"450045, г. Уфа, ПАО АНК \"Башнефть\" \"Башнефть-Новойл\""]
["Маркировка","ПАО АНК \"Башнефть\" \"Башнефть-Новойл\"",2,100,"Маркировка ZB5 QR 1050020:0161 (161-170)","ШТ",20,39.31,786.2,"450045, г. Уфа, ПАО АНК \"Башнефть\" \"Башнефть-Новойл\""]
["Маркировка","ПАО АНК \"Башнефть\" \"Башнефть-Новойл\"",2,101,"Маркировка ZB5 QR 1050020:0161 (161-170)","ШТ",6,39.31,235.86,"450045, г. Уфа, ПАО АНК \"Башнефть\" \"Башнефть-Новойл\""]
["Маркировка","ПАО АНК \"Башнефть\" \"Башнефть-Новойл\"",2,102,"Маркировка ZB5 QR 1050020:0161 (161-170)","ШТ",9,39.31,353.79,"450045, г. Уфа, ПАО АНК \"Башнефть\" \"Башнефть-Новойл\""]
["Маркировка","ПАО АНК \"Башнефть\" \"Башнефть-Новойл\"",2,103,"Маркировка ZB5 QR 1050020:0171 (171-180)","ШТ",1,39.31,39.31,"450045, г. Уфа, ПАО АНК \"Башнефть\" \"Башнефть-Новойл\""]
["Маркировка","ПАО АНК \"Башнефть\" \"Башнефть-Новойл\"",2,104,"Маркировка ZB5 QR 1050020:0171 (171-180)","ШТ",20,39.31,786.2,"450045, г. Уфа, ПАО АНК \"Башнефть\" \"Башнефть-Новойл\""]
["Маркировка","ПАО АНК \"Башнефть\" \"Башнефть-Новойл\"",2,105,"Маркировка ZB5 QR 1050020:0171 (171-180)","ШТ",6,39.31,235.86,"450045, г. Уфа, ПАО АНК \"Башнефть\" \"Башнефть-Новойл\""]
["Маркировка","ПАО АНК \"Башнефть\" \"Башнефть-Новойл\"",2,106,"Маркировка ZB5 QR 1050020:0171 (171-180)","ШТ",9,39.31,353.79,"450045, г. Уфа, ПАО АНК \"Башнефть\" \"Башнефть-Новойл\""]
["Маркировка","ПАО АНК \"Башнефть\" \"Башнефть-Новойл\"",2,107,"Маркировка ZB5 QR 1050020:0181 (181-190)","ШТ",1,39.31,39.31,"450045, г. Уфа, ПАО АНК \"Башнефть\" \"Башнефть-Новойл\""]
["Маркировка","ПАО АНК \"Башнефть\" \"Башнефть-Новойл\"",2,108,"Маркировка ZB5 QR 1050020:0181 (181-190)","ШТ",20,39.31,786.2,"450045, г. Уфа, ПАО АНК \"Башнефть\" \"Башнефть-Новойл\""]
["Маркировка","ПАО АНК \"Башнефть\" \"Башнефть-Новойл\"",2,109,"Маркировка ZB5 QR 1050020:0181 (181-190)","ШТ",1,39.31,39.31,"450045, г. Уфа, ПАО АНК \"Башнефть\" \"Башнефть-Новойл\""]
["Маркировка","ПАО АНК \"Башнефть\" \"Башнефть-Новойл\"",2,110,"Маркировка ZB5 QR 1050020:0181 (181-190)","ШТ",5,39.31,196.55,"450045, г. Уфа, ПАО АНК \"Башнефть\" \"Башнефть-Новойл\""]
["Маркировка","ПАО АНК \"Башнефть\" \"Башнефть-Новойл\"",2,111,"Маркировка ZB5 QR 1050020:0181 (181-190)","ШТ",9,39.31,353.79,"450045, г. Уфа, ПАО АНК \"Башнефть\" \"Башнефть-Новойл\""]
["Маркировка","ПАО АНК \"Башнефть\" \"Башнефть-Новойл\"",2,112,"Маркировка ZB5 QR 1050020:0191 (191-200)","ШТ",1,39.31,39.31,"450045, г. Уфа, ПАО АНК \"Башнефть\" \"Башнефть-Новойл\""]
["Маркировка","ПАО АНК \"Башнефть\" \"Башнефть-Новойл\"",2,113,"Маркировка ZB5 QR 1050020:0191 (191-200)","ШТ",20,39.31,786.2,"450045, г. Уфа, ПАО АНК \"Башнефть\" \"Башнефть-Новойл\""]
["Маркировка","ПАО АНК \"Башнефть\" \"Башнефть-Новойл\"",2,114,"Маркировка ZB5 QR 1050020:0191 (191-200)","ШТ",6,39.31,235.86,"450045, г. Уфа, ПАО АНК \"Башнефть\" \"Башнефть-Новойл\""]
["Маркировка","ПАО АНК \"Башнефть\" \"Башнефть-Новойл\"",2,115,"Маркировка ZB5 QR 1050020:0191 (191-200)","ШТ",9,39.31,353.79,"450045, г. Уфа, ПАО АНК \"Башнефть\" \"Башнефть-Новойл\""]
["Маркировка","ПАО АНК \"Башнефть\" \"Башнефть-Новойл\"",2,116,"Маркировка ZB5 QR 1050020:0201 (201-210)","ШТ",1,39.31,39.31,"450045, г. Уфа, ПАО АНК \"Башнефть\" \"Башнефть-Новойл\""]
["Маркировка","ПАО АНК \"Башнефть\" \"Башнефть-Новойл\"",2,117,"Маркировка ZB5 QR 1050020:0201 (201-210)","ШТ",20,39.31,786.2,"450045, г. Уфа, ПАО АНК \"Башнефть\" \"Башнефть-Новойл\""]
["Маркировка","ПАО АНК \"Башнефть\" \"Башнефть-Новойл\"",2,118,"Маркировка ZB5 QR 1050020:0201 (201-210)","ШТ",5,39.31,196.55,"450045, г. Уфа, ПАО АНК \"Башнефть\" \"Башнефть-Новойл\""]
["Маркировка","ПАО АНК \"Башнефть\" \"Башнефть-Новойл\"",2,119,"Маркировка ZB5 QR 1050020:0201 (201-210)","ШТ",1,39.31,39.31,"450045, г. Уфа, ПАО АНК \"Башнефть\" \"Башнефть-Новойл\""]
["Маркировка","ПАО АНК \"Башнефть\" \"Башнефть-Новойл\"",2,120,"Маркировка ZB5 QR 1050020:0201 (201-210)","ШТ",9,39.31,353.79,"450045, г. Уфа, ПАО АНК \"Башнефть\" \"Башнефть-Новойл\""]
["Маркировка","ПАО АНК \"Башнефть\" \"Башнефть-Новойл\"",2,121,"Маркировка ZB5 QR 1050020:0211 (211-220)","ШТ",20,39.31,786.2,"450045, г. Уфа, ПАО АНК \"Башнефть\" \"Башнефть-Новойл\""]
["Маркировка","ПАО АНК \"Башнефть\" \"Башнефть-Новойл\"",2,122,"Маркировка ZB5 QR 1050020:0211 (211-220)","ШТ",6,39.31,235.86,"450045, г. Уфа, ПАО АНК \"Башнефть\" \"Башнефть-Новойл\""]
["Маркировка","ПАО АНК \"Башнефть\" \"Башнефть-Новойл\"",2,123,"Маркировка ZB5 QR 1050020:0211 (211-220)","ШТ",10,39.31,393.1,"450045, г. Уфа, ПАО АНК \"Башнефть\" \"Башнефть-Новойл\""]
["Маркировка","ПАО АНК \"Башнефть\" \"Башнефть-Новойл\"",2,124,"Маркировка ZB5 QR 1050020:0221 (221-230)","ШТ",20,39.31,786.2,"450045, г. Уфа, ПАО АНК \"Башнефть\" \"Башнефть-Новойл\""]
["Маркировка","ПАО АНК \"Башнефть\" \"Башнефть-Новойл\"",2,125,"Маркировка ZB5 QR 1050020:0221 (221-230)","ШТ",5,39.31,196.55,"450045, г. Уфа, ПАО АНК \"Башнефть\" \"Башнефть-Новойл\""]
["Маркировка","ПАО АНК \"Башнефть\" \"Башнефть-Новойл\"",2,126,"Маркировка ZB5 QR 1050020:0221 (221-230)","ШТ",1,39.31,39.31,"450045, г. Уфа, ПАО АНК \"Башнефть\" \"Башнефть-Новойл\""]
["Маркировка","ПАО АНК \"Башнефть\" \"Башнефть-Новойл\"",2,127,"Маркировка ZB5 QR 1050020:0221 (221-230)","ШТ",10,39.31,393.1,"450045, г. Уфа, ПАО АНК \"Башнефть\" \"Башнефть-Новойл\""]
["Маркировка","ПАО АНК \"Башнефть\" \"Башнефть-Новойл\"",2,128,"Маркировка ZB5 QR 1050020:0231 (231-240)","ШТ",20,39.31,786.2,"450045, г. Уфа, ПАО АНК \"Башнефть\" \"Башнефть-Новойл\""]
["Маркировка","ПАО АНК \"Башнефть\" \"Башнефть-Новойл\"",2,129,"Маркировка ZB5 QR 1050020:0231 (231-240)","ШТ",1,39.31,{"$f":"G133*H133","v":39.31},"450045, г. Уфа, ПАО АНК \"Башнефть\" \"Башнефть-Новойл\""]
["Маркировка","ПАО АНК \"Башнефть\" \"Башнефть-Новойл\"",2,130,"Маркировка ZB5 QR 1050020:0231 (231-240)","ШТ",5,39.31,196.55,"450045, г. Уфа, ПАО АНК \"Башнефть\" \"Башнефть-Новойл\""]
["Маркировка","ПАО АНК \"Башнефть\" \"Башнефть-Новойл\"",2,131,"Маркировка ZB5 QR 1050020:0231 (231-240)","ШТ",10,39.31,393.1,"450045, г. Уфа, ПАО АНК \"Башнефть\" \"Башнефть-Новойл\""]
["Маркировка","ПАО АНК \"Башнефть\" \"Башнефть-Новойл\"",2,132,"Маркировка ZB5 QR 1050020:0241 (241-250)","ШТ",11,39.31,432.41,"450045, г. Уфа, ПАО АНК \"Башнефть\" \"Башнефть-Новойл\""]
["Маркировка","ПАО АНК \"Башнефть\" \"Башнефть-Новойл\"",2,133,"Маркировка ZB5 QR 1050020:0241 (241-250)","ШТ",9,39.31,353.79,"450045, г. Уфа, ПАО АНК \"Башнефть\" \"Башнефть-Новойл\""]
["Маркировка","ПАО АНК \"Башнефть\" \"Башнефть-Новойл\"",2,134,"Маркировка ZB5 QR 1050020:0241 (241-250)","ШТ",6,39.31,235.86,"450045, г. Уфа, ПАО АНК \"Башнефть\" \"Башнефть-Новойл\""]
["Маркировка","ПАО АНК \"Башнефть\" \"Башнефть-Новойл\"",2,135,"Маркировка ZB5 QR 1050020:0241 (241-250)","ШТ",10,39.31,393.1,"450045, г. Уфа, ПАО АНК \"Башнефть\" \"Башнефть-Новойл\""]
["Маркировка","ПАО АНК \"Башнефть\" \"Башнефть-Новойл\"",2,136,"Маркировка ZB5 QR 1050020:0251 (251-260)","ШТ",10,39.31,393.1,"450045, г. Уфа, ПАО АНК \"Башнефть\" \"Башнефть-Новойл\""]
["Маркировка","ПАО АНК \"Башнефть\" \"Башнефть-Новойл\"",2,137,"Маркировка ZB5 QR 1050020:0251 (251-260)","ШТ",10,39.31,393.1,"450045, г. Уфа, ПАО АНК \"Башнефть\" \"Башнефть-Новойл\""]
["Маркировка","ПАО АНК \"Башнефть\" \"Башнефть-Новойл\"",2,138,"Маркировка ZB5 QR 1050020:0251 (251-260)","ШТ",6,39.31,235.86,"450045, г. Уфа, ПАО АНК \"Башнефть\" \"Башнефть-Новойл\""]
["Маркировка","ПАО АНК \"Башнефть\" \"Башнефть-Новойл\"",2,139,"Маркировка ZB5 QR 1050020:0251 (251-260)","ШТ",10,39.31,393.1,"450045, г. Уфа, ПАО АНК \"Башнефть\" \"Башнефть-Новойл\""]
["Маркировка","ПАО АНК \"Башнефть\" \"Башнефть-Новойл\"",2,140,"Маркировка ZB5 QR 1050020:0261 (261-270)","ШТ",16,39.31,628.96,"450045, г. Уфа, ПАО АНК \"Башнефть\" \"Башнефть-Новойл\""]
["Маркировка","ПАО АНК \"Башнефть\" \"Башнефть-Новойл\"",2,141,"Маркировка ZB5 QR 1050020:0261 (261-270)","ШТ",4,39.31,157.24,"450045, г. Уфа, ПАО АНК \"Башнефть\" \"Башнефть-Новойл\""]
["Маркировка","ПАО АНК \"Башнефть\" \"Башнефть-Новойл\"",2,142,"Маркировка ZB5 QR 1050020:0261 (261-270)","ШТ",4,39.31,157.24,"450045, г. Уфа, ПАО АНК \"Башнефть\" \"Башнефть-Новойл\""]
["Маркировка","ПАО АНК \"Башнефть\" \"Башнефть-Новойл\"",2,143,"Маркировка ZB5 QR 1050020:0261 (261-270)","ШТ",2,39.31,78.62,"450045, г. Уфа, ПАО АНК \"Башнефть\" \"Башнефть-Новойл\""]
["Маркировка","ПАО АНК \"Башнефть\" \"Башнефть-Новойл\"",2,144,"Маркировка ZB5 QR 1050020:0261 (261-270)","ШТ",10,39.31,393.1,"450045, г. Уфа, ПАО АНК \"Башнефть\" \"Башнефть-Новойл\""]
["Маркировка","ПАО АНК \"Башнефть\" \"Башнефть-Новойл\"",2,145,"Маркировка ZB5 QR 1050020:0271 (271-280)","ШТ",6,39.31,235.86,"450045, г. Уфа, ПАО АНК \"Башнефть\" \"Башнефть-Новойл\""]
["Маркировка","ПАО АНК \"Башнефть\" \"Башнефть-Новойл\"",2,146,"Маркировка ZB5 QR 1050020:0271 (271-280)","ШТ",6,39.31,235.86,"450045, г. Уфа, ПАО АНК \"Башнефть\" \"Башнефть-Новойл\""]
["Маркировка","ПАО АНК \"Башнефть\" \"Башнефть-Новойл\"",2,147,"Маркировка ZB5 QR 1050020:0271 (271-280)","ШТ",10,39.31,393.1,"450045, г. Уфа, ПАО АНК \"Башнефть\" \"Башнефть-Новойл\""]
["Маркировка","ПАО АНК \"Башнефть\" \"Башнефть-Новойл\"",2,148,"Маркировка ZB5 QR 1050020:0281 (281-290)","ШТ",2,39.31,78.62,"450045, г. Уфа, ПАО АНК \"Башнефть\" \"Башнефть-Новойл\""]
["Маркировка","ПАО АНК \"Башнефть\" \"Башнефть-Новойл\"",2,149,"Маркировка ZB5 QR 1050020:0281 (281-290)","ШТ",2,39.31,78.62,"450045, г. Уфа, ПАО АНК \"Башнефть\" \"Башнефть-Новойл\""]
["Маркировка","ПАО АНК \"Башнефть\" \"Башнефть-Новойл\"",2,150,"Маркировка ZB5 QR 1050020:0281 (281-290)","ШТ",4,39.31,157.24,"450045, г. Уфа, ПАО АНК \"Башнефть\" \"Башнефть-Новойл\""]
["Маркировка","ПАО АНК \"Башнефть\" \"Башнефть-Новойл\"",2,151,"Маркировка ZB5 QR 1050020:0291 (291-300)","ШТ",4,39.31,157.24,"450045, г. Уфа, ПАО АНК \"Башнефть\" \"Башнефть-Новойл\""]
["Маркировка","ПАО АНК \"Башнефть\" \"Башнефть-Новойл\"",2,152,"Маркировка ZB5 QR 1050020:0291 (291-300)","ШТ",4,39.31,157.24,"450045, г. Уфа, ПАО АНК \"Башнефть\" \"Башнефть-Новойл\""]
["Маркировка","ПАО АНК \"Башнефть\" \"Башнефть-Новойл\"",2,153,"Маркировка ZB5 QR 1050020:0291 (291-300)","ШТ",2,39.31,78.62,"450045, г. Уфа, ПАО АНК \"Башнефть\" \"Башнефть-Новойл\""]
["Маркировка","ПАО АНК \"Башнефть\" \"Башнефть-Новойл\"",2,154,"Маркировка ZB6 LGS 1051016:0001 (1-10)","ШТ",1,39.31,39.31,"450045, г. Уфа, ПАО АНК \"Башнефть\" \"Башнефть-Новойл\""]
["Маркировка","ПАО АНК \"Башнефть\" \"Башнефть-Новойл\"",2,155,"Маркировка ZB6/WH-100:UNBEDRUCKT 5060935","ШТ",99,39.31,3891.69,"450045, г. Уфа, ПАО АНК \"Башнефть\" \"Башнефть-Новойл\""]
["Маркировка","ПАО АНК \"Башнефть\" \"Башнефть-Новойл\"",2,156,"Маркировка ZB8 QR 1052028:0011 (11-20)","ШТ",1,39.31,39.31,"450045, г. Уфа, ПАО АНК \"Башнефть\" \"Башнефть-Новойл\""]
["Маркировка","ПАО АНК \"Башнефть\" \"Башнефть-Новойл\"",2,157,"Маркировка ZB8 QR 1052028:0011 (11-20)","ШТ",1,39.31,39.31,"450045, г. Уфа, ПАО АНК \"Башнефть\" \"Башнефть-Новойл\""]
["Маркировка","ПАО АНК \"Башнефть\" \"Башнефть-Новойл\"",2,158,"Маркировка ZB8 QR 1052028:0011 (11-20)","ШТ",10,39.31,393.1,"450045, г. Уфа, ПАО АНК \"Башнефть\" \"Башнефть-Новойл\""]
["Маркировка","ПАО АНК \"Башнефть\" \"Башнефть-Новойл\"",2,159,"Маркировка ZB8 QR 1052028:0011 (11-20)","ШТ",2,39.31,78.62,"450045, г. Уфа, ПАО АНК \"Башнефть\" \"Башнефть-Новойл\""]
["Маркировка","ПАО АНК \"Башнефть\" \"Башнефть-Новойл\"",2,160,"Маркировка ZB8 QR 1052028:0021 (21-30)","ШТ",1,39.31,39.31,"450045, г. Уфа, ПАО АНК \"Башнефть\" \"Башнефть-Новойл\""]
["Маркировка","ПАО АНК \"Башнефть\" \"Башнефть-Новойл\"",2,161,"Маркировка ZB8 QR 1052028:0021 (21-30)","ШТ",1,39.31,39.31,"450045, г. Уфа, ПАО АНК \"Башнефть\" \"Башнефть-Новойл\""]
["Маркировка","ПАО АНК \"Башнефть\" \"Башнефть-Новойл\"",2,162,"Маркировка ZB8 QR 1052028:0021 (21-30)","ШТ",10,39.31,393.1,"450045, г. Уфа, ПАО АНК \"Башнефть\" \"Башнефть-Новойл\""]
["Маркировка","ПАО АНК \"Башнефть\" \"Башнефть-Новойл\"",2,163,"Маркировка ZB8 QR 1052028:0021 (21-30)","ШТ",2,39.31,78.62,"450045, г. Уфа, ПАО АНК \"Башнефть\" \"Башнефть-Новойл\""]
["Маркировка","ПАО АНК \"Башнефть\" \"Башнефть-Новойл\"",2,164,"Маркировка ZB8 QR 1052028:0031 (31-40)","ШТ",2,39.31,78.62,"450045, г. Уфа, ПАО АНК \"Башнефть\" \"Башнефть-Новойл\""]
["Маркировка","ПАО АНК \"Башнефть\" \"Башнефть-Новойл\"",2,165,"Маркировка ZB8 QR 1052028:0031 (31-40)","ШТ",10,39.31,393.1,"450045, г. Уфа, ПАО АНК \"Башнефть\" \"Башнефть-Новойл\""]
["Маркировка","ПАО АНК \"Башнефть\" \"Башнефть-Новойл\"",2,166,"Маркировка ZB8 QR 1052028:0031 (31-40)","ШТ",2,39.31,78.62,"450045, г. Уфа, ПАО АНК \"Башнефть\" \"Башнефть-Новойл\""]
["Маркировка","ПАО АНК \"Башнефть\" \"Башнефть-Новойл\"",2,167,"Маркировка ZB8 QR 1052028:0041 (41-50)","ШТ",2,39.31,78.62,"450045, г. Уфа, ПАО АНК \"Башнефть\" \"Башнефть-Новойл\""]
["Маркировка","ПАО АНК \"Башнефть\" \"Башнефть-Новойл\"",2,168,"Маркировка ZB8 QR 1052028:0041 (41-50)","ШТ",10,39.31,393.1,"450045, г. Уфа, ПАО АНК \"Башнефть\" \"Башнефть-Новойл\""]
["Маркировка","ПАО АНК \"Башнефть\" \"Башнефть-Новойл\"",2,169,"Маркировка ZB8 QR 1052028:0041 (41-50)","ШТ",2,39.31,78.62,"450045, г. Уфа, ПАО АНК \"Башнефть\" \"Башнефть-Новойл\""]
["Маркировка","ПАО АНК \"Башнефть\" \"Башнефть-Новойл\"",2,170,"Маркировка ZB8 QR 1052028:0051 (51-60)","ШТ",2,39.31,78.62,"450045, г. Уфа, ПАО АНК \"Башнефть\" \"Башнефть-Новойл\""]
["Маркировка","ПАО АНК \"Башнефть\" \"Башнефть-Новойл\"",2,171,"Маркировка ZB8 QR 1052028:0051 (51-60)","ШТ",10,39.31,393.1,"450045, г. Уфа, ПАО АНК \"Башнефть\" \"Башнефть-Новойл\""]
["Маркировка","ПАО АНК \"Башнефть\" \"Башнефть-Новойл\"",2,172,"Маркировка ZB8 QR 1052028:0061 (61-70)","ШТ",2,39.31,78.62,"450045, г. Уфа, ПАО АНК \"Башнефть\" \"Башнефть-Новойл\""]
["Маркировка","ПАО АНК \"Башнефть\" \"Башнефть-Новойл\"",2,173,"Маркировка ZB8 QR 1052028:0061 (61-70)","ШТ",10,39.31,393.1,"450045, г. Уфа, ПАО АНК \"Башнефть\" \"Башнефть-Новойл\""]
["Маркировка","ПАО АНК \"Башнефть\" \"Башнефть-Новойл\"",2,174,"Маркировка ZB8 QR 1052028:0071 (71-80)","ШТ",2,39.31,78.62,"450045, г. Уфа, ПАО АНК \"Башнефть\" \"Башнефть-Новойл\""]
["Маркировка","ПАО АНК \"Башнефть\" \"Башнефть-Новойл\"",2,175,"Маркировка ZB8 QR 1052028:0071 (71-80)","ШТ",10,39.31,393.1,"450045, г. Уфа, ПАО АНК \"Башнефть\" \"Башнефть-Новойл\""]
["Маркировка","ПАО АНК \"Башнефть\" \"Башнефть-Новойл\"",2,176,"Маркировка ZB8 QR 1052028:0081 (81-90)","ШТ",2,39.31,78.62,"450045, г. Уфа, ПАО АНК \"Башнефть\" \"Башнефть-Новойл\""]
["Маркировка","ПАО АНК \"Башнефть\" \"Башнефть-Новойл\"",2,177,"Маркировка ZB8 QR 1052028:0081 (81-90)","ШТ",10,39.31,393.1,"450045, г. Уфа, ПАО АНК \"Башнефть\" \"Башнефть-Новойл\""]
["Маркировка","ПАО АНК \"Башнефть\" \"Башнефть-Новойл\"",2,178,"Маркировка ZB8 QR 1052028:0091 (91-100)","ШТ",2,39.31,78.62,"450045, г. Уфа, ПАО АНК \"Башнефть\" \"Башнефть-Новойл\""]
["Маркировка","ПАО АНК \"Башнефть\" \"Башнефть-Новойл\"",2,179,"Маркировка ZB8 QR 1052028:0091 (91-100)","ШТ",10,39.31,393.1,"450045, г. Уфа, ПАО АНК \"Башнефть\" \"Башнефть-Новойл\""]
["Маркировка","ПАО АНК \"Башнефть\" \"Башнефть-Новойл\"",2,180,"Маркировка ZB8 QR 1052028:0101 (101-110)","ШТ",10,39.31,393.1,"450045, г. Уфа, ПАО АНК \"Башнефть\" \"Башнефть-Новойл\""]
["Маркировка","ПАО АНК \"Башнефть\" \"Башнефть-Новойл\"",2,181,"Маркировка ZB8 QR 1052028:0111 (111-120)","ШТ",10,39.31,393.1,"450045, г. Уфа, ПАО АНК \"Башнефть\" \"Башнефть-Новойл\""]
["Маркировка","ПАО АНК \"Башнефть\" \"Башнефть-Новойл\"",2,182,"Маркировка ZB8 QR 1052028:0121 (121-130)","ШТ",3,39.31,117.93,"450045, г. Уфа, ПАО АНК \"Башнефть\" \"Башнефть-Новойл\""]
["Маркировка","ПАО АНК \"Башнефть\" \"Башнефть-Новойл\"",2,183,"Маркировка ZB8 QR 1052028:0121 (121-130)","ШТ",7,39.31,275.17,"450045, г. Уфа, ПАО АНК \"Башнефть\" \"Башнефть-Новойл\""]
["Маркировка","ПАО АНК \"Башнефть\" \"Башнефть-Новойл\"",2,184,"Маркировка ZB8 QR 1052028:0121 (121-130)","ШТ",1,39.31,39.31,"450045, г. Уфа, ПАО АНК \"Башнефть\" \"Башнефть-Новойл\""]
["Маркировка","ПАО АНК \"Башнефть\" \"Башнефть-Новойл\"",2,185,"Маркировка ZB8 QR 1052028:0131 (131-140)","ШТ",4,39.31,157.24,"450045, г. Уфа, ПАО АНК \"Башнефть\" \"Башнефть-Новойл\""]
["Маркировка","ПАО АНК \"Башнефть\" \"Башнефть-Новойл\"",2,186,"Маркировка ZB8 QR 1052028:0141 (141-150)","ШТ",4,39.31,157.24,"450045, г. Уфа, ПАО АНК \"Башнефть\" \"Башнефть-Новойл\""]
["Маркировка","ПАО АНК \"Башнефть\" \"Башнефть-Новойл\"",2,187,"Маркировка ZB8 QR 1052028:0151 (151-160)","ШТ",4,39.31,157.24,"450045, г. Уфа, ПАО АНК \"Башнефть\" \"Башнефть-Новойл\""]
["Маркировка","ПАО АНК \"Башнефть\" \"Башнефть-Новойл\"",2,188,"Маркировка ZB8 QR 1052028:0161 (161-170)","ШТ",4,39.31,157.24,"450045, г. Уфа, ПАО АНК \"Башнефть\" \"Башнефть-Новойл\""]
["Маркировка","ПАО АНК \"Башнефть\" \"Башнефть-Новойл\"",2,189,"Маркировка ZB8 QR 1052028:0171 (171-180)","ШТ",4,39.31,157.24,"450045, г. Уфа, ПАО АНК \"Башнефть\" \"Башнефть-Новойл\""]
["Маркировка","ПАО АНК \"Башнефть\" \"Башнефть-Новойл\"",2,190,"Маркировка ZB8 QR 1052028:0191 (191-200)","ШТ",4,39.31,157.24,"450045, г. Уфа, ПАО АНК \"Башнефть\" \"Башнефть-Новойл\""]
["Маркировка","ПАО АНК \"Башнефть\" \"Башнефть-Новойл\"",2,191,"Маркировка ZB8 QR 1052028:0201 (201-210)","ШТ",1,39.31,39.31,"450045, г. Уфа, ПАО АНК \"Башнефть\" \"Башнефть-Новойл\""]
["Маркировка","ПАО АНК \"Башнефть\" \"Башнефть-Новойл\"",2,192,"Маркировка ZB8 QR 1052028:0201 (201-210)","ШТ",10,39.31,393.1,"450045, г. Уфа, ПАО АНК \"Башнефть\" \"Башнефть-Новойл\""]
["Маркировка","ПАО АНК \"Башнефть\" \"Башнефть-Новойл\"",2,193,"Маркировка ZB8 QR 1052028:0201 (201-210)","ШТ",10,39.31,{"$f":"G197*H197","v":393.1},"450045, г. Уфа, ПАО АНК \"Башнефть\" \"Башнефть-Новойл\""]
["Маркировка","ПАО АНК \"Башнефть\" \"Башнефть-Новойл\"",2,194,"Маркировка ZB8 QR 1052028:0201 (201-210)","ШТ",4,39.31,157.24,"450045, г. Уфа, ПАО АНК \"Башнефть\" \"Башнефть-Новойл\""]
["Маркировка","ПАО АНК \"Башнефть\" \"Башнефть-Новойл\"",2,195,"Маркировка ZB8 QR 1052028:0211 (211-220)","ШТ",10,39.31,393.1,"450045, г. Уфа, ПАО АНК \"Башнефть\" \"Башнефть-Новойл\""]
["Маркировка","ПАО АНК \"Башнефть\" \"Башнефть-Новойл\"",2,196,"Маркировка ZB8 QR 1052028:0211 (211-220)","ШТ",10,39.31,393.1,"450045, г. Уфа, ПАО АНК \"Башнефть\" \"Башнефть-Новойл\""]
["Маркировка","ПАО АНК \"Башнефть\" \"Башнефть-Новойл\"",2,197,"Маркировка ZB8 QR 1052028:0221 (221-230)","ШТ",10,39.31,393.1,"450045, г. Уфа, ПАО АНК \"Башнефть\" \"Башнефть-Новойл\""]
["Маркировка","ПАО АНК \"Башнефть\" \"Башнефть-Новойл\"",2,198,"Маркировка ZB8 QR 1052028:0221 (221-230)","ШТ",10,39.31,393.1,"450045, г. Уфа, ПАО АНК \"Башнефть\" \"Башнефть-Новойл\""]
["Маркировка","ПАО АНК \"Башнефть\" \"Башнефть-Новойл\"",2,199,"Маркировка ZB8 QR 1052028:0231 (231-240)","ШТ",10,39.31,393.1,"450045, г. Уфа, ПАО АНК \"Башнефть\" \"Башнефть-Новойл\""]
["Маркировка","ПАО АНК \"Башнефть\" \"Башнефть-Новойл\"",2,200,"Маркировка ZB8 QR 1052028:0231 (231-240)","ШТ",10,39.31,393.1,"450045, г. Уфа, ПАО АНК \"Башнефть\" \"Башнефть-Новойл\""]
["Маркировка","ПАО АНК \"Башнефть\" \"Башнефть-Новойл\"",2,201,"Маркировка ZB8 QR 1052028:0241 (241-250)","ШТ",10,39.31,393.1,"450045, г. Уфа, ПАО АНК \"Башнефть\" \"Башнефть-Новойл\""]
["Маркировка","ПАО АНК \"Башнефть\" \"Башнефть-Новойл\"",2,202,"Маркировка ZB8 QR 1052028:0241 (241-250)","ШТ",10,39.31,393.1,"450045, г. Уфа, ПАО АНК \"Башнефть\" \"Башнефть-Новойл\""]
["Маркировка","ПАО АНК \"Башнефть\" \"Башнефть-Новойл\"",2,203,"Маркировка ZB8 QR 1052028:0251 (251-260)","ШТ",10,39.31,393.1,"450045, г. Уфа, ПАО АНК \"Башнефть\" \"Башнефть-Новойл\""]
["Маркировка","ПАО АНК \"Башнефть\" \"Башнефть-Новойл\"",2,204,"Маркировка ZB8 QR 1052028:0251 (251-260)","ШТ",10,39.31,393.1,"450045, г. Уфа, ПАО АНК \"Башнефть\" \"Башнефть-Новойл\""]
["Маркировка","ПАО АНК \"Башнефть\" \"Башнефть-Новойл\"",2,205,"Маркировка ZB8 QR 1052028:0261 (261-270)","ШТ",10,39.31,393.1,"450045, г. Уфа, ПАО АНК \"Башнефть\" \"Башнефть-Новойл\""]
["Маркировка","ПАО АНК \"Башнефть\" \"Башнефть-Новойл\"",2,206,"Маркировка ZB8 QR 1052028:0261 (261-270)","ШТ",10,39.31,393.1,"450045, г. Уфа, ПАО АНК \"Башнефть\" \"Башнефть-Новойл\""]
["Маркировка","ПАО АНК \"Башнефть\" \"Башнефть-Новойл\"",2,207,"Маркировка ZB8 QR 1052028:0271 (271-280)","ШТ",10,39.31,393.1,"450045, г. Уфа, ПАО АНК \"Башнефть\" \"Башнефть-Новойл\""]
["Маркировка","ПАО АНК \"Башнефть\" \"Башнефть-Новойл\"",2,208,"Маркировка ZB8 QR 1052028:0271 (271-280)","ШТ",10,39.31,393.1,"450045, г. Уфа, ПАО АНК \"Башнефть\" \"Башнефть-Новойл\""]
["Маркировка","ПАО АНК \"Башнефть\" \"Башнефть-Новойл\"",2,209,"Маркировка ZB8 QR 1052028:0281 (281-290)","ШТ",10,39.31,393.1,"450045, г. Уфа, ПАО АНК \"Башнефть\" \"Башнефть-Новойл\""]
["Маркировка","ПАО АНК \"Башнефть\" \"Башнефть-Новойл\"",2,210,"Маркировка ZB8 QR 1052028:0281 (281-290)","ШТ",10,39.31,393.1,"450045, г. Уфа, ПАО АНК \"Башнефть\" \"Башнефть-Новойл\""]
["Маркировка","ПАО АНК \"Башнефть\" \"Башнефть-Новойл\"",2,211,"Маркировка ZB8 QR 1052028:0291 (291-300)","ШТ",10,39.31,393.1,"450045, г. Уфа, ПАО АНК \"Башнефть\" \"Башнефть-Новойл\""]
["Маркировка","ПАО АНК \"Башнефть\" \"Башнефть-Новойл\"",2,212,"Маркировка ZB8 QR 1052028:0291 (291-300)","ШТ",10,39.31,393.1,"450045, г. Уфа, ПАО АНК \"Башнефть\" \"Башнефть-Новойл\""]
["Маркировка","ПАО АНК \"Башнефть\" \"Башнефть-Новойл\"",2,213,"Маркировка ZBF 6/WH-100 0808736","ШТ",500,1.28,640,"450045, г. Уфа, ПАО АНК \"Башнефть\" \"Башнефть-Новойл\""]
["Маркировка","ПАО АНК \"Башнефть\" \"Башнефть-Новойл\"",2,214,"Маркировка ZBF10:UNBEDRUCKT 0809997","ШТ",4,9.77,39.08,"450045, г. Уфа, ПАО АНК \"Башнефть\" \"Башнефть-Новойл\""]
["Электромонтажные изделия","ПАО АНК \"Башнефть\" \"Башнефть-Новойл\"",3,215,"Короб TA-GN 60х40УХЛ2 L=2м DKC 01780","ШТ",1,204.82,204.82,"450045, г. Уфа, ПАО АНК \"Башнефть\" \"Башнефть-Новойл\""]
["Электромонтажные изделия","ПАО АНК \"Башнефть\" \"Башнефть-Новойл\"",3,216,"Короб 100х50 У1107ц УТ1,5","ШТ",2,236.93,473.86,"450045, г. Уфа, ПАО АНК \"Башнефть\" \"Башнефть-Новойл\""]
["Электромонтажные изделия","ПАО АНК \"Башнефть\" \"Башнефть-Новойл\"",3,217,"Короб 100х50 У1108ц УТ1,5","ШТ",2,236.93,473.86,"450045, г. Уфа, ПАО АНК \"Башнефть\" \"Башнефть-Новойл\""]
["Электромонтажные изделия","ПАО АНК \"Башнефть\" \"Башнефть-Новойл\"",3,218,"Короб 100х65х2000 оцин.S=1.2мм УТ1.5","ШТ",10,438.61,4386.1000000000004,"450045, г. Уфа, ПАО АНК \"Башнефть\" \"Башнефть-Новойл\""]
["Электромонтажные изделия","ПАО АНК \"Башнефть\" \"Башнефть-Новойл\"",3,219,"Короб 400х65х2000 оцин.S=1.2мм УТ1.5","ШТ",10,1284.79,12847.9,"450045, г. Уфа, ПАО АНК \"Башнефть\" \"Башнефть-Новойл\""]
["Электромонтажные изделия","ПАО АНК \"Башнефть\" \"Башнефть-Новойл\"",3,220,"Короб EKA G 100х80 УТ1,5 арт. 121004","ШТ",4,511.29,2045.16,"450045, г. Уфа, ПАО АНК \"Башнефть\" \"Башнефть-Новойл\""]
["Электромонтажные изделия","ПАО АНК \"Башнефть\" \"Башнефть-Новойл\"",3,221,"Короб TA-GN 60х40УХЛ2 L=2м DKC 01780","ШТ",1,204.82,204.82,"450045, г. Уфа, ПАО АНК \"Башнефть\" \"Башнефть-Новойл\""]
["Электромонтажные изделия","ПАО АНК \"Башнефть\" \"Башнефть-Новойл\"",3,222,"Короб монтажный У1105ц 100х50 УТ1,5","ШТ",35,336.42,11774.7,"450045, г. Уфа, ПАО АНК \"Башнефть\" \"Башнефть-Новойл\""]
["Электромонтажные изделия","ПАО АНК \"Башнефть\" \"Башнефть-Новойл\"",3,223,"Короб монтажный У1109ц 100х50 УТ1,5","ШТ",5,280.63,1403.15,"450045, г. Уфа, ПАО АНК \"Башнефть\" \"Башнефть-Новойл\""]
["Электромонтажные изделия","ПАО АНК \"Башнефть\" \"Башнефть-Новойл\"",3,224,"Лента полиэстеровая - Р - 1,0х19х900","ПМ",14920,1.42,21186.399999999998,"450045, г. Уфа, ПАО АНК \"Башнефть\" \"Башнефть-Новойл\""]
["Электромонтажные изделия","ПАО АНК \"Башнефть\" \"Башнефть-Новойл\"",3,225,"Лента полиэстеровая - Р - 1,0х19х900","ПМ",4000,1.42,5680,"450045, г. Уфа, ПАО АНК \"Башнефть\" \"Башнефть-Новойл\""]
["Электромонтажные изделия","ПАО АНК \"Башнефть\" \"Башнефть-Новойл\"",3,226,"Лента п/э с липким слоем 0.08x50 20477","М",1300,2.88,3744,"450045, г. Уфа, ПАО АНК \"Башнефть\" \"Башнефть-Новойл\""]
["Электромонтажные изделия","ПАО АНК \"Башнефть\" \"Башнефть-Новойл\"",3,227,"Винт М5х8 для крышек DKC CM030508","ШТ",150,2.54,381,"450045, г. Уфа, ПАО АНК \"Башнефть\" \"Башнефть-Новойл\""]
["Электромонтажные изделия","ПАО АНК \"Башнефть\" \"Башнефть-Новойл\"",3,228,"Дюбель У658","ШТ",30,1.27,38.1,"450045, г. Уфа, ПАО АНК \"Башнефть\" \"Башнефть-Новойл\""]
["Электромонтажные изделия","ПАО АНК \"Башнефть\" \"Башнефть-Новойл\"",3,229,"Дюбель У658","ШТ",4,1.27,5.08,"450045, г. Уфа, ПАО АНК \"Башнефть\" \"Башнефть-Новойл\""]
["Электромонтажные изделия","ПАО АНК \"Башнефть\" \"Башнефть-Новойл\"",3,230,"Дюбель У658","ШТ",50,1.27,63.5,"450045, г. Уфа, ПАО АНК \"Башнефть\" \"Башнефть-Новойл\""]
["Электромонтажные изделия","ПАО АНК \"Башнефть\" \"Башнефть-Новойл\"",3,231,"Дюбель У658","ШТ",100,1.27,127,"450045, г. Уфа, ПАО АНК \"Башнефть\" \"Башнефть-Новойл\""]
["Электромонтажные изделия","ПАО АНК \"Башнефть\" \"Башнефть-Новойл\"",3,232,"Дюбель У658","ШТ",20,1.27,25.4,"450045, г. Уфа, ПАО АНК \"Башнефть\" \"Башнефть-Новойл\""]
["Электромонтажные изделия","ПАО АНК \"Башнефть\" \"Башнефть-Новойл\"",3,233,"Дюбель У658","ШТ",100,1.27,127,"450045, г. Уфа, ПАО АНК \"Башнефть\" \"Башнефть-Новойл\""]
["Электромонтажные изделия","ПАО АНК \"Башнефть\" \"Башнефть-Новойл\"",3,234,"Желоб защитный с накладками ЖЗсН","ШТ",10,345.26,3452.6,"450045, г. Уфа, ПАО АНК \"Башнефть\" \"Башнефть-Новойл\""]
["Электромонтажные изделия","ПАО АНК \"Башнефть\" \"Башнефть-Новойл\"",3,235,"Зажим тросовый К296-У3","ШТ",19,56.09,1065.71,"450045, г. Уфа, ПАО АНК \"Башнефть\" \"Башнефть-Новойл\""]
["Электромонтажные изделия","ПАО АНК \"Башнефть\" \"Башнефть-Новойл\"",3,236,"Кабель-канал Legrand L/36217 80х80мм","М",1,952.86,952.86,"450045, г. Уфа, ПАО АНК \"Башнефть\" \"Башнефть-Новойл\""]
["Электромонтажные изделия","ПАО АНК \"Башнефть\" \"Башнефть-Новойл\"",3,237,"Кабель-канал Legrand L/36217 80х80мм","М",3,952.86,2858.58,"450045, г. Уфа, ПАО АНК \"Башнефть\" \"Башнефть-Новойл\""]
["Электромонтажные изделия","ПАО АНК \"Башнефть\" \"Башнефть-Новойл\"",3,238,"Кабель-канал Legrand L/36217 80х80мм","М",2,952.86,1905.72,"450045, г. Уфа, ПАО АНК \"Башнефть\" \"Башнефть-Новойл\""]
["Электромонтажные изделия","ПАО АНК \"Башнефть\" \"Башнефть-Новойл\"",3,239,"Кабель-канал Legrand L/36217 80х80мм","М",1,952.86,952.86,"450045, г. Уфа, ПАО АНК \"Башнефть\" \"Башнефть-Новойл\""]
["Электромонтажные изделия","ПАО АНК \"Башнефть\" \"Башнефть-Новойл\"",3,240,"Кабель-канал Legrand L/36217 80х80мм","М",30,952.86,28585.8,"450045, г. Уфа, ПАО АНК \"Башнефть\" \"Башнефть-Новойл\""]
["Электромонтажные изделия","ПАО АНК \"Башнефть\" \"Башнефть-Новойл\"",3,241,"Кабель-канал Legrand L/36217 80х80мм","М",22,952.86,20962.920000000002,"450045, г. Уфа, ПАО АНК \"Башнефть\" \"Башнефть-Новойл\""]
["Электромонтажные изделия","ПАО АНК \"Башнефть\" \"Башнефть-Новойл\"",3,242,"Кронштейн СК467","ШТ",14,70.73,990.22,"450045, г. Уфа, ПАО АНК \"Башнефть\" \"Башнефть-Новойл\""]
["Электромонтажные изделия","ПАО АНК \"Башнефть\" \"Башнефть-Новойл\"",3,243,"Кронштейн СК467","ШТ",5,70.73,353.65000000000003,"450045, г. Уфа, ПАО АНК \"Башнефть\" \"Башнефть-Новойл\""]
["Электромонтажные изделия","ПАО АНК \"Башнефть\" \"Башнефть-Новойл\"",3,244,"Лоток КГ 100х65-90 У3","ШТ",5,79.45,397.25,"450045, г. Уфа, ПАО АНК \"Башнефть\" \"Башнефть-Новойл\""]
["Электромонтажные изделия","ПАО АНК \"Башнефть\" \"Башнефть-Новойл\"",3,245,"Лоток КГ 100х65-90ц УТ1.5","ШТ",4,146.18,584.72,"450045, г. Уфа, ПАО АНК \"Башнефть\" \"Башнефть-Новойл\""]
["Электромонтажные изделия","ПАО АНК \"Башнефть\" \"Башнефть-Новойл\"",3,246,"Лоток КГГ 100х65-135 УТ1.5","ШТ",1,79.45,79.45,"450045, г. Уфа, ПАО АНК \"Башнефть\" \"Башнефть-Новойл\""]
["Электромонтажные изделия","ПАО АНК \"Башнефть\" \"Башнефть-Новойл\"",3,247,"Лоток КГГ 100х65-135 УТ1.5","ШТ",2,79.45,158.9,"450045, г. Уфа, ПАО АНК \"Башнефть\" \"Башнефть-Новойл\""]
["Электромонтажные изделия","ПАО АНК \"Башнефть\" \"Башнефть-Новойл\"",3,248,"Лоток КП 100х94-90ц УХЛ2","ШТ",6,244.21,1465.26,"450045, г. Уфа, ПАО АНК \"Башнефть\" \"Башнефть-Новойл\""]
["Электромонтажные изделия","ПАО АНК \"Башнефть\" \"Башнефть-Новойл\"",3,249,"Лоток КП 75х65-90 УТ1.5","ШТ",4,140.53,562.12,"450045, г. Уфа, ПАО АНК \"Башнефть\" \"Башнефть-Новойл\""]
["Электромонтажные изделия","ПАО АНК \"Башнефть\" \"Башнефть-Новойл\"",3,250,"Лоток КС 100х65-90ц УХЛ2.5","ШТ",2,146.18,292.36,"450045, г. Уфа, ПАО АНК \"Башнефть\" \"Башнефть-Новойл\""]
["Электромонтажные изделия","ПАО АНК \"Башнефть\" \"Башнефть-Новойл\"",3,251,"Лоток ОТ 100х94ц УХЛ2.5","ШТ",1,277.29000000000002,277.29000000000002,"450045, г. Уфа, ПАО АНК \"Башнефть\" \"Башнефть-Новойл\""]
["Электромонтажные изделия","ПАО АНК \"Башнефть\" \"Башнефть-Новойл\"",3,252,"Лоток угловой КГ 100х100-90 УТ1,5","ШТ",1,161.6,161.6,"450045, г. Уфа, ПАО АНК \"Башнефть\" \"Башнефть-Новойл\""]
["Электромонтажные изделия","ПАО АНК \"Башнефть\" \"Башнефть-Новойл\"",3,253,"Лоток угловой КГ 100х100-90 УТ1,5","ШТ",1,161.6,161.6,"450045, г. Уфа, ПАО АНК \"Башнефть\" \"Башнефть-Новойл\""]
["Электромонтажные изделия","ПАО АНК \"Башнефть\" \"Башнефть-Новойл\"",3,254,"Металлорукав РЗ-Ц-Х-15","М",42,11.56,485.52000000000004,"450045, г. Уфа, ПАО АНК \"Башнефть\" \"Башнефть-Новойл\""]
["Электромонтажные изделия","ПАО АНК \"Башнефть\" \"Башнефть-Новойл\"",3,255,"Металлорукав РЗ-Ц-Х-15","М",8,11.56,92.48,"450045, г. Уфа, ПАО АНК \"Башнефть\" \"Башнефть-Новойл\""]
["Электромонтажные изделия","ПАО АНК \"Башнефть\" \"Башнефть-Новойл\"",3,256,"Металлорукав РЗ-Ц-Х-15","М",66,9.4700000000000006,625.0200000000001,"450045, г. Уфа, ПАО АНК \"Башнефть\" \"Башнефть-Новойл\""]
["Электромонтажные изделия","ПАО АНК \"Башнефть\" \"Башнефть-Новойл\"",3,257,"Муфта 10КВТп-9 150-240","КМП",1,545.5,{"$f":"G261*H261","v":545.5},"450045, г. Уфа, ПАО АНК \"Башнефть\" \"Башнефть-Новойл\""]
["Электромонтажные изделия","ПАО АНК \"Башнефть\" \"Башнефть-Новойл\"",3,258,"Муфта трубная МТ-22","ШТ",18,67.52,1215.3599999999999,"450045, г. Уфа, ПАО АНК \"Башнефть\" \"Башнефть-Новойл\""]
["Электромонтажные изделия","ПАО АНК \"Башнефть\" \"Башнефть-Новойл\"",3,259,"Наконечник Legrand Starfix 10ММ 37669","ШТ",100,5.38,538,"450045, г. Уфа, ПАО АНК \"Башнефть\" \"Башнефть-Новойл\""]
["Электромонтажные изделия","ПАО АНК \"Башнефть\" \"Башнефть-Новойл\"",3,260,"Основание Legrand Colson 32070","ШТ",300,2.58,774,"450045, г. Уфа, ПАО АНК \"Башнефть\" \"Башнефть-Новойл\""]
["Электромонтажные изделия","ПАО АНК \"Башнефть\" \"Башнефть-Новойл\"",3,261,"Патрубок вводный У476 У3","ШТ",5,83.68,418.40000000000003,"450045, г. Уфа, ПАО АНК \"Башнефть\" \"Башнефть-Новойл\""]
["Электромонтажные изделия","ПАО АНК \"Башнефть\" \"Башнефть-Новойл\"",3,262,"Пластина защитная DKC P/n 30575","ШТ",54,31.84,1719.36,"450045, г. Уфа, ПАО АНК \"Башнефть\" \"Башнефть-Новойл\""]
["Электромонтажные изделия","ПАО АНК \"Башнефть\" \"Башнефть-Новойл\"",3,263,"Пластина защитная IP44 осн.100 DKC 30588","ШТ",5796,35.39,205120.44,"450045, г. Уфа, ПАО АНК \"Башнефть\" \"Башнефть-Новойл\""]
["Электромонтажные изделия","ПАО АНК \"Башнефть\" \"Башнефть-Новойл\"",3,264,"Поворот внутренний на 90 ЛМ60.30-В УТ1,5","ШТ",3,76.78,230.34,"450045, г. Уфа, ПАО АНК \"Башнефть\" \"Башнефть-Новойл\""]
["Электромонтажные изделия","ПАО АНК \"Башнефть\" \"Башнефть-Новойл\"",3,265,"Поворот внутренний на 90 ЛМ60.30-В УТ1,5","ШТ",4,76.78,307.12,"450045, г. Уфа, ПАО АНК \"Башнефть\" \"Башнефть-Новойл\""]
["Электромонтажные изделия","ПАО АНК \"Башнефть\" \"Башнефть-Новойл\"",3,266,"Поворот внутренний на 90 ЛМ60.30-В УТ1,5","ШТ",7,76.78,537.46,"450045, г. Уфа, ПАО АНК \"Башнефть\" \"Башнефть-Новойл\""]
["Электромонтажные изделия","ПАО АНК \"Башнефть\" \"Башнефть-Новойл\"",3,267,"Поворот внутренний на 90 ЛМ60.30-В УТ1,5","ШТ",2,76.78,153.56,"450045, г. Уфа, ПАО АНК \"Башнефть\" \"Башнефть-Новойл\""]
["Электромонтажные изделия","ПАО АНК \"Башнефть\" \"Башнефть-Новойл\"",3,268,"Поворот внутренний на 90 ЛМ60.30-В УТ1,5","ШТ",10,76.78,767.8,"450045, г. Уфа, ПАО АНК \"Башнефть\" \"Башнефть-Новойл\""]
["Электромонтажные изделия","ПАО АНК \"Башнефть\" \"Башнефть-Новойл\"",3,269,"Поворот ЛМ60.30-Т УТ1,5 с крышкой","ШТ",1,113.56,113.56,"450045, г. Уфа, ПАО АНК \"Башнефть\" \"Башнефть-Новойл\""]
["Электромонтажные изделия","ПАО АНК \"Башнефть\" \"Башнефть-Новойл\"",3,270,"Поворот ЛМ60.30-Т УТ1,5 с крышкой","ШТ",3,113.56,340.68,"450045, г. Уфа, ПАО АНК \"Башнефть\" \"Башнефть-Новойл\""]
["Электромонтажные изделия","ПАО АНК \"Башнефть\" \"Башнефть-Новойл\"",3,271,"Поворот ЛМ60.30-Т УТ1,5 с крышкой","ШТ",2,113.56,227.12,"450045, г. Уфа, ПАО АНК \"Башнефть\" \"Башнефть-Новойл\""]
["Электромонтажные изделия","ПАО АНК \"Башнефть\" \"Башнефть-Новойл\"",3,272,"Полоса вставная Phoenix Contact 0808095","ШТ",1,145.12,145.12,"450045, г. Уфа, ПАО АНК \"Башнефть\" \"Башнефть-Новойл\""]
["Электромонтажные изделия","ПАО АНК \"Башнефть\" \"Башнефть-Новойл\"",3,273,"Полочка разд. Bettermann 6062 03 3","ШТ",3,309.12,927.36,"450045, г. Уфа, ПАО АНК \"Башнефть\" \"Башнефть-Новойл\""]
["Электромонтажные изделия","ПАО АНК \"Башнефть\" \"Башнефть-Новойл\"",3,274,"Разделитель лотковый РЛ 2000 УТ1.5","ШТ",117,76.52,8952.84,"450045, г. Уфа, ПАО АНК \"Башнефть\" \"Башнефть-Новойл\""]
["Электромонтажные изделия","ПАО АНК \"Башнефть\" \"Башнефть-Новойл\"",3,275,"Разделитель лотковый РЛ 2000 УТ1.5","ШТ",25,76.52,1913,"450045, г. Уфа, ПАО АНК \"Башнефть\" \"Башнефть-Новойл\""]
["Электромонтажные изделия","ПАО АНК \"Башнефть\" \"Башнефть-Новойл\"",3,276,"Разделитель лотковый РЛ 2000 УХЛ2.5","ШТ",41,93.29,3824.8900000000003,"450045, г. Уфа, ПАО АНК \"Башнефть\" \"Башнефть-Новойл\""]
["Электромонтажные изделия","ПАО АНК \"Башнефть\" \"Башнефть-Новойл\"",3,277,"Разделитель лотковый РЛ 2000 УХЛ2.5","ШТ",75,93.29,6996.7500000000009,"450045, г. Уфа, ПАО АНК \"Башнефть\" \"Башнефть-Новойл\""]
["Электромонтажные изделия","ПАО АНК \"Башнефть\" \"Башнефть-Новойл\"",3,278,"Соединение ввертное СМВ8-К1/8","ШТ",10,73.099999999999994,731,"450045, г. Уфа, ПАО АНК \"Башнефть\" \"Башнефть-Новойл\""]
["Электромонтажные изделия","ПАО АНК \"Башнефть\" \"Башнефть-Новойл\"",3,279,"Соединение навертное СМН 8хМ20","ШТ",10,58.96,589.6,"450045, г. Уфа, ПАО АНК \"Башнефть\" \"Башнефть-Новойл\""]
["Электромонтажные изделия","ПАО АНК \"Башнефть\" \"Башнефть-Новойл\"",3,280,"Соединение навертное СМН 8хМ20","ШТ",10,58.96,589.6,"450045, г. Уфа, ПАО АНК \"Башнефть\" \"Башнефть-Новойл\""]
["Электромонтажные изделия","ПАО АНК \"Башнефть\" \"Башнефть-Новойл\"",3,281,"Соединение навертное СМН 8хМ20","ШТ",10,58.96,589.6,"450045, г. Уфа, ПАО АНК \"Башнефть\" \"Башнефть-Новойл\""]
["Электромонтажные изделия","ПАО АНК \"Башнефть\" \"Башнефть-Новойл\"",3,282,"Соединение навертное СМН 8хМ20","ШТ",10,58.96,589.6,"450045, г. Уфа, ПАО АНК \"Башнефть\" \"Башнефть-Новойл\""]
["Электромонтажные изделия","ПАО АНК \"Башнефть\" \"Башнефть-Новойл\"",3,283,"Соединение навертное СМН 8хМ20","ШТ",10,58.96,589.6,"450045, г. Уфа, ПАО АНК \"Башнефть\" \"Башнефть-Новойл\""]
["Электромонтажные изделия","ПАО АНК \"Башнефть\" \"Башнефть-Новойл\"",3,284,"Соединение навертное СМН 8хМ20","ШТ",10,58.96,589.6,"450045, г. Уфа, ПАО АНК \"Башнефть\" \"Башнефть-Новойл\""]
["Электромонтажные изделия","ПАО АНК \"Башнефть\" \"Башнефть-Новойл\"",3,285,"Соединение навертное СМН 8хМ20","ШТ",10,58.96,589.6,"450045, г. Уфа, ПАО АНК \"Башнефть\" \"Башнефть-Новойл\""]
["Электромонтажные изделия","ПАО АНК \"Башнефть\" \"Башнефть-Новойл\"",3,286,"Соединение навертное СМН 8хМ20","ШТ",10,58.96,589.6,"450045, г. Уфа, ПАО АНК \"Башнефть\" \"Башнефть-Новойл\""]
["Электромонтажные изделия","ПАО АНК \"Башнефть\" \"Башнефть-Новойл\"",3,287,"Соединение навертное СМПН8хМ12","ШТ",10,23.83,238.29999999999998,"450045, г. Уфа, ПАО АНК \"Башнефть\" \"Башнефть-Новойл\""]
["Электромонтажные изделия","ПАО АНК \"Башнефть\" \"Башнефть-Новойл\"",3,288,"Соединение СМП 15-G3/4","ШТ",25,27.38,684.5,"450045, г. Уфа, ПАО АНК \"Башнефть\" \"Башнефть-Новойл\""]
["Электромонтажные изделия","ПАО АНК \"Башнефть\" \"Башнефть-Новойл\"",3,289,"Соединение СМП 15-G3/4","ШТ",25,27.38,684.5,"450045, г. Уфа, ПАО АНК \"Башнефть\" \"Башнефть-Новойл\""]
["Электромонтажные изделия","ПАО АНК \"Башнефть\" \"Башнефть-Новойл\"",3,290,"Соединение СМП 15-G3/4","ШТ",6,65.790000000000006,394.74,"450045, г. Уфа, ПАО АНК \"Башнефть\" \"Башнефть-Новойл\""]
["Электромонтажные изделия","ПАО АНК \"Башнефть\" \"Башнефть-Новойл\"",3,291,"Соединение СМП 15-G3/4","ШТ",6,65.790000000000006,394.74,"450045, г. Уфа, ПАО АНК \"Башнефть\" \"Башнефть-Новойл\""]
["Электромонтажные изделия","ПАО АНК \"Башнефть\" \"Башнефть-Новойл\"",3,292,"Стойка Bettermann MAS140 10FT 6356 31 1","ШТ",3,3363.67,10091.01,"450045, г. Уфа, ПАО АНК \"Башнефть\" \"Башнефть-Новойл\""]
["Электромонтажные изделия","ПАО АНК \"Башнефть\" \"Башнефть-Новойл\"",3,293,"Трубка термоусаживаемая Радпласт Т-2 6/3","М",40,2.38,95.199999999999989,"450045, г. Уфа, ПАО АНК \"Башнефть\" \"Башнефть-Новойл\""]
["Электромонтажные изделия","ПАО АНК \"Башнефть\" \"Башнефть-Новойл\"",3,294,"Угол CD 90 вертик. внешн. DKC 36825HDZ","ШТ",1,912.61,912.61,"450045, г. Уфа, ПАО АНК \"Башнефть\" \"Башнефть-Новойл\""]
["Электромонтажные изделия","ПАО АНК \"Башнефть\" \"Башнефть-Новойл\"",3,295,"Угол CS 90 100х400 DKC 36705HDZ","ШТ",1,905.63,905.63,"450045, г. Уфа, ПАО АНК \"Башнефть\" \"Башнефть-Новойл\""]
["Электромонтажные изделия","ПАО АНК \"Башнефть\" \"Башнефть-Новойл\"",3,296,"Угол DKC CDV 90 100х100 37472ZL","ШТ",7,1020.54,7143.78,"450045, г. Уфа, ПАО АНК \"Башнефть\" \"Башнефть-Новойл\""]
["Электромонтажные изделия","ПАО АНК \"Башнефть\" \"Башнефть-Новойл\"",3,297,"Угол DKC CPO 90 100х100 арт.36041","ШТ",1,276.22000000000003,276.22000000000003,"450045, г. Уфа, ПАО АНК \"Башнефть\" \"Башнефть-Новойл\""]
["Электромонтажные изделия","ПАО АНК \"Башнефть\" \"Башнефть-Новойл\"",3,298,"Угол плоский Legrand L/33327 32х16","ШТ",10,41.67,416.70000000000005,"450045, г. Уфа, ПАО АНК \"Башнефть\" \"Башнефть-Новойл\""]
["Электромонтажные изделия","ПАО АНК \"Башнефть\" \"Башнефть-Новойл\"",3,299,"Устройство MTA311(-40+50)1-2х20sE1FXNi","ШТ",3,3181.88,9545.64,"450045, г. Уфа, ПАО АНК \"Башнефть\" \"Башнефть-Новойл\""]
["Электромонтажные изделия","ПАО АНК \"Башнефть\" \"Башнефть-Новойл\"",3,300,"Устройство MTA311(-40+50)1-2х20sE1FXNi","ШТ",1,3181.88,3181.88,"450045, г. Уфа, ПАО АНК \"Башнефть\" \"Башнефть-Новойл\""]
["Электромонтажные изделия","ПАО АНК \"Башнефть\" \"Башнефть-Новойл\"",3,301,"Кабель-канал Legrand 120х80мм L/36225","М",24,508.92,12214.08,"450045, г. Уфа, ПАО АНК \"Башнефть\" \"Башнефть-Новойл\""]
["Электромонтажные изделия","ПАО АНК \"Башнефть\" \"Башнефть-Новойл\"",3,302,"Кабель-канал Legrand L/10459 65х220мм","М",8,460.34,3682.72,"450045, г. Уфа, ПАО АНК \"Башнефть\" \"Башнефть-Новойл\""]
["Электромонтажные изделия","ПАО АНК \"Башнефть\" \"Башнефть-Новойл\"",3,303,"Кабель-канал Legrand L/36217 80х80мм","М",46,952.86,43831.56,"450045, г. Уфа, ПАО АНК \"Башнефть\" \"Башнефть-Новойл\""]
["Электромонтажные изделия","ПАО АНК \"Башнефть\" \"Башнефть-Новойл\"",3,304,"Кабель-канал Legrand L/36217 80х80мм","М",7,952.86,6670.02,"450045, г. Уфа, ПАО АНК \"Башнефть\" \"Башнефть-Новойл\""]
["Электромонтажные изделия","ПАО АНК \"Башнефть\" \"Башнефть-Новойл\"",3,305,"Кабель-канал Legrand L/36217 80х80мм","М",1,952.86,952.86,"450045, г. Уфа, ПАО АНК \"Башнефть\" \"Башнефть-Новойл\""]
["Электромонтажные изделия","ПАО АНК \"Башнефть\" \"Башнефть-Новойл\"",3,306,"Кабель-канал Legrand L/36217 80х80мм","М",1,952.86,952.86,"450045, г. Уфа, ПАО АНК \"Башнефть\" \"Башнефть-Новойл\""]
["Электромонтажные изделия","ПАО АНК \"Башнефть\" \"Башнефть-Новойл\"",3,307,"Кабель-канал Legrand L/36217 80х80мм","М",13,952.86,12387.18,"450045, г. Уфа, ПАО АНК \"Башнефть\" \"Башнефть-Новойл\""]
["Электромонтажные изделия","ПАО АНК \"Башнефть\" \"Башнефть-Новойл\"",3,308,"Лента KSB 2 PVC (6072909)","М",90,140,12600,"450045, г. Уфа, ПАО АНК \"Башнефть\" \"Башнефть-Новойл\""]
["Электромонтажные изделия","ПАО АНК \"Башнефть\" \"Башнефть-Новойл\"",3,309,"Лента клейкая DKC 37558 IP44 30х2мм","М",19000,47.81,908390,"450045, г. Уфа, ПАО АНК \"Башнефть\" \"Башнефть-Новойл\""]
["Электромонтажные изделия","ПАО АНК \"Башнефть\" \"Башнефть-Новойл\"",3,310,"Муфта 10КВТп-9 150-240","КМП",22,545.5,12001,"450045, г. Уфа, ПАО АНК \"Башнефть\" \"Башнефть-Новойл\""]
["Электромонтажные изделия","ПАО АНК \"Башнефть\" \"Башнефть-Новойл\"",3,311,"Муфта 10КВТп-9 150-240","КМП",60,582.01,34920.6,"450045, г. Уфа, ПАО АНК \"Башнефть\" \"Башнефть-Новойл\""]
["Электромонтажные изделия","ПАО АНК \"Башнефть\" \"Башнефть-Новойл\"",3,312,"Муфта CHM 12kV 95-240 Cellpack 194074","КМП",36,10217.57,367832.52,"450045, г. Уфа, ПАО АНК \"Башнефть\" \"Башнефть-Новойл\""]
["Электромонтажные изделия","ПАО АНК \"Башнефть\" \"Башнефть-Новойл\"",3,313,"Муфта вводная МВ20-М У2","ШТ",46,15.11,695.06,"450045, г. Уфа, ПАО АНК \"Башнефть\" \"Башнефть-Новойл\""]
["Электромонтажные изделия","ПАО АНК \"Башнефть\" \"Башнефть-Новойл\"",3,314,"Муфта вводная МВ-22 У2.5","ШТ",30,95.3,2859,"450045, г. Уфа, ПАО АНК \"Башнефть\" \"Башнефть-Новойл\""]
["Электромонтажные изделия","ПАО АНК \"Башнефть\" \"Башнефть-Новойл\"",3,315,"Муфта вводная МВ32У2","ШТ",1,41.3,41.3,"450045, г. Уфа, ПАО АНК \"Башнефть\" \"Башнефть-Новойл\""]
["Электромонтажные изделия","ПАО АНК \"Башнефть\" \"Башнефть-Новойл\"",3,316,"Муфта вводная МВ50 У2","ШТ",9,142.80000000000001,1285.2,"450045, г. Уфа, ПАО АНК \"Башнефть\" \"Башнефть-Новойл\""]
["Электромонтажные изделия","ПАО АНК \"Башнефть\" \"Башнефть-Новойл\"",3,317,"Муфта вводная МВПнг 15","ШТ",10,92.93,929.30000000000007,"450045, г. Уфа, ПАО АНК \"Башнефть\" \"Башнефть-Новойл\""]
["Электромонтажные изделия","ПАО АНК \"Башнефть\" \"Башнефть-Новойл\"",3,318,"Муфта концевая т/у 4КВТпнг-1-(150-240)ЭМ","ШТ",10,578.05999999999995,5780.5999999999995,"450045, г. Уфа, ПАО АНК \"Башнефть\" \"Башнефть-Новойл\""]
["Электромонтажные изделия","ПАО АНК \"Башнефть\" \"Башнефть-Новойл\"",3,319,"Муфта натяжная К804-У3","ШТ",5,58.46,292.3,"450045, г. Уфа, ПАО АНК \"Башнефть\" \"Башнефть-Новойл\""]
["Электромонтажные изделия","ПАО АНК \"Башнефть\" \"Башнефть-Новойл\"",3,320,"Муфта натяжная К805-У3","ШТ",18,481.33,8663.94,"450045, г. Уфа, ПАО АНК \"Башнефть\" \"Башнефть-Новойл\""]
["Электромонтажные изделия","ПАО АНК \"Башнефть\" \"Башнефть-Новойл\"",3,321,"Муфта соед. т/у ПСТк(19-37)х(1,5-2,5)","ШТ",1,341.71,{"$f":"G325*H325","v":341.71},"450045, г. Уфа, ПАО АНК \"Башнефть\" \"Башнефть-Новойл\""]
["Электромонтажные изделия","ПАО АНК \"Башнефть\" \"Башнефть-Новойл\"",3,322,"Муфта соединительная POLJ 12/1X120-240","ШТ",2,3496.77,6993.54,"450045, г. Уфа, ПАО АНК \"Башнефть\" \"Башнефть-Новойл\""]
["Электромонтажные изделия","ПАО АНК \"Башнефть\" \"Башнефть-Новойл\"",3,323,"Муфта соединительная POLJ 12/3х120-240","ШТ",10,8530.7800000000007,85307.8,"450045, г. Уфа, ПАО АНК \"Башнефть\" \"Башнефть-Новойл\""]
["Электромонтажные изделия","ПАО АНК \"Башнефть\" \"Башнефть-Новойл\"",3,324,"Муфта ТР-7У3","ШТ",6,58.29,349.74,"450045, г. Уфа, ПАО АНК \"Башнефть\" \"Башнефть-Новойл\""]
["Электромонтажные изделия","ПАО АНК \"Башнефть\" \"Башнефть-Новойл\"",3,325,"Муфта трубная МТ20 У2 IP43","ШТ",3,14,42,"450045, г. Уфа, ПАО АНК \"Башнефть\" \"Башнефть-Новойл\""]
["Электромонтажные изделия","ПАО АНК \"Башнефть\" \"Башнефть-Новойл\"",3,326,"Муфта трубная МТ-22","ШТ",16,67.52,1080.32,"450045, г. Уфа, ПАО АНК \"Башнефть\" \"Башнефть-Новойл\""]
["Электромонтажные изделия","ПАО АНК \"Башнефть\" \"Башнефть-Новойл\"",3,327,"Муфта трубная ТР-2","ШТ",15,22,330,"450045, г. Уфа, ПАО АНК \"Башнефть\" \"Башнефть-Новойл\""]
["Электромонтажные изделия","ПАО АНК \"Башнефть\" \"Башнефть-Новойл\"",3,328,"Муфта трубная ТР-4","ШТ",16,22.8,364.8,"450045, г. Уфа, ПАО АНК \"Башнефть\" \"Башнефть-Новойл\""]
["Электромонтажные изделия","ПАО АНК \"Башнефть\" \"Башнефть-Новойл\"",3,329,"Пластина Bettermann GP15 28 FT 6357 00 8","ШТ",3,1372.48,4117.4400000000005,"450045, г. Уфа, ПАО АНК \"Башнефть\" \"Башнефть-Новойл\""]
["Электромонтажные изделия","ПАО АНК \"Башнефть\" \"Башнефть-Новойл\"",3,330,"Пластина DKC GTO 50мм 37301ZL","ШТ",74,63.16,4673.84,"450045, г. Уфа, ПАО АНК \"Башнефть\" \"Башнефть-Новойл\""]
["Электромонтажные изделия","ПАО АНК \"Башнефть\" \"Башнефть-Новойл\"",3,331,"Пластина DKC IP44 h50 30583HDZ","ШТ",60,28.35,1701,"450045, г. Уфа, ПАО АНК \"Башнефть\" \"Башнефть-Новойл\""]
["Электромонтажные изделия","ПАО АНК \"Башнефть\" \"Башнефть-Новойл\"",3,332,"Пластина DKC IP44 h50 30583HDZ","ШТ",410,28.33,11615.3,"450045, г. Уфа, ПАО АНК \"Башнефть\" \"Башнефть-Новойл\""]
["Электромонтажные изделия","ПАО АНК \"Башнефть\" \"Башнефть-Новойл\"",3,333,"Пластина IP44 осн.100 DKC 30582HDZ","ШТ",355,24.86,8825.2999999999993,"450045, г. Уфа, ПАО АНК \"Башнефть\" \"Башнефть-Новойл\""]
["Электромонтажные изделия","ПАО АНК \"Башнефть\" \"Башнефть-Новойл\"",3,334,"Пластина IP44 осн.100 DKC 30582HDZ","ШТ",3327,24.84,82642.679999999993,"450045, г. Уфа, ПАО АНК \"Башнефть\" \"Башнефть-Новойл\""]
["Электромонтажные изделия","ПАО АНК \"Башнефть\" \"Башнефть-Новойл\"",3,335,"Пластина IP44 осн.100 DKC 30582HDZ","ШТ",4829,24.86,120048.94,"450045, г. Уфа, ПАО АНК \"Башнефть\" \"Башнефть-Новойл\""]
["Электромонтажные изделия","ПАО АНК \"Башнефть\" \"Башнефть-Новойл\"",3,336,"Пластина IP44 осн.100 DKC 30582HDZ","ШТ",505,24.82,12534.1,"450045, г. Уфа, ПАО АНК \"Башнефть\" \"Башнефть-Новойл\""]
["Электромонтажные изделия","ПАО АНК \"Башнефть\" \"Башнефть-Новойл\"",3,337,"Пластина Phoenix Contact 1013151 упк50шт","УПК",5,2027.42,10137.1,"450045, г. Уфа, ПАО АНК \"Башнефть\" \"Башнефть-Новойл\""]
["Электромонтажные изделия","ПАО АНК \"Башнефть\" \"Башнефть-Новойл\"",3,338,"Пластина Phoenix Contact 1013151 упк50шт","УПК",2,2125.8200000000002,4251.6400000000003,"450045, г. Уфа, ПАО АНК \"Башнефть\" \"Башнефть-Новойл\""]
["Электромонтажные изделия","ПАО АНК \"Башнефть\" \"Башнефть-Новойл\"",3,339,"Пластина UniCard UC-WMT 0819372","ШТ",6,109.55,657.3,"450045, г. Уфа, ПАО АНК \"Башнефть\" \"Башнефть-Новойл\""]
["Электромонтажные изделия","ПАО АНК \"Башнефть\" \"Башнефть-Новойл\"",3,340,"Пластина защитная DKC P/n 30571","ШТ",14,24.86,348.03999999999996,"450045, г. Уфа, ПАО АНК \"Башнефть\" \"Башнефть-Новойл\""]
["Электромонтажные изделия","ПАО АНК \"Башнефть\" \"Башнефть-Новойл\"",3,341,"Пластина защитная DKC P/n 30571","ШТ",4565,24.84,113394.6,"450045, г. Уфа, ПАО АНК \"Башнефть\" \"Башнефть-Новойл\""]
["Электромонтажные изделия","ПАО АНК \"Башнефть\" \"Башнефть-Новойл\"",3,342,"Пластина защитная DKC P/n 30571","ШТ",1,24.79,24.79,"450045, г. Уфа, ПАО АНК \"Башнефть\" \"Башнефть-Новойл\""]
["Электромонтажные изделия","ПАО АНК \"Башнефть\" \"Башнефть-Новойл\"",3,343,"Пластина защитная DKC P/n 30574","ШТ",496,45.04,22339.84,"450045, г. Уфа, ПАО АНК \"Башнефть\" \"Башнефть-Новойл\""]
["Электромонтажные изделия","ПАО АНК \"Башнефть\" \"Башнефть-Новойл\"",3,344,"Пластина защитная DKC P/n 30574","ШТ",990,45.04,44589.599999999999,"450045, г. Уфа, ПАО АНК \"Башнефть\" \"Башнефть-Новойл\""]
["Электромонтажные изделия","ПАО АНК \"Башнефть\" \"Башнефть-Новойл\"",3,345,"Пластина защитная DKC P/n 30574","ШТ",1280,45.04,57651.199999999997,"450045, г. Уфа, ПАО АНК \"Башнефть\" \"Башнефть-Новойл\""]
["Электромонтажные изделия","ПАО АНК \"Башнефть\" \"Башнефть-Новойл\"",3,346,"Пластина защитная DKC P/n 30574","ШТ",2148,45.04,96745.919999999998,"450045, г. Уфа, ПАО АНК \"Башнефть\" \"Башнефть-Новойл\""]
["Электромонтажные изделия","ПАО АНК \"Башнефть\" \"Башнефть-Новойл\"",3,347,"Пластина защитная DKC P/n 30575","ШТ",4860,31.84,154742.39999999999,"450045, г. Уфа, ПАО АНК \"Башнефть\" \"Башнефть-Новойл\""]
["Электромонтажные изделия","ПАО АНК \"Башнефть\" \"Башнефть-Новойл\"",3,348,"Пластина защитная DKC P/n 30575","ШТ",200,31.84,6368,"450045, г. Уфа, ПАО АНК \"Башнефть\" \"Башнефть-Новойл\""]
["Электромонтажные изделия","ПАО АНК \"Башнефть\" \"Башнефть-Новойл\"",3,349,"Пластина защитная IP44 осн.100 DKC 30588","ШТ",3220,35.42,114052.40000000001,"450045, г. Уфа, ПАО АНК \"Башнефть\" \"Башнефть-Новойл\""]
["Электромонтажные изделия","ПАО АНК \"Башнефть\" \"Башнефть-Новойл\"",3,350,"Пластина защитная IP44 осн.100 DKC 30588","ШТ",200,35.39,7078,"450045, г. Уфа, ПАО АНК \"Башнефть\" \"Башнефть-Новойл\""]
["Электромонтажные изделия","ПАО АНК \"Башнефть\" \"Башнефть-Новойл\"",3,351,"Пластина крепежная GTO H50 DKC 37301HDZ","ШТ",12,56.56,678.72,"450045, г. Уфа, ПАО АНК \"Башнефть\" \"Башнефть-Новойл\""]
["Электромонтажные изделия","ПАО АНК \"Башнефть\" \"Башнефть-Новойл\"",3,352,"Пластина соединительная DKC 37305HDZ","ШТ",100,78.010000000000005,7801.0000000000009,"450045, г. Уфа, ПАО АНК \"Башнефть\" \"Башнефть-Новойл\""]
["Электромонтажные изделия","ПАО АНК \"Башнефть\" \"Башнефть-Новойл\"",3,353,"Пластина соединительная DKC P/n 30265","ШТ",4,71.05,284.2,"450045, г. Уфа, ПАО АНК \"Башнефть\" \"Башнефть-Новойл\""]
["Электромонтажные изделия","ПАО АНК \"Башнефть\" \"Башнефть-Новойл\"",3,354,"Соединение ввертное СМВ8-К1/8","ШТ",29,73.099999999999994,2119.8999999999996,"450045, г. Уфа, ПАО АНК \"Башнефть\" \"Башнефть-Новойл\""]
["Электромонтажные изделия","ПАО АНК \"Башнефть\" \"Башнефть-Новойл\"",3,355,"Соединение ввертное СМВ-8хМ20","ШТ",1,54.24,54.24,"450045, г. Уфа, ПАО АНК \"Башнефть\" \"Башнефть-Новойл\""]
["Электромонтажные изделия","ПАО АНК \"Башнефть\" \"Башнефть-Новойл\"",3,356,"Соединение монтажное НРП-01.200-1/4'","ШТ",60,122.17,7330.2,"450045, г. Уфа, ПАО АНК \"Башнефть\" \"Башнефть-Новойл\""]
["Электромонтажные изделия","ПАО АНК \"Башнефть\" \"Башнефть-Новойл\"",3,357,"Соединение навертное СМН 8хМ20","ШТ",10,58.96,589.6,"450045, г. Уфа, ПАО АНК \"Башнефть\" \"Башнефть-Новойл\""]
["Электромонтажные изделия","ПАО АНК \"Башнефть\" \"Башнефть-Новойл\"",3,358,"Соединение навертное СМПН8хМ12","ШТ",30,23.83,714.9,"450045, г. Уфа, ПАО АНК \"Башнефть\" \"Башнефть-Новойл\""]
["Электромонтажные изделия","ПАО АНК \"Башнефть\" \"Башнефть-Новойл\"",3,359,"Соединение НСН 14-K1/2 12Х18Н10Т","ШТ",1,233.93,233.93,"450045, г. Уфа, ПАО АНК \"Башнефть\" \"Башнефть-Новойл\""]
["Электромонтажные изделия","ПАО АНК \"Башнефть\" \"Башнефть-Новойл\"",3,360,"Соединение НСН 14-TP1/2 Ст20","ШТ",100,44.74,4474,"450045, г. Уфа, ПАО АНК \"Башнефть\" \"Башнефть-Новойл\""]
["Электромонтажные изделия","ПАО АНК \"Башнефть\" \"Башнефть-Новойл\"",3,361,"Соединение НСН 14хМ20 УХЛ3","ШТ",5,233.93,1169.6500000000001,"450045, г. Уфа, ПАО АНК \"Башнефть\" \"Башнефть-Новойл\""]
["Электромонтажные изделия","ПАО АНК \"Башнефть\" \"Башнефть-Новойл\"",3,362,"Соединение ПСМ 8-8 пластмасса","ШТ",150,2.6,390,"450045, г. Уфа, ПАО АНК \"Башнефть\" \"Башнефть-Новойл\""]
["Электромонтажные изделия","ПАО АНК \"Башнефть\" \"Башнефть-Новойл\"",3,363,"Соединение ПСТ 8 пластмасса","ШТ",54,4.2699999999999996,230.57999999999998,"450045, г. Уфа, ПАО АНК \"Башнефть\" \"Башнефть-Новойл\""]
["Электромонтажные изделия","ПАО АНК \"Башнефть\" \"Башнефть-Новойл\"",3,364,"Соединение СМП 12-тр1/2 пластмасса","ШТ",70,5.78,404.6,"450045, г. Уфа, ПАО АНК \"Башнефть\" \"Башнефть-Новойл\""]
["Электромонтажные изделия","ПАО АНК \"Башнефть\" \"Башнефть-Новойл\"",3,365,"Соединение СМП 15-G3/4","ШТ",3,27.38,82.14,"450045, г. Уфа, ПАО АНК \"Башнефть\" \"Башнефть-Новойл\""]
["Электромонтажные изделия","ПАО АНК \"Башнефть\" \"Башнефть-Новойл\"",3,366,"Соединение СМП 15-G3/4","ШТ",4,40.270000000000003,161.08000000000001,"450045, г. Уфа, ПАО АНК \"Башнефть\" \"Башнефть-Новойл\""]
["Электромонтажные изделия","ПАО АНК \"Башнефть\" \"Башнефть-Новойл\"",3,367,"Соединение СМП 15-G3/4","ШТ",20,41.53,830.6,"450045, г. Уфа, ПАО АНК \"Башнефть\" \"Башнефть-Новойл\""]
["Электромонтажные изделия","ПАО АНК \"Башнефть\" \"Башнефть-Новойл\"",3,368,"Соединение СМП 15-G3/4","ШТ",15,65.790000000000006,986.85000000000014,"450045, г. Уфа, ПАО АНК \"Башнефть\" \"Башнефть-Новойл\""]
["Электромонтажные изделия","ПАО АНК \"Башнефть\" \"Башнефть-Новойл\"",3,369,"Соединение СМП-8","ШТ",500,49.56,24780,"450045, г. Уфа, ПАО АНК \"Башнефть\" \"Башнефть-Новойл\""]
["Электромонтажные изделия","ПАО АНК \"Башнефть\" \"Башнефть-Новойл\"",3,370,"Соединение СМТ 18-25-G1 пластмасса","ШТ",16,65.790000000000006,1052.6400000000001,"450045, г. Уфа, ПАО АНК \"Башнефть\" \"Башнефть-Новойл\""]
["Электромонтажные изделия","ПАО АНК \"Башнефть\" \"Башнефть-Новойл\"",3,371,"Соединение СПП 8-8-G1/4 пластмасса","ШТ",860,2.16,1857.6000000000001,"450045, г. Уфа, ПАО АНК \"Башнефть\" \"Башнефть-Новойл\""]
["Электромонтажные изделия","ПАО АНК \"Башнефть\" \"Башнефть-Новойл\"",3,372,"Соединение СППП 8-G1/4 пластмасса","ШТ",70,2.88,201.6,"450045, г. Уфа, ПАО АНК \"Башнефть\" \"Башнефть-Новойл\""]
["Электромонтажные изделия","ПАО АНК \"Башнефть\" \"Башнефть-Новойл\"",3,373,"Соединение СПТ 8 пластмасса","ШТ",770,4.33,3334.1,"450045, г. Уфа, ПАО АНК \"Башнефть\" \"Башнефть-Новойл\""]
["Электромонтажные изделия","ПАО АНК \"Башнефть\" \"Башнефть-Новойл\"",3,374,"Соединение Тройник СТ 22 Ст20","ШТ",1,906.49,906.49,"450045, г. Уфа, ПАО АНК \"Башнефть\" \"Башнефть-Новойл\""]
["Электромонтажные изделия","ПАО АНК \"Башнефть\" \"Башнефть-Новойл\"",3,375,"Соединитель Bettermann 6066 55 0","ШТ",31,39.049999999999997,1210.55,"450045, г. Уфа, ПАО АНК \"Башнефть\" \"Башнефть-Новойл\""]
["Электромонтажные изделия","ПАО АНК \"Башнефть\" \"Башнефть-Новойл\"",3,376,"Соединитель Bettermann RGV 60 7082 22 3","ШТ",14,190.53,2667.42,"450045, г. Уфа, ПАО АНК \"Башнефть\" \"Башнефть-Новойл\""]
["Электромонтажные изделия","ПАО АНК \"Башнефть\" \"Башнефть-Новойл\"",3,377,"Соединитель Bettermann RGV 60 7082 22 3","ШТ",14,135.55000000000001,1897.7000000000003,"450045, г. Уфа, ПАО АНК \"Башнефть\" \"Башнефть-Новойл\""]
["Электромонтажные изделия","ПАО АНК \"Башнефть\" \"Башнефть-Новойл\"",3,378,"Соединитель Bettermann RGV 60 7082 22 3","ШТ",70,151.54,10607.8,"450045, г. Уфа, ПАО АНК \"Башнефть\" \"Башнефть-Новойл\""]
["Электромонтажные изделия","ПАО АНК \"Башнефть\" \"Башнефть-Новойл\"",3,379,"Соединитель Bettermann RVS 110 6068791","ШТ",7,485.37,3397.59,"450045, г. Уфа, ПАО АНК \"Башнефть\" \"Башнефть-Новойл\""]
["Электромонтажные изделия","ПАО АНК \"Башнефть\" \"Башнефть-Новойл\"",3,380,"Соединитель Bettermann RVS 110 6068791","ШТ",1,484.82,484.82,"450045, г. Уфа, ПАО АНК \"Башнефть\" \"Башнефть-Новойл\""]
["Электромонтажные изделия","ПАО АНК \"Башнефть\" \"Башнефть-Новойл\"",3,381,"Соединитель OBO RV 610С 6068154 кмп","КМП",2,104.29,208.58,"450045, г. Уфа, ПАО АНК \"Башнефть\" \"Башнефть-Новойл\""]
["Электромонтажные изделия","ПАО АНК \"Башнефть\" \"Башнефть-Новойл\"",3,382,"Соединитель OBO SVDD 6066941","ШТ",4,79.56,318.24,"450045, г. Уфа, ПАО АНК \"Башнефть\" \"Башнефть-Новойл\""]
["Электромонтажные изделия","ПАО АНК \"Башнефть\" \"Башнефть-Новойл\"",3,383,"Соединитель ГЕРДА-СГ-16-В-М20х1,5","ШТ",27,542.97,14660.19,"450045, г. Уфа, ПАО АНК \"Башнефть\" \"Башнефть-Новойл\""]
["Электромонтажные изделия","ПАО АНК \"Башнефть\" \"Башнефть-Новойл\"",3,384,"Соединитель ГЕРДА-СГ-25-Н-М32х1,5","ШТ",63,1871.1,117879.29999999999,"450045, г. Уфа, ПАО АНК \"Башнефть\" \"Башнефть-Новойл\""]
["Электромонтажные изделия","ПАО АНК \"Башнефть\" \"Башнефть-Новойл\"",3,385,"Соединитель ГЕРДА-СГ-35-Н-М40х1,5","ШТ",8,1871.1,{"$f":"G389*H389","v":14968.8},"450045, г. Уфа, ПАО АНК \"Башнефть\" \"Башнефть-Новойл\""]
["Электромонтажные изделия","ПАО АНК \"Башнефть\" \"Башнефть-Новойл\"",3,386,"Соединитель лотковый СЛ 240х65 У3","ШТ",36,15.16,545.76,"450045, г. Уфа, ПАО АНК \"Башнефть\" \"Башнефть-Новойл\""]
["Электромонтажные изделия","ПАО АНК \"Башнефть\" \"Башнефть-Новойл\"",3,387,"Соединитель лотковый СЛ 240х65 УТ1.5","ШТ",294,15.16,4457.04,"450045, г. Уфа, ПАО АНК \"Башнефть\" \"Башнефть-Новойл\""]
["Электромонтажные изделия","ПАО АНК \"Башнефть\" \"Башнефть-Новойл\"",3,388,"Соединитель лотковый СЛ 240х65 УХЛ2.5","ШТ",3212,16.309999999999999,52387.719999999994,"450045, г. Уфа, ПАО АНК \"Башнефть\" \"Башнефть-Новойл\""]
["Электромонтажные изделия","ПАО АНК \"Башнефть\" \"Башнефть-Новойл\"",3,389,"Соединитель лотковый СЛ 240Х65ц УХЛ2,5","ШТ",230,6.6,1518,"450045, г. Уфа, ПАО АНК \"Башнефть\" \"Башнефть-Новойл\""]
["Электромонтажные изделия","ПАО АНК \"Башнефть\" \"Башнефть-Новойл\"",3,390,"Соединитель лотковый СЛ 240Х65ц УХЛ2,5","ШТ",40,15.94,637.6,"450045, г. Уфа, ПАО АНК \"Башнефть\" \"Башнефть-Новойл\""]
["Электромонтажные изделия","ПАО АНК \"Башнефть\" \"Башнефть-Новойл\"",3,391,"Соединитель перегородок К168УЗ","ШТ",160,9.68,1548.8,"450045, г. Уфа, ПАО АНК \"Башнефть\" \"Башнефть-Новойл\""]
["Электромонтажные изделия","ПАО АНК \"Башнефть\" \"Башнефть-Новойл\"",3,392,"Соединитель перегородок К168Ц УТ1,5","ШТ",628,12.4,7787.2,"450045, г. Уфа, ПАО АНК \"Башнефть\" \"Башнефть-Новойл\""]
["Электромонтажные изделия","ПАО АНК \"Башнефть\" \"Башнефть-Новойл\"",3,393,"Соединитель перегородок К168Ц УТ1,5","ШТ",602,10.4,6260.8,"450045, г. Уфа, ПАО АНК \"Башнефть\" \"Башнефть-Новойл\""]
["Электромонтажные изделия","ПАО АНК \"Башнефть\" \"Башнефть-Новойл\"",3,394,"Соединитель перегородок К168Ц УТ1,5","ШТ",10,12.4,124,"450045, г. Уфа, ПАО АНК \"Башнефть\" \"Башнефть-Новойл\""]
["Электромонтажные изделия","ПАО АНК \"Башнефть\" \"Башнефть-Новойл\"",3,395,"Соединитель СЛ 240Х65 ХЛ2,5","ШТ",4,20.58,82.32,"450045, г. Уфа, ПАО АНК \"Башнефть\" \"Башнефть-Новойл\""]
["Электромонтажные изделия","ПАО АНК \"Башнефть\" \"Башнефть-Новойл\"",3,396,"Соединитель СЛ 240Х65 ХЛ2,5","ШТ",48,20.58,987.83999999999992,"450045, г. Уфа, ПАО АНК \"Башнефть\" \"Башнефть-Новойл\""]
["Электромонтажные изделия","ПАО АНК \"Башнефть\" \"Башнефть-Новойл\"",3,397,"Соединитель СЛ 240Х65 ХЛ2,5","ШТ",146,20.58,3004.68,"450045, г. Уфа, ПАО АНК \"Башнефть\" \"Башнефть-Новойл\""]
["Электромонтажные изделия","ПАО АНК \"Башнефть\" \"Башнефть-Новойл\"",3,398,"Соединитель СЛ 240Х65 ХЛ2,5","ШТ",260,20.58,5350.7999999999993,"450045, г. Уфа, ПАО АНК \"Башнефть\" \"Башнефть-Новойл\""]
["Электромонтажные изделия","ПАО АНК \"Башнефть\" \"Башнефть-Новойл\"",3,399,"Соединитель СЛ 240Х65 ХЛ2,5","ШТ",24,20.58,493.91999999999996,"450045, г. Уфа, ПАО АНК \"Башнефть\" \"Башнефть-Новойл\""]
["Электромонтажные изделия","ПАО АНК \"Башнефть\" \"Башнефть-Новойл\"",3,400,"Соединитель СЛ 240Х65 ХЛ2,5","ШТ",4,20.58,82.32,"450045, г. Уфа, ПАО АНК \"Башнефть\" \"Башнефть-Новойл\""]
["Электромонтажные изделия","ПАО АНК \"Башнефть\" \"Башнефть-Новойл\"",3,401,"Соединитель СЛ 240Х65 ХЛ2,5","ШТ",60,20.58,1234.8,"450045, г. Уфа, ПАО АНК \"Башнефть\" \"Башнефть-Новойл\""]
["Электромонтажные изделия","ПАО АНК \"Башнефть\" \"Башнефть-Новойл\"",3,402,"Соединитель СМП15-G3/4 У3","ШТ",10,45.06,450.6,"450045, г. Уфа, ПАО АНК \"Башнефть\" \"Башнефть-Новойл\""]
["Электромонтажные изделия","ПАО АНК \"Башнефть\" \"Башнефть-Новойл\"",3,403,"Соединитель СМТ15х20-G3/4 У3","ШТ",10,125.1,1251,"450045, г. Уфа, ПАО АНК \"Башнефть\" \"Башнефть-Новойл\""]
["Электромонтажные изделия","ПАО АНК \"Башнефть\" \"Башнефть-Новойл\"",3,404,"СоединительRLVK60FS Bettermann 6067 09 3","ШТ",1,49.33,49.33,"450045, г. Уфа, ПАО АНК \"Башнефть\" \"Башнефть-Новойл\""]
["Электромонтажные изделия","ПАО АНК \"Башнефть\" \"Башнефть-Новойл\"",3,405,"Угол Bettermann RBV 630 S FS 7007017","ШТ",2,582.59,1165.18,"450045, г. Уфа, ПАО АНК \"Башнефть\" \"Башнефть-Новойл\""]
["Электромонтажные изделия","ПАО АНК \"Башнефть\" \"Башнефть-Новойл\"",3,406,"Угол Bettermann RGBV 610 FT 7079 10 9","ШТ",2,2605.21,5210.42,"450045, г. Уфа, ПАО АНК \"Башнефть\" \"Башнефть-Новойл\""]
["Электромонтажные изделия","ПАО АНК \"Башнефть\" \"Башнефть-Новойл\"",3,407,"Угол CD 90 вертик. внешн. DKC 36825HDZ","ШТ",25,915.19,22879.75,"450045, г. Уфа, ПАО АНК \"Башнефть\" \"Башнефть-Новойл\""]
["Электромонтажные изделия","ПАО АНК \"Башнефть\" \"Башнефть-Новойл\"",3,408,"Угол CD 90 вертик. внешн. DKC 36825HDZ","ШТ",15,912.61,13689.15,"450045, г. Уфа, ПАО АНК \"Башнефть\" \"Башнефть-Новойл\""]
["Электромонтажные изделия","ПАО АНК \"Башнефть\" \"Башнефть-Новойл\"",3,409,"Угол CDSS 100х50 DKC 37651ZL","ШТ",1,1077.23,1077.23,"450045, г. Уфа, ПАО АНК \"Башнефть\" \"Башнефть-Новойл\""]
["Электромонтажные изделия","ПАО АНК \"Башнефть\" \"Башнефть-Новойл\"",3,410,"Угол CPO 90 100х50 DKC 36002HDZ","ШТ",20,382.81,7656.2,"450045, г. Уфа, ПАО АНК \"Башнефть\" \"Башнефть-Новойл\""]
["Электромонтажные изделия","ПАО АНК \"Башнефть\" \"Башнефть-Новойл\"",3,411,"Угол CS 90 100х400 DKC 36705HDZ","ШТ",41,905.63,37130.83,"450045, г. Уфа, ПАО АНК \"Башнефть\" \"Башнефть-Новойл\""]
["Электромонтажные изделия","ПАО АНК \"Башнефть\" \"Башнефть-Новойл\"",3,412,"Угол DKC CDSS 90 100х100 37122ZL","ШТ",1,991.2,991.2,"450045, г. Уфа, ПАО АНК \"Башнефть\" \"Башнефть-Новойл\""]
["Электромонтажные изделия","ПАО АНК \"Башнефть\" \"Башнефть-Новойл\"",3,413,"Угол DKC CDSS 90 арт.37653HDZ","ШТ",2,991.2,1982.4,"450045, г. Уфа, ПАО АНК \"Башнефть\" \"Башнефть-Новойл\""]
["Электромонтажные изделия","ПАО АНК \"Башнефть\" \"Башнефть-Новойл\"",3,414,"Угол DKC CDV 90 100х100 37472ZL","ШТ",8,1020.54,8164.32,"450045, г. Уфа, ПАО АНК \"Башнефть\" \"Башнефть-Новойл\""]
["Электромонтажные изделия","ПАО АНК \"Башнефть\" \"Башнефть-Новойл\"",3,415,"Угол DKC CDV 90 100х50 37572ZL","ШТ",3,963.84,2891.52,"450045, г. Уфа, ПАО АНК \"Башнефть\" \"Башнефть-Новойл\""]
["Электромонтажные изделия","ПАО АНК \"Башнефть\" \"Башнефть-Новойл\"",3,416,"Угол DKC CPO 90 100х100 арт.36041","ШТ",5,276.22000000000003,1381.1000000000001,"450045, г. Уфа, ПАО АНК \"Башнефть\" \"Башнефть-Новойл\""]
["Электромонтажные изделия","ПАО АНК \"Башнефть\" \"Башнефть-Новойл\"",3,417,"Угол DKC CPO 90 150х100 36042","ШТ",30,320.98,9629.4000000000015,"450045, г. Уфа, ПАО АНК \"Башнефть\" \"Башнефть-Новойл\""]
["Электромонтажные изделия","ПАО АНК \"Башнефть\" \"Башнефть-Новойл\"",3,418,"Угол DKC CPO 90 150х100 36042","ШТ",10,320.13,3201.3,"450045, г. Уфа, ПАО АНК \"Башнефть\" \"Башнефть-Новойл\""]
["Электромонтажные изделия","ПАО АНК \"Башнефть\" \"Башнефть-Новойл\"",3,419,"Угол DKC CPO 90 200х100 арт.36043","ШТ",40,361.87,14474.8,"450045, г. Уфа, ПАО АНК \"Башнефть\" \"Башнефть-Новойл\""]
["Электромонтажные изделия","ПАО АНК \"Башнефть\" \"Башнефть-Новойл\"",3,420,"Угол DKC CPO 90 400х100 36045HDZ","ШТ",12,1126.46,13517.52,"450045, г. Уфа, ПАО АНК \"Башнефть\" \"Башнефть-Новойл\""]
["Электромонтажные изделия","ПАО АНК \"Башнефть\" \"Башнефть-Новойл\"",3,421,"Угол DKC CPO 90 400х100 36045HDZ","ШТ",18,1002.12,18038.16,"450045, г. Уфа, ПАО АНК \"Башнефть\" \"Башнефть-Новойл\""]
["Электромонтажные изделия","ПАО АНК \"Башнефть\" \"Башнефть-Новойл\"",3,422,"Угол DKC CPO 90 50х200 арт.36004","ШТ",9,355.61,3200.4900000000002,"450045, г. Уфа, ПАО АНК \"Башнефть\" \"Башнефть-Новойл\""]
["Электромонтажные изделия","ПАО АНК \"Башнефть\" \"Башнефть-Новойл\"",3,423,"Угол DKC NPAN 25x30 арт.01737","ШТ",1,31.36,31.36,"450045, г. Уфа, ПАО АНК \"Башнефть\" \"Башнефть-Новойл\""]
["Электромонтажные изделия","ПАО АНК \"Башнефть\" \"Башнефть-Новойл\"",3,424,"Угол RBV 610 S FS Bettermann p/n 7007005","ШТ",1,651.75,651.75,"450045, г. Уфа, ПАО АНК \"Башнефть\" \"Башнефть-Новойл\""]
["Электромонтажные изделия","ПАО АНК \"Башнефть\" \"Башнефть-Новойл\"",3,425,"Угол RGBV 630 FT Bettermann p/n 7079303","ШТ",9,3070.22,27631.98,"450045, г. Уфа, ПАО АНК \"Башнефть\" \"Башнефть-Новойл\""]
["Электромонтажные изделия","ПАО АНК \"Башнефть\" \"Башнефть-Новойл\"",3,426,"Угол внеш/внут. Legrand 40х20 арт.30281","ШТ",16,47.8,764.8,"450045, г. Уфа, ПАО АНК \"Башнефть\" \"Башнефть-Новойл\""]
["Электромонтажные изделия","ПАО АНК \"Башнефть\" \"Башнефть-Новойл\"",3,427,"Угол внеш/внут. Legrand 40х20 арт.30281","ШТ",1,47.78,47.78,"450045, г. Уфа, ПАО АНК \"Башнефть\" \"Башнефть-Новойл\""]
["Электромонтажные изделия","ПАО АНК \"Башнефть\" \"Башнефть-Новойл\"",3,428,"Угол внутренний Marshall Tufflex JM23","ШТ",2,97.35,194.7,"450045, г. Уфа, ПАО АНК \"Башнефть\" \"Башнефть-Новойл\""]
["Электромонтажные изделия","ПАО АНК \"Башнефть\" \"Башнефть-Новойл\"",3,429,"Угол внутренний Marshall Tufflex JM23","ШТ",2,96.31,192.62,"450045, г. Уфа, ПАО АНК \"Башнефть\" \"Башнефть-Новойл\""]
["Электромонтажные изделия","ПАО АНК \"Башнефть\" \"Башнефть-Новойл\"",3,430,"Угол гор. CPO90 36002ZL DKC 50х100","ШТ",2,383.47,766.94,"450045, г. Уфа, ПАО АНК \"Башнефть\" \"Башнефть-Новойл\""]
["Электромонтажные изделия","ПАО АНК \"Башнефть\" \"Башнефть-Новойл\"",3,431,"Угол горизонтальный 36041ZL DKC 100х100","ШТ",1,399.51,399.51,"450045, г. Уфа, ПАО АНК \"Башнефть\" \"Башнефть-Новойл\""]
["Электромонтажные изделия","ПАО АНК \"Башнефть\" \"Башнефть-Новойл\"",3,432,"Угол плоский Legrand 40х20 арт.30283","ШТ",10,54.83,548.29999999999995,"450045, г. Уфа, ПАО АНК \"Башнефть\" \"Башнефть-Новойл\""]
["Электромонтажные изделия","ПАО АНК \"Башнефть\" \"Башнефть-Новойл\"",3,433,"Угол плоский Legrand L/30293 60х16","ШТ",2,126.29,252.58,"450045, г. Уфа, ПАО АНК \"Башнефть\" \"Башнефть-Новойл\""]
["Электромонтажные изделия","ПАО АНК \"Башнефть\" \"Башнефть-Новойл\"",3,434,"Угол плоский Legrand L/33327 32х16","ШТ",4,41.67,{"$f":"G438*H438","v":166.68},"450045, г. Уфа, ПАО АНК \"Башнефть\" \"Башнефть-Новойл\""]
["Электромонтажные изделия","ПАО АНК \"Башнефть\" \"Башнефть-Новойл\"",3,435,"Уголок опорный DKC 30199ZL","ШТ",1,14.89,14.89,"450045, г. Уфа, ПАО АНК \"Башнефть\" \"Башнефть-Новойл\""]
["Электромонтажные изделия","ПАО АНК \"Башнефть\" \"Башнефть-Новойл\"",3,436,"Уголок перфорированный УП 35х35 УТ2,5","ШТ",4,109.72,438.88,"450045, г. Уфа, ПАО АНК \"Башнефть\" \"Башнефть-Новойл\""]
["Электромонтажные изделия","ПАО АНК \"Башнефть\" \"Башнефть-Новойл\"",3,437,"Уголок УП42х25ц","ШТ",2,107.75,215.5,"450045, г. Уфа, ПАО АНК \"Башнефть\" \"Башнефть-Новойл\""]
["Электромонтажные изделия","ПАО АНК \"Башнефть\" \"Башнефть-Новойл\"",3,438,"Уголок УП42х25ц","ШТ",1,117.35,117.35,"450045, г. Уфа, ПАО АНК \"Башнефть\" \"Башнефть-Новойл\""]
["Электромонтажные изделия","ПАО АНК \"Башнефть\" \"Башнефть-Новойл\"",3,439,"Адаптер Legrand Мозаик 31701","ШТ",9,174.72,1572.48,"450045, г. Уфа, ПАО АНК \"Башнефть\" \"Башнефть-Новойл\""]
["Электромонтажные изделия","ПАО АНК \"Башнефть\" \"Башнефть-Новойл\"",3,440,"Анкер MSS-M8/12х45","ШТ",14,23.11,323.53999999999996,"450045, г. Уфа, ПАО АНК \"Башнефть\" \"Башнефть-Новойл\""]
["Электромонтажные изделия","ПАО АНК \"Башнефть\" \"Башнефть-Новойл\"",3,441,"Анкер Mungo MSS 1241006 М10х16х60","ШТ",100,29.63,2963,"450045, г. Уфа, ПАО АНК \"Башнефть\" \"Башнефть-Новойл\""]
["Электромонтажные изделия","ПАО АНК \"Башнефть\" \"Башнефть-Новойл\"",3,442,"Анкер Mungo MSS 1241006 М10х16х60","ШТ",62,29.63,1837.06,"450045, г. Уфа, ПАО АНК \"Башнефть\" \"Башнефть-Новойл\""]
["Электромонтажные изделия","ПАО АНК \"Башнефть\" \"Башнефть-Новойл\"",3,443,"Анкер К675 У3","ШТ",6,55.86,335.15999999999997,"450045, г. Уфа, ПАО АНК \"Башнефть\" \"Башнефть-Новойл\""]
["Электромонтажные изделия","ПАО АНК \"Башнефть\" \"Башнефть-Новойл\"",3,444,"Арматура EAKT 1677-CEE01","ШТ",4,1288.56,5154.24,"450045, г. Уфа, ПАО АНК \"Башнефть\" \"Башнефть-Новойл\""]
["Электромонтажные изделия","ПАО АНК \"Башнефть\" \"Башнефть-Новойл\"",3,445,"Блок зажимов БЗ24-4П25-В/В-10","ШТ",2,78.540000000000006,157.08000000000001,"450045, г. Уфа, ПАО АНК \"Башнефть\" \"Башнефть-Новойл\""]
["Электромонтажные изделия","ПАО АНК \"Башнефть\" \"Башнефть-Новойл\"",3,446,"Блок клеммный UK 5-MTK-P/P 3004032","ШТ",20,192.02,3840.4,"450045, г. Уфа, ПАО АНК \"Башнефть\" \"Башнефть-Новойл\""]
["Электромонтажные изделия","ПАО АНК \"Башнефть\" \"Башнефть-Новойл\"",3,447,"Блок модуль кроссовый Legrand p/n 04884","ШТ",2,933.43,1866.86,"450045, г. Уфа, ПАО АНК \"Башнефть\" \"Башнефть-Новойл\""]
["Электромонтажные изделия","ПАО АНК \"Башнефть\" \"Башнефть-Новойл\"",3,448,"Блок модуль кроссовый Legrand p/n 04884","ШТ",1,933.43,933.43,"450045, г. Уфа, ПАО АНК \"Башнефть\" \"Башнефть-Новойл\""]
["Электромонтажные изделия","ПАО АНК \"Башнефть\" \"Башнефть-Новойл\"",3,449,"Блок распр.модул.клем.Legrand 04880","ШТ",10,933.43,9334.2999999999993,"450045, г. Уфа, ПАО АНК \"Башнефть\" \"Башнефть-Новойл\""]
["Электромонтажные изделия","ПАО АНК \"Башнефть\" \"Башнефть-Новойл\"",3,450,"Блок распр.модул.клем.Legrand 04880","ШТ",10,933.43,9334.2999999999993,"450045, г. Уфа, ПАО АНК \"Башнефть\" \"Башнефть-Новойл\""]
["Электромонтажные изделия","ПАО АНК \"Башнефть\" \"Башнефть-Новойл\"",3,451,"Болт Bettermann p/n 6407560","ШТ",15,22.72,340.79999999999995,"450045, г. Уфа, ПАО АНК \"Башнефть\" \"Башнефть-Новойл\""]
["Электромонтажные изделия","ПАО АНК \"Башнефть\" \"Башнефть-Новойл\"",3,452,"Болт OBO FRS 6406971 8x20F","ШТ",40,17.98,719.2,"450045, г. Уфа, ПАО АНК \"Башнефть\" \"Башнефть-Новойл\""]
["Электромонтажные изделия","ПАО АНК \"Башнефть\" \"Башнефть-Новойл\"",3,453,"Болт OBO SKS 6418287 12х80F","ШТ",4,65.180000000000007,260.72000000000003,"450045, г. Уфа, ПАО АНК \"Башнефть\" \"Башнефть-Новойл\""]
["Электромонтажные изделия","ПАО АНК \"Башнефть\" \"Башнефть-Новойл\"",3,454,"Винт М5х8 для крышек DKC CM030508","ШТ",3490,2.54,8864.6,"450045, г. Уфа, ПАО АНК \"Башнефть\" \"Башнефть-Новойл\""]
["Электромонтажные изделия","ПАО АНК \"Башнефть\" \"Башнефть-Новойл\"",3,455,"Винт М5х8 для крышек DKC CM030508","ШТ",945,2.54,2400.3000000000002,"450045, г. Уфа, ПАО АНК \"Башнефть\" \"Башнефть-Новойл\""]
["Электромонтажные изделия","ПАО АНК \"Башнефть\" \"Башнефть-Новойл\"",3,456,"Винт М5х8 для крышек DKC CM030508","ШТ",162,2.54,411.48,"450045, г. Уфа, ПАО АНК \"Башнефть\" \"Башнефть-Новойл\""]
["Электромонтажные изделия","ПАО АНК \"Башнефть\" \"Башнефть-Новойл\"",3,457,"Винт М5х8 для крышек DKC CM030508","ШТ",7,2.54,17.78,"450045, г. Уфа, ПАО АНК \"Башнефть\" \"Башнефть-Новойл\""]
["Электромонтажные изделия","ПАО АНК \"Башнефть\" \"Башнефть-Новойл\"",3,458,"Выкл. ВВ/TEL-10-12.5/630 У2","ШТ",1,301007.3,301007.3,"450045, г. Уфа, ПАО АНК \"Башнефть\" \"Башнефть-Новойл\""]
["Электромонтажные изделия","ПАО АНК \"Башнефть\" \"Башнефть-Новойл\"",3,459,"Выключатель Legrand L/22498","ШТ",2,1605.62,3211.24,"450045, г. Уфа, ПАО АНК \"Башнефть\" \"Башнефть-Новойл\""]
["Электромонтажные изделия","ПАО АНК \"Башнефть\" \"Башнефть-Новойл\"",3,460,"Гайка закладная К-605 У3","ШТ",21,2.84,59.64,"450045, г. Уфа, ПАО АНК \"Башнефть\" \"Башнефть-Новойл\""]
["Электромонтажные изделия","ПАО АНК \"Башнефть\" \"Башнефть-Новойл\"",3,461,"Гайка закладная К-608 У3","ШТ",40,2.84,113.6,"450045, г. Уфа, ПАО АНК \"Башнефть\" \"Башнефть-Новойл\""]
["Электромонтажные изделия","ПАО АНК \"Башнефть\" \"Башнефть-Новойл\"",3,462,"Гайка закладная К-609 У3","ШТ",52,2.84,147.68,"450045, г. Уфа, ПАО АНК \"Башнефть\" \"Башнефть-Новойл\""]
["Электромонтажные изделия","ПАО АНК \"Башнефть\" \"Башнефть-Новойл\"",3,463,"Гайка СМ111200 DKC М12","ШТ",50,1.21,60.5,"450045, г. Уфа, ПАО АНК \"Башнефть\" \"Башнефть-Новойл\""]
["Электромонтажные изделия","ПАО АНК \"Башнефть\" \"Башнефть-Новойл\"",3,464,"Гайка установочная заземляющая К485 У3","ШТ",12,17.3,207.60000000000002,"450045, г. Уфа, ПАО АНК \"Башнефть\" \"Башнефть-Новойл\""]
["Электромонтажные изделия","ПАО АНК \"Башнефть\" \"Башнефть-Новойл\"",3,465,"Гильза ГМ-240-23","ШТ",5,96.16,480.79999999999995,"450045, г. Уфа, ПАО АНК \"Башнефть\" \"Башнефть-Новойл\""]
["Электромонтажные изделия","ПАО АНК \"Башнефть\" \"Башнефть-Новойл\"",3,466,"Дер. марк. Phoenix Contact CARRIER-WMT 3","ШТ",700,1.89,1323,"450045, г. Уфа, ПАО АНК \"Башнефть\" \"Башнефть-Новойл\""]
["Электромонтажные изделия","ПАО АНК \"Башнефть\" \"Башнефть-Новойл\"",3,467,"Дер. марк. Phoenix Contact CARRIER-WMT 3","ШТ",800,1.89,1512,"450045, г. Уфа, ПАО АНК \"Башнефть\" \"Башнефть-Новойл\""]
["Электромонтажные изделия","ПАО АНК \"Башнефть\" \"Башнефть-Новойл\"",3,468,"Дер. марк. Phoenix Contact CARRIER-WMT 5","ШТ",650,0.96,624,"450045, г. Уфа, ПАО АНК \"Башнефть\" \"Башнефть-Новойл\""]
["Электромонтажные изделия","ПАО АНК \"Башнефть\" \"Башнефть-Новойл\"",3,469,"Дер. марк. Phoenix Contact CARRIER-WMT 5","ШТ",800,1.24,992,"450045, г. Уфа, ПАО АНК \"Башнефть\" \"Башнефть-Новойл\""]
["Электромонтажные изделия","ПАО АНК \"Башнефть\" \"Башнефть-Новойл\"",3,470,"Дер. марк. Phoenix Contact CARRIER-WMT 5","ШТ",100,1.0900000000000001,109.00000000000001,"450045, г. Уфа, ПАО АНК \"Башнефть\" \"Башнефть-Новойл\""]
["Электромонтажные изделия","ПАО АНК \"Башнефть\" \"Башнефть-Новойл\"",3,471,"Держатель Phoenix Contact P/n 3022276","ШТ",2,12.52,25.04,"450045, г. Уфа, ПАО АНК \"Башнефть\" \"Башнефть-Новойл\""]
["Электромонтажные изделия","ПАО АНК \"Башнефть\" \"Башнефть-Новойл\"",3,472,"Держатель кабеля DKC 37561ZL","ШТ",5,79.86,399.3,"450045, г. Уфа, ПАО АНК \"Башнефть\" \"Башнефть-Новойл\""]
["Электромонтажные изделия","ПАО АНК \"Башнефть\" \"Башнефть-Новойл\"",3,473,"Держатель концевой CLIPFIX 35 3022218","ШТ",1,12.52,12.52,"450045, г. Уфа, ПАО АНК \"Башнефть\" \"Башнефть-Новойл\""]
["Электромонтажные изделия","ПАО АНК \"Башнефть\" \"Башнефть-Новойл\"",3,474,"Держатель мар. PATO 1/15 Phoenix 1013119","ШТ",2000,1.75,3500,"450045, г. Уфа, ПАО АНК \"Башнефть\" \"Башнефть-Новойл\""]
["Электромонтажные изделия","ПАО АНК \"Башнефть\" \"Башнефть-Новойл\"",3,475,"Держатель маркировки PATG 1/23 1013847","ШТ",50,0.87,43.5,"450045, г. Уфа, ПАО АНК \"Башнефть\" \"Башнефть-Новойл\""]
["Электромонтажные изделия","ПАО АНК \"Башнефть\" \"Башнефть-Новойл\"",3,476,"Держатель маркировки PATG 4/23","ШТ",1,1.97,1.97,"450045, г. Уфа, ПАО АНК \"Башнефть\" \"Башнефть-Новойл\""]
["Электромонтажные изделия","ПАО АНК \"Башнефть\" \"Башнефть-Новойл\"",3,477,"Держатель маркировки Phoenix P/n 1013740","ШТ",2900,0.83,2407,"450045, г. Уфа, ПАО АНК \"Башнефть\" \"Башнефть-Новойл\""]
["Электромонтажные изделия","ПАО АНК \"Башнефть\" \"Башнефть-Новойл\"",3,478,"Держатель маркировки Phoenix P/n1013850","ШТ",22,1.2,26.4,"450045, г. Уфа, ПАО АНК \"Башнефть\" \"Башнефть-Новойл\""]
["Электромонтажные изделия","ПАО АНК \"Башнефть\" \"Башнефть-Новойл\"",3,479,"Держатель маркировки Phoenix P/n1013850","ШТ",28,1.3,36.4,"450045, г. Уфа, ПАО АНК \"Башнефть\" \"Башнефть-Новойл\""]
["Электромонтажные изделия","ПАО АНК \"Башнефть\" \"Башнефть-Новойл\"",3,480,"Держатель маркировки UBE/D 0800307","ШТ",1,149.71,149.71,"450045, г. Уфа, ПАО АНК \"Башнефть\" \"Башнефть-Новойл\""]
["Электромонтажные изделия","ПАО АНК \"Башнефть\" \"Башнефть-Новойл\"",3,481,"Держатель маркировки UBE/D+ES/KMK 3","ШТ",1,27.5,27.5,"450045, г. Уфа, ПАО АНК \"Башнефть\" \"Башнефть-Новойл\""]
["Электромонтажные изделия","ПАО АНК \"Башнефть\" \"Башнефть-Новойл\"",3,482,"Держатель с защелкой CF 20 ИЭК","ШТ",150,1.1200000000000001,168.00000000000003,"450045, г. Уфа, ПАО АНК \"Башнефть\" \"Башнефть-Новойл\""]
["Электромонтажные изделия","ПАО АНК \"Башнефть\" \"Башнефть-Новойл\"",3,483,"Дюбель У656","ШТ",6,0.18,1.08,"450045, г. Уфа, ПАО АНК \"Башнефть\" \"Башнефть-Новойл\""]
["Электромонтажные изделия","ПАО АНК \"Башнефть\" \"Башнефть-Новойл\"",3,484,"Дюбель У656","ШТ",30,1.19,35.699999999999996,"450045, г. Уфа, ПАО АНК \"Башнефть\" \"Башнефть-Новойл\""]
["Электромонтажные изделия","ПАО АНК \"Башнефть\" \"Башнефть-Новойл\"",3,485,"Дюбель У658","ШТ",100,1.27,127,"450045, г. Уфа, ПАО АНК \"Башнефть\" \"Башнефть-Новойл\""]
["Электромонтажные изделия","ПАО АНК \"Башнефть\" \"Башнефть-Новойл\"",3,486,"Дюбель У658","ШТ",34,1.27,43.18,"450045, г. Уфа, ПАО АНК \"Башнефть\" \"Башнефть-Новойл\""]
["Электромонтажные изделия","ПАО АНК \"Башнефть\" \"Башнефть-Новойл\"",3,487,"Желоб защитный с накладками ЖЗсН","ШТ",6,345.26,2071.56,"450045, г. Уфа, ПАО АНК \"Башнефть\" \"Башнефть-Новойл\""]
["Электромонтажные изделия","ПАО АНК \"Башнефть\" \"Башнефть-Новойл\"",3,488,"Заглушка Legrand L/30290 60х16","ШТ",3,29.21,87.63,"450045, г. Уфа, ПАО АНК \"Башнефть\" \"Башнефть-Новойл\""]
["Электромонтажные изделия","ПАО АНК \"Башнефть\" \"Башнефть-Новойл\"",3,489,"Заглушка Legrand L/31207 32х16","ШТ",4,30.47,121.88,"450045, г. Уфа, ПАО АНК \"Башнефть\" \"Башнефть-Новойл\""]
["Электромонтажные изделия","ПАО АНК \"Башнефть\" \"Башнефть-Новойл\"",3,490,"Заглушка Marshall Tufflex JM21","ШТ",3,27.17,81.510000000000005,"450045, г. Уфа, ПАО АНК \"Башнефть\" \"Башнефть-Новойл\""]
["Электромонтажные изделия","ПАО АНК \"Башнефть\" \"Башнефть-Новойл\"",3,491,"Заглушка PLG1 (1/2)","ШТ",165,77.12,12724.800000000001,"450045, г. Уфа, ПАО АНК \"Башнефть\" \"Башнефть-Новойл\""]
["Электромонтажные изделия","ПАО АНК \"Башнефть\" \"Башнефть-Новойл\"",3,492,"Заглушка З-С-ВЭЛ-М20В1.5 ВЭЛАН","ШТ",1,69.28,69.28,"450045, г. Уфа, ПАО АНК \"Башнефть\" \"Башнефть-Новойл\""]
["Электромонтажные изделия","ПАО АНК \"Башнефть\" \"Башнефть-Новойл\"",3,493,"Заглушка КЛ-3","ШТ",2,33.46,66.92,"450045, г. Уфа, ПАО АНК \"Башнефть\" \"Башнефть-Новойл\""]
["Электромонтажные изделия","ПАО АНК \"Башнефть\" \"Башнефть-Новойл\"",3,494,"Зажим OBO Betterman FL 3TG 1488031","ШТ",30,121.67,3650.1,"450045, г. Уфа, ПАО АНК \"Башнефть\" \"Башнефть-Новойл\""]
["Электромонтажные изделия","ПАО АНК \"Башнефть\" \"Башнефть-Новойл\"",3,495,"Кабель-канал Элекор 100х60мм","ШТ",31,178.34,5528.54,"450045, г. Уфа, ПАО АНК \"Башнефть\" \"Башнефть-Новойл\""]
["Электромонтажные изделия","ПАО АНК \"Башнефть\" \"Башнефть-Новойл\"",3,496,"Клавиша Legrand Galea L/777010","ШТ",4,45.86,183.44,"450045, г. Уфа, ПАО АНК \"Башнефть\" \"Башнефть-Новойл\""]
["Электромонтажные изделия","ПАО АНК \"Башнефть\" \"Башнефть-Новойл\"",3,497,"Ключ К1156 У3","ШТ",1,34.1,34.1,"450045, г. Уфа, ПАО АНК \"Башнефть\" \"Башнефть-Новойл\""]
["Электромонтажные изделия","ПАО АНК \"Башнефть\" \"Башнефть-Новойл\"",3,498,"Колодка монтажная МСВН-00","ШТ",21,26.15,{"$f":"G502*H502","v":549.15},"450045, г. Уфа, ПАО АНК \"Башнефть\" \"Башнефть-Новойл\""]
["Электромонтажные изделия","ПАО АНК \"Башнефть\" \"Башнефть-Новойл\"",3,499,"Колпачок CPS 5SKOR 1124561","ШТ",12,57.19,686.28,"450045, г. Уфа, ПАО АНК \"Башнефть\" \"Башнефть-Новойл\""]
["Электромонтажные изделия","ПАО АНК \"Башнефть\" \"Башнефть-Новойл\"",3,500,"Колпачок US 3 KS 0R Betterman 6338458","ШТ",4,17.149999999999999,68.599999999999994,"450045, г. Уфа, ПАО АНК \"Башнефть\" \"Башнефть-Новойл\""]
["Электромонтажные изделия","ПАО АНК \"Башнефть\" \"Башнефть-Новойл\"",3,501,"Кольцо KSR-910 PE Bettermann 6066 71 2","ШТ",15,25.04,375.59999999999997,"450045, г. Уфа, ПАО АНК \"Башнефть\" \"Башнефть-Новойл\""]
["Электромонтажные изделия","ПАО АНК \"Башнефть\" \"Башнефть-Новойл\"",3,502,"Кольцо KSR-910 PE Bettermann 6066 71 2","ШТ",30,25.04,751.19999999999993,"450045, г. Уфа, ПАО АНК \"Башнефть\" \"Башнефть-Новойл\""]
["Электромонтажные изделия","ПАО АНК \"Башнефть\" \"Башнефть-Новойл\"",3,503,"Кольцо OBO KSR 915PE 6066704","ШТ",10,24.71,247.10000000000002,"450045, г. Уфа, ПАО АНК \"Башнефть\" \"Башнефть-Новойл\""]
["Электромонтажные изделия","ПАО АНК \"Башнефть\" \"Башнефть-Новойл\"",3,504,"Кольцо уплотнительное 20 ETS2","ШТ",6,18.79,112.74,"450045, г. Уфа, ПАО АНК \"Башнефть\" \"Башнефть-Новойл\""]
["Электромонтажные изделия","ПАО АНК \"Башнефть\" \"Башнефть-Новойл\"",3,505,"Кольцо уплотнительное DKC 023110 D110мм","ШТ",15,11.13,166.95000000000002,"450045, г. Уфа, ПАО АНК \"Башнефть\" \"Башнефть-Новойл\""]
["Электромонтажные изделия","ПАО АНК \"Башнефть\" \"Башнефть-Новойл\"",3,506,"Консоль BBP-41 DKC BBP4120HDZ","ШТ",12,299.91000000000003,3598.92,"450045, г. Уфа, ПАО АНК \"Башнефть\" \"Башнефть-Новойл\""]
["Электромонтажные изделия","ПАО АНК \"Башнефть\" \"Башнефть-Новойл\"",3,507,"Консоль BBP-41 DKC BBP4140HDZ","ШТ",1,299.91000000000003,299.91000000000003,"450045, г. Уфа, ПАО АНК \"Башнефть\" \"Башнефть-Новойл\""]
["Электромонтажные изделия","ПАО АНК \"Башнефть\" \"Башнефть-Новойл\"",3,508,"Консоль DS DKC 34160","ШТ",29,85.13,2468.77,"450045, г. Уфа, ПАО АНК \"Башнефть\" \"Башнефть-Новойл\""]
["Электромонтажные изделия","ПАО АНК \"Башнефть\" \"Башнефть-Новойл\"",3,509,"Консоль DW DKC 34152","ШТ",4,82.58,330.32,"450045, г. Уфа, ПАО АНК \"Башнефть\" \"Башнефть-Новойл\""]
["Электромонтажные изделия","ПАО АНК \"Башнефть\" \"Башнефть-Новойл\"",3,510,"Консоль OBO AW 15/41FT 6420745","ШТ",7,316.25,2213.75,"450045, г. Уфа, ПАО АНК \"Башнефть\" \"Башнефть-Новойл\""]
["Электромонтажные изделия","ПАО АНК \"Башнефть\" \"Башнефть-Новойл\"",3,511,"Кор.ExK3 4A 342416 (UK5N/32)-А(12ЛМ16)-С","ШТ",1,6573.08,6573.08,"450045, г. Уфа, ПАО АНК \"Башнефть\" \"Башнефть-Новойл\""]
["Электромонтажные изделия","ПАО АНК \"Башнефть\" \"Башнефть-Новойл\"",3,512,"Корпус поста для кнопок XAL-D01-TE","ШТ",2,190.91,381.82,"450045, г. Уфа, ПАО АНК \"Башнефть\" \"Башнефть-Новойл\""]
["Электромонтажные изделия","ПАО АНК \"Башнефть\" \"Башнефть-Новойл\"",3,513,"Кронштейн AW 15 51FT Betterman 6420788","ШТ",1,430.69,430.69,"450045, г. Уфа, ПАО АНК \"Башнефть\" \"Башнефть-Новойл\""]
["Электромонтажные изделия","ПАО АНК \"Башнефть\" \"Башнефть-Новойл\"",3,514,"Кронштейн Bettermann AWG 1521 FT 6420608","ШТ",1,253.76,253.76,"450045, г. Уфа, ПАО АНК \"Башнефть\" \"Башнефть-Новойл\""]
["Электромонтажные изделия","ПАО АНК \"Башнефть\" \"Башнефть-Новойл\"",3,515,"Кронштейн Bettermann TPSA 145 FT 6364659","ШТ",8,276.26,2210.08,"450045, г. Уфа, ПАО АНК \"Башнефть\" \"Башнефть-Новойл\""]
["Электромонтажные изделия","ПАО АНК \"Башнефть\" \"Башнефть-Новойл\"",3,516,"Кронштейн Bettermann TPSA 145 FT 6364659","ШТ",8,200.36,1602.88,"450045, г. Уфа, ПАО АНК \"Башнефть\" \"Башнефть-Новойл\""]
["Электромонтажные изделия","ПАО АНК \"Башнефть\" \"Башнефть-Новойл\"",3,517,"Кронштейн СК367","ШТ",5,54.34,271.70000000000005,"450045, г. Уфа, ПАО АНК \"Башнефть\" \"Башнефть-Новойл\""]
["Электромонтажные изделия","ПАО АНК \"Башнефть\" \"Башнефть-Новойл\"",3,518,"Кронштейн СК467","ШТ",15,70.73,1060.95,"450045, г. Уфа, ПАО АНК \"Башнефть\" \"Башнефть-Новойл\""]
["Электромонтажные изделия","ПАО АНК \"Башнефть\" \"Башнефть-Новойл\"",3,519,"Кронштейн стенной СКУ 100 УТ1,5","ШТ",160,74.930000000000007,11988.800000000001,"450045, г. Уфа, ПАО АНК \"Башнефть\" \"Башнефть-Новойл\""]
["Электромонтажные изделия","ПАО АНК \"Башнефть\" \"Башнефть-Новойл\"",3,520,"Кронштейн универсальный КУ УТ1.5","ШТ",6,115.65,693.90000000000009,"450045, г. Уфа, ПАО АНК \"Башнефть\" \"Башнефть-Новойл\""]
["Электромонтажные изделия","ПАО АНК \"Башнефть\" \"Башнефть-Новойл\"",3,521,"Крышка 100х15х2000 DKC 35512HDZ","ШТ",3,343.63,1030.8899999999999,"450045, г. Уфа, ПАО АНК \"Башнефть\" \"Башнефть-Новойл\""]
["Электромонтажные изделия","ПАО АНК \"Башнефть\" \"Башнефть-Новойл\"",3,522,"Крышка 38042ZL DKC 100","ШТ",1,305.83999999999997,305.83999999999997,"450045, г. Уфа, ПАО АНК \"Башнефть\" \"Башнефть-Новойл\""]
["Электромонтажные изделия","ПАО АНК \"Башнефть\" \"Башнефть-Новойл\"",3,523,"Крышка CDSD90 38282ZL DKC 15х100","ШТ",2,305.83999999999997,611.67999999999995,"450045, г. Уфа, ПАО АНК \"Башнефть\" \"Башнефть-Новойл\""]
["Электромонтажные изделия","ПАО АНК \"Башнефть\" \"Башнефть-Новойл\"",3,524,"Крышка CS90 400x15 DKC 38206HDZ","ШТ",41,388.4,15924.4,"450045, г. Уфа, ПАО АНК \"Башнефть\" \"Башнефть-Новойл\""]
["Электромонтажные изделия","ПАО АНК \"Башнефть\" \"Башнефть-Новойл\"",3,525,"Крышка CS90 400x15 DKC 38206HDZ","ШТ",1,388.06,388.06,"450045, г. Уфа, ПАО АНК \"Башнефть\" \"Башнефть-Новойл\""]
["Электромонтажные изделия","ПАО АНК \"Башнефть\" \"Башнефть-Новойл\"",3,526,"Крышка DBV 100 S FS Bettermann 7130 80 5","ШТ",6,425.02,2550.12,"450045, г. Уфа, ПАО АНК \"Башнефть\" \"Башнефть-Новойл\""]
["Электромонтажные изделия","ПАО АНК \"Башнефть\" \"Башнефть-Новойл\"",3,527,"Крышка DFB 90 300DD Bettermann 7130 56 2","ШТ",3,1227.73,3683.19,"450045, г. Уфа, ПАО АНК \"Башнефть\" \"Башнефть-Новойл\""]
["Электромонтажные изделия","ПАО АНК \"Башнефть\" \"Башнефть-Новойл\"",3,528,"Крышка DKC DPT 100х15 арт.38042","ШТ",8,211.29,1690.32,"450045, г. Уфа, ПАО АНК \"Башнефть\" \"Башнефть-Новойл\""]
["Электромонтажные изделия","ПАО АНК \"Башнефть\" \"Башнефть-Новойл\"",3,529,"Крышка DRL BKS20ALU Bettermann 6052 75 2","ШТ",6,2989.08,17934.48,"450045, г. Уфа, ПАО АНК \"Башнефть\" \"Башнефть-Новойл\""]
["Электромонтажные изделия","ПАО АНК \"Башнефть\" \"Башнефть-Новойл\"",3,530,"Крышка DRL/100 P/n 6052 09 6 Bettermann","ШТ",9,479.42,4314.78,"450045, г. Уфа, ПАО АНК \"Башнефть\" \"Башнефть-Новойл\""]
["Электромонтажные изделия","ПАО АНК \"Башнефть\" \"Башнефть-Новойл\"",3,531,"Крышка DRL/100 P/n 6052 09 6 Bettermann","ШТ",1,1041.28,1041.28,"450045, г. Уфа, ПАО АНК \"Башнефть\" \"Башнефть-Новойл\""]
["Электромонтажные изделия","ПАО АНК \"Башнефть\" \"Башнефть-Новойл\"",3,532,"Крышка DRL/100 P/n 6052 09 6 Bettermann","ШТ",6,712.59,4275.54,"450045, г. Уфа, ПАО АНК \"Башнефть\" \"Башнефть-Новойл\""]
["Электромонтажные изделия","ПАО АНК \"Башнефть\" \"Башнефть-Новойл\"",3,533,"Крышка DRL/200 P/n 6052 20 7 Bettermann","ШТ",3,1391.84,4175.5199999999995,"450045, г. Уфа, ПАО АНК \"Башнефть\" \"Башнефть-Новойл\""]
["Электромонтажные изделия","ПАО АНК \"Башнефть\" \"Башнефть-Новойл\"",3,534,"Крышка TDS 38322ZL DKC 15х100","ШТ",1,407.08,407.08,"450045, г. Уфа, ПАО АНК \"Башнефть\" \"Башнефть-Новойл\""]
["Электромонтажные изделия","ПАО АНК \"Башнефть\" \"Башнефть-Новойл\"",3,535,"Крышка ответвителя DKC 38363ZL","ШТ",1,295.06,295.06,"450045, г. Уфа, ПАО АНК \"Башнефть\" \"Башнефть-Новойл\""]
["Электромонтажные изделия","ПАО АНК \"Башнефть\" \"Башнефть-Новойл\"",3,536,"Крышка угла DKC CPO 90 38002","ШТ",3,163.22,489.65999999999997,"450045, г. Уфа, ПАО АНК \"Башнефть\" \"Башнефть-Новойл\""]
["Электромонтажные изделия","ПАО АНК \"Башнефть\" \"Башнефть-Новойл\"",3,537,"Крышка угла DKC CPO 90 38002","ШТ",3,163.21,489.63,"450045, г. Уфа, ПАО АНК \"Башнефть\" \"Башнефть-Новойл\""]
["Электромонтажные изделия","ПАО АНК \"Башнефть\" \"Башнефть-Новойл\"",3,538,"Металлорукав РЗ-Ц-Х-15","М",25,10.28,257,"450045, г. Уфа, ПАО АНК \"Башнефть\" \"Башнефть-Новойл\""]
["Электромонтажные изделия","ПАО АНК \"Башнефть\" \"Башнефть-Новойл\"",3,539,"Металлорукав РЗ-Ц-Х-15","М",9,9.4700000000000006,85.23,"450045, г. Уфа, ПАО АНК \"Башнефть\" \"Башнефть-Новойл\""]
["Электромонтажные изделия","ПАО АНК \"Башнефть\" \"Башнефть-Новойл\"",3,540,"Мини-канал AZK100 Bettermann 6075 25 8","ШТ",5,1351.03,6755.15,"450045, г. Уфа, ПАО АНК \"Башнефть\" \"Башнефть-Новойл\""]
["Электромонтажные изделия","ПАО АНК \"Башнефть\" \"Башнефть-Новойл\"",3,541,"Накладка на стык Legrand 33603","ШТ",50,20.09,1004.5,"450045, г. Уфа, ПАО АНК \"Башнефть\" \"Башнефть-Новойл\""]
["Электромонтажные изделия","ПАО АНК \"Башнефть\" \"Башнефть-Новойл\"",3,542,"Накладка на стык Legrand L/10692","ШТ",14,17.75,248.5,"450045, г. Уфа, ПАО АНК \"Башнефть\" \"Башнефть-Новойл\""]
["Электромонтажные изделия","ПАО АНК \"Башнефть\" \"Башнефть-Новойл\"",3,543,"Накладка на стык Legrand L/10692","ШТ",1,17.23,17.23,"450045, г. Уфа, ПАО АНК \"Башнефть\" \"Башнефть-Новойл\""]
["Электромонтажные изделия","ПАО АНК \"Башнефть\" \"Башнефть-Новойл\"",3,544,"Накладка на стык Legrand L/33646","ШТ",12,8.3000000000000007,99.600000000000009,"450045, г. Уфа, ПАО АНК \"Башнефть\" \"Башнефть-Новойл\""]
["Электромонтажные изделия","ПАО АНК \"Башнефть\" \"Башнефть-Новойл\"",3,545,"Накладка на стык Legrand L/33646","ШТ",10,8.2899999999999991,82.899999999999991,"450045, г. Уфа, ПАО АНК \"Башнефть\" \"Башнефть-Новойл\""]
["Электромонтажные изделия","ПАО АНК \"Башнефть\" \"Башнефть-Новойл\"",3,546,"Накладка на стык Legrand L/33646","ШТ",12,9.31,111.72,"450045, г. Уфа, ПАО АНК \"Башнефть\" \"Башнефть-Новойл\""]
["Электромонтажные изделия","ПАО АНК \"Башнефть\" \"Башнефть-Новойл\"",3,547,"Накладка на стык Legrand L/33647","ШТ",20,8.11,162.19999999999999,"450045, г. Уфа, ПАО АНК \"Башнефть\" \"Башнефть-Новойл\""]
["Электромонтажные изделия","ПАО АНК \"Башнефть\" \"Башнефть-Новойл\"",3,548,"Накладка на стык Legrand L/60956","ШТ",1,141.94,141.94,"450045, г. Уфа, ПАО АНК \"Башнефть\" \"Башнефть-Новойл\""]
["Электромонтажные изделия","ПАО АНК \"Башнефть\" \"Башнефть-Новойл\"",3,549,"Накладка на стык д/короба Legrand 33648","ШТ",7,8.93,62.51,"450045, г. Уфа, ПАО АНК \"Башнефть\" \"Башнефть-Новойл\""]
["Электромонтажные изделия","ПАО АНК \"Башнефть\" \"Башнефть-Новойл\"",3,550,"Накладка на стык д/короба Legrand 33648","ШТ",99,8.76,867.24,"450045, г. Уфа, ПАО АНК \"Башнефть\" \"Башнефть-Новойл\""]
["Электромонтажные изделия","ПАО АНК \"Башнефть\" \"Башнефть-Новойл\"",3,551,"Накладка НТ-4","ШТ",91,34.94,3179.54,"450045, г. Уфа, ПАО АНК \"Башнефть\" \"Башнефть-Новойл\""]
["Электромонтажные изделия","ПАО АНК \"Башнефть\" \"Башнефть-Новойл\"",3,552,"Накладка НТ-4","ШТ",50,34.94,1747,"450045, г. Уфа, ПАО АНК \"Башнефть\" \"Башнефть-Новойл\""]
["Электромонтажные изделия","ПАО АНК \"Башнефть\" \"Башнефть-Новойл\"",3,553,"Накладка НТ-4","ШТ",100,34.94,3494,"450045, г. Уфа, ПАО АНК \"Башнефть\" \"Башнефть-Новойл\""]
["Электромонтажные изделия","ПАО АНК \"Башнефть\" \"Башнефть-Новойл\"",3,554,"Наконечник Phoenix Contact 3200014 100шт","УПК",30.5,35.5,1082.75,"450045, г. Уфа, ПАО АНК \"Башнефть\" \"Башнефть-Новойл\""]
["Электромонтажные изделия","ПАО АНК \"Башнефть\" \"Башнефть-Новойл\"",3,555,"Наконечник кабельный ТМЛ 185-16-21","ШТ",20,71.739999999999995,1434.8,"450045, г. Уфа, ПАО АНК \"Башнефть\" \"Башнефть-Новойл\""]
["Электромонтажные изделия","ПАО АНК \"Башнефть\" \"Башнефть-Новойл\"",3,556,"Наконечник штыревой НШВИ 0,5-8","ШТ",200,0.37,74,"450045, г. Уфа, ПАО АНК \"Башнефть\" \"Башнефть-Новойл\""]
["Электромонтажные изделия","ПАО АНК \"Башнефть\" \"Башнефть-Новойл\"",3,557,"Опора муфты К948 У3","ШТ",3,630.08000000000004,1890.2400000000002,"450045, г. Уфа, ПАО АНК \"Башнефть\" \"Башнефть-Новойл\""]
["Электромонтажные изделия","ПАО АНК \"Башнефть\" \"Башнефть-Новойл\"",3,558,"Основание Legrand Colson 32070","ШТ",300,2.6,780,"450045, г. Уфа, ПАО АНК \"Башнефть\" \"Башнефть-Новойл\""]
["Электромонтажные изделия","ПАО АНК \"Башнефть\" \"Башнефть-Новойл\"",3,559,"Основание Legrand Colson 32070","ШТ",200,2.58,516,"450045, г. Уфа, ПАО АНК \"Башнефть\" \"Башнефть-Новойл\""]
["Электромонтажные изделия","ПАО АНК \"Башнефть\" \"Башнефть-Новойл\"",3,560,"Основание Legrand Colson 32070","ШТ",400,2.5499999999999998,1019.9999999999999,"450045, г. Уфа, ПАО АНК \"Башнефть\" \"Башнефть-Новойл\""]
["Электромонтажные изделия","ПАО АНК \"Башнефть\" \"Башнефть-Новойл\"",3,561,"Ответвитель DKC DPT 100х100 36161HDZ","ШТ",1,656.37,656.37,"450045, г. Уфа, ПАО АНК \"Башнефть\" \"Башнефть-Новойл\""]
["Электромонтажные изделия","ПАО АНК \"Башнефть\" \"Башнефть-Новойл\"",3,562,"Ответвитель DKC DPT 100х100 арт.36161","ШТ",1,453.41,{"$f":"G566*H566","v":453.41},"450045, г. Уфа, ПАО АНК \"Башнефть\" \"Башнефть-Новойл\""]
["Электромонтажные изделия","ПАО АНК \"Башнефть\" \"Башнефть-Новойл\"",3,563,"Ответвление Т-образное Legrand L/30254","ШТ",3,34.71,104.13,"450045, г. Уфа, ПАО АНК \"Башнефть\" \"Башнефть-Новойл\""]
["Электромонтажные изделия","ПАО АНК \"Башнефть\" \"Башнефть-Новойл\"",3,564,"Ответвление Т-образное Legrand L/33330","ШТ",10,66.319999999999993,663.19999999999993,"450045, г. Уфа, ПАО АНК \"Башнефть\" \"Башнефть-Новойл\""]
["Электромонтажные изделия","ПАО АНК \"Башнефть\" \"Башнефть-Новойл\"",3,565,"Ответвление Т-образное ЛМ 60.30-Т УТ1.5","ШТ",1,71.989999999999995,71.989999999999995,"450045, г. Уфа, ПАО АНК \"Башнефть\" \"Башнефть-Новойл\""]
["Электромонтажные изделия","ПАО АНК \"Башнефть\" \"Башнефть-Новойл\"",3,566,"Патрубок вводный У476 У3","ШТ",12,83.68,1004.1600000000001,"450045, г. Уфа, ПАО АНК \"Башнефть\" \"Башнефть-Новойл\""]
["Электромонтажные изделия","ПАО АНК \"Башнефть\" \"Башнефть-Новойл\"",3,567,"Патрубок вводный У476 У3","ШТ",207,86.38,17880.66,"450045, г. Уфа, ПАО АНК \"Башнефть\" \"Башнефть-Новойл\""]
["Электромонтажные изделия","ПАО АНК \"Башнефть\" \"Башнефть-Новойл\"",3,568,"Патрубок вводный У478 У3","ШТ",4,197.54,790.16,"450045, г. Уфа, ПАО АНК \"Башнефть\" \"Башнефть-Новойл\""]
["Электромонтажные изделия","ПАО АНК \"Башнефть\" \"Башнефть-Новойл\"",3,569,"Перегородка Legrand DLP 105х50 10582","ШТ",2,120.44,240.88,"450045, г. Уфа, ПАО АНК \"Башнефть\" \"Башнефть-Новойл\""]
["Электромонтажные изделия","ПАО АНК \"Башнефть\" \"Башнефть-Новойл\"",3,570,"Перегородка Legrand DLP 105х50 10582","ШТ",1,122.8,122.8,"450045, г. Уфа, ПАО АНК \"Башнефть\" \"Башнефть-Новойл\""]
["Электромонтажные изделия","ПАО АНК \"Башнефть\" \"Башнефть-Новойл\"",3,571,"Перегородка для лотка DKC 36470","ШТ",25,147.61000000000001,3690.2500000000005,"450045, г. Уфа, ПАО АНК \"Башнефть\" \"Башнефть-Новойл\""]
["Электромонтажные изделия","ПАО АНК \"Башнефть\" \"Башнефть-Новойл\"",3,572,"Перегородка для лотка DKC 36480","ШТ",351,169.2,59389.2,"450045, г. Уфа, ПАО АНК \"Башнефть\" \"Башнефть-Новойл\""]
["Электромонтажные изделия","ПАО АНК \"Башнефть\" \"Башнефть-Новойл\"",3,573,"Перегородка для лотка DKC 36480","ШТ",144,169.2,24364.799999999999,"450045, г. Уфа, ПАО АНК \"Башнефть\" \"Башнефть-Новойл\""]
["Электромонтажные изделия","ПАО АНК \"Башнефть\" \"Башнефть-Новойл\"",3,574,"Перегородка для лотка DKC 36480","ШТ",40,169.2,6768,"450045, г. Уфа, ПАО АНК \"Башнефть\" \"Башнефть-Новойл\""]
["Электромонтажные изделия","ПАО АНК \"Башнефть\" \"Башнефть-Новойл\"",3,575,"Перегородка для лотка DKC 36510HDZ","ШТ",54,675.17,36459.18,"450045, г. Уфа, ПАО АНК \"Башнефть\" \"Башнефть-Новойл\""]
["Электромонтажные изделия","ПАО АНК \"Башнефть\" \"Башнефть-Новойл\"",3,576,"Переключатель Legrand Galea L/775806 1кл","ШТ",4,143.61000000000001,574.44000000000005,"450045, г. Уфа, ПАО АНК \"Башнефть\" \"Башнефть-Новойл\""]
["Электромонтажные изделия","ПАО АНК \"Башнефть\" \"Башнефть-Новойл\"",3,577,"Переходник Bettermann RWEB 610 7106 10 6","ШТ",1,327.39999999999998,327.39999999999998,"450045, г. Уфа, ПАО АНК \"Башнефть\" \"Башнефть-Новойл\""]
["Электромонтажные изделия","ПАО АНК \"Башнефть\" \"Башнефть-Новойл\"",3,578,"Переходник Bettermann RWEB 620 7106114","ШТ",3,382.44,1147.32,"450045, г. Уфа, ПАО АНК \"Башнефть\" \"Башнефть-Новойл\""]
["Электромонтажные изделия","ПАО АНК \"Башнефть\" \"Башнефть-Новойл\"",3,579,"Переходник Т-обр 32-40х2 Legrand L/30216","ШТ",12,202.73,2432.7599999999998,"450045, г. Уфа, ПАО АНК \"Башнефть\" \"Башнефть-Новойл\""]
["Электромонтажные изделия","ПАО АНК \"Башнефть\" \"Башнефть-Новойл\"",3,580,"Поворот 90гр ЛМ 60.30ВР УТ1.5","ШТ",2,69.41,138.82,"450045, г. Уфа, ПАО АНК \"Башнефть\" \"Башнефть-Новойл\""]
["Электромонтажные изделия","ПАО АНК \"Башнефть\" \"Башнефть-Новойл\"",3,581,"Поворот внутренний на 90 ЛМ60.30-В УТ1,5","ШТ",2,76.78,153.56,"450045, г. Уфа, ПАО АНК \"Башнефть\" \"Башнефть-Новойл\""]
["Электромонтажные изделия","ПАО АНК \"Башнефть\" \"Башнефть-Новойл\"",3,582,"Поворот ЛМ60.30-Т УТ1,5 с крышкой","ШТ",3,113.56,340.68,"450045, г. Уфа, ПАО АНК \"Башнефть\" \"Башнефть-Новойл\""]
["Электромонтажные изделия","ПАО АНК \"Башнефть\" \"Башнефть-Новойл\"",3,583,"Подвес Bettermann MAB 100FS 6358527","ШТ",30,57.85,1735.5,"450045, г. Уфа, ПАО АНК \"Башнефть\" \"Башнефть-Новойл\""]
["Электромонтажные изделия","ПАО АНК \"Башнефть\" \"Башнефть-Новойл\"",3,584,"Подвес для лотка DKC L=500мм BSD2105HDZ","ШТ",45,326.14,14676.3,"450045, г. Уфа, ПАО АНК \"Башнефть\" \"Башнефть-Новойл\""]
["Электромонтажные изделия","ПАО АНК \"Башнефть\" \"Башнефть-Новойл\"",3,585,"Подвес тросовый КЛ-ПТ У3","ШТ",20,40.4,808,"450045, г. Уфа, ПАО АНК \"Башнефть\" \"Башнефть-Новойл\""]
["Электромонтажные изделия","ПАО АНК \"Башнефть\" \"Башнефть-Новойл\"",3,586,"Подвеска К1165ц У3","ШТ",1,23.85,23.85,"450045, г. Уфа, ПАО АНК \"Башнефть\" \"Башнефть-Новойл\""]
["Электромонтажные изделия","ПАО АНК \"Башнефть\" \"Башнефть-Новойл\"",3,587,"Подвеска К1166 У3","ШТ",24,11.71,281.04000000000002,"450045, г. Уфа, ПАО АНК \"Башнефть\" \"Башнефть-Новойл\""]
["Электромонтажные изделия","ПАО АНК \"Башнефть\" \"Башнефть-Новойл\"",3,588,"Подвеска К1166ц УТ1.5","ШТ",15,16.170000000000002,242.55,"450045, г. Уфа, ПАО АНК \"Башнефть\" \"Башнефть-Новойл\""]
["Электромонтажные изделия","ПАО АНК \"Башнефть\" \"Башнефть-Новойл\"",3,589,"Подвеска К1167 У3","ШТ",70,13.27,928.9,"450045, г. Уфа, ПАО АНК \"Башнефть\" \"Башнефть-Новойл\""]
["Электромонтажные изделия","ПАО АНК \"Башнефть\" \"Башнефть-Новойл\"",3,590,"Полка кабельная К1160ц УТ1,5","ШТ",9,15.73,141.57,"450045, г. Уфа, ПАО АНК \"Башнефть\" \"Башнефть-Новойл\""]
["Электромонтажные изделия","ПАО АНК \"Башнефть\" \"Башнефть-Новойл\"",3,591,"Полка кабельная К1160ц УТ1,5","ШТ",1,16.38,16.38,"450045, г. Уфа, ПАО АНК \"Башнефть\" \"Башнефть-Новойл\""]
["Электромонтажные изделия","ПАО АНК \"Башнефть\" \"Башнефть-Новойл\"",3,592,"Полка кабельная К1160ц УТ1,5","ШТ",36,16.55,595.80000000000007,"450045, г. Уфа, ПАО АНК \"Башнефть\" \"Башнефть-Новойл\""]
["Электромонтажные изделия","ПАО АНК \"Башнефть\" \"Башнефть-Новойл\"",3,593,"Полоса вставная Phoenix Contact 0808095","ШТ",7,145.12,1015.84,"450045, г. Уфа, ПАО АНК \"Башнефть\" \"Башнефть-Новойл\""]
["Электромонтажные изделия","ПАО АНК \"Башнефть\" \"Башнефть-Новойл\"",3,594,"Полоса вставная Phoenix Contact 0808095","ШТ",1,143.18,143.18,"450045, г. Уфа, ПАО АНК \"Башнефть\" \"Башнефть-Новойл\""]
["Электромонтажные изделия","ПАО АНК \"Башнефть\" \"Башнефть-Новойл\"",3,595,"Полоса вставная Phoenix Contact 0808095","ШТ",3,145.12,435.36,"450045, г. Уфа, ПАО АНК \"Башнефть\" \"Башнефть-Новойл\""]
["Электромонтажные изделия","ПАО АНК \"Башнефть\" \"Башнефть-Новойл\"",3,596,"Полоса К106 ХЛ1","ШТ",2,191.84,383.68,"450045, г. Уфа, ПАО АНК \"Башнефть\" \"Башнефть-Новойл\""]
["Электромонтажные изделия","ПАО АНК \"Башнефть\" \"Башнефть-Новойл\"",3,597,"Полоса К107 ц УТ1,5","ШТ",2,82.13,164.26,"450045, г. Уфа, ПАО АНК \"Башнефть\" \"Башнефть-Новойл\""]
["Электромонтажные изделия","ПАО АНК \"Башнефть\" \"Башнефть-Новойл\"",3,598,"Полоса К202 ХЛ1","ШТ",2,51.17,102.34,"450045, г. Уфа, ПАО АНК \"Башнефть\" \"Башнефть-Новойл\""]
["Электромонтажные изделия","ПАО АНК \"Башнефть\" \"Башнефть-Новойл\"",3,599,"Полоса К209ц У2","ШТ",12,35.81,429.72,"450045, г. Уфа, ПАО АНК \"Башнефть\" \"Башнефть-Новойл\""]
["Электромонтажные изделия","ПАО АНК \"Башнефть\" \"Башнефть-Новойл\"",3,600,"Полоса ПП-40 У3","ШТ",1,154.41999999999999,154.41999999999999,"450045, г. Уфа, ПАО АНК \"Башнефть\" \"Башнефть-Новойл\""]
["Электромонтажные изделия","ПАО АНК \"Башнефть\" \"Башнефть-Новойл\"",3,601,"Полоса УСЭК56 У3","ШТ",1,143.07,143.07,"450045, г. Уфа, ПАО АНК \"Башнефть\" \"Башнефть-Новойл\""]
["Электромонтажные изделия","ПАО АНК \"Башнефть\" \"Башнефть-Новойл\"",3,602,"Полочка TSG60FS P/n 6062068 Bettermann","ШТ",11,227.83,2506.13,"450045, г. Уфа, ПАО АНК \"Башнефть\" \"Башнефть-Новойл\""]
["Электромонтажные изделия","ПАО АНК \"Башнефть\" \"Башнефть-Новойл\"",3,603,"Полочка TSG60FS P/n 6062068 Bettermann","ШТ",6,224.82,1348.92,"450045, г. Уфа, ПАО АНК \"Башнефть\" \"Башнефть-Новойл\""]
["Электромонтажные изделия","ПАО АНК \"Башнефть\" \"Башнефть-Новойл\"",3,604,"Полочка TSG60FS P/n 6062068 Bettermann","ШТ",18,245.72,4422.96,"450045, г. Уфа, ПАО АНК \"Башнефть\" \"Башнефть-Новойл\""]
["Электромонтажные изделия","ПАО АНК \"Башнефть\" \"Башнефть-Новойл\"",3,605,"Полочка TSG60FS P/n 6062068 Bettermann","ШТ",2,83.82,167.64,"450045, г. Уфа, ПАО АНК \"Башнефть\" \"Башнефть-Новойл\""]
["Электромонтажные изделия","ПАО АНК \"Башнефть\" \"Башнефть-Новойл\"",3,606,"Полочка TSG60FS P/n 6062068 Bettermann","ШТ",19,239.11,4543.09,"450045, г. Уфа, ПАО АНК \"Башнефть\" \"Башнефть-Новойл\""]
["Электромонтажные изделия","ПАО АНК \"Башнефть\" \"Башнефть-Новойл\"",3,607,"Полочка разд. Bettermann 6062 03 3","ШТ",7,309.12,2163.84,"450045, г. Уфа, ПАО АНК \"Башнефть\" \"Башнефть-Новойл\""]
["Электромонтажные изделия","ПАО АНК \"Башнефть\" \"Башнефть-Новойл\"",3,608,"Полукольцо зажимное D7х1.06 BEF","КМП",1,150811.65,150811.65,"450045, г. Уфа, ПАО АНК \"Башнефть\" \"Башнефть-Новойл\""]
["Электромонтажные изделия","ПАО АНК \"Башнефть\" \"Башнефть-Новойл\"",3,609,"Прижим НЛ-ПР У2","ШТ",23,8.9,204.70000000000002,"450045, г. Уфа, ПАО АНК \"Башнефть\" \"Башнефть-Новойл\""]
["Электромонтажные изделия","ПАО АНК \"Башнефть\" \"Башнефть-Новойл\"",3,610,"Проводник Bettermann5052/DIN5019206 30х4","М",22,143.56,3158.32,"450045, г. Уфа, ПАО АНК \"Башнефть\" \"Башнефть-Новойл\""]
["Электромонтажные изделия","ПАО АНК \"Башнефть\" \"Башнефть-Новойл\"",3,611,"Профиль S-1500 УТ1.5","ШТ",1,280.37,280.37,"450045, г. Уфа, ПАО АНК \"Башнефть\" \"Башнефть-Новойл\""]
["Электромонтажные изделия","ПАО АНК \"Башнефть\" \"Башнефть-Новойл\"",3,612,"Профиль S-2000 УТ1.5","ШТ",2,320.42,640.84,"450045, г. Уфа, ПАО АНК \"Башнефть\" \"Башнефть-Новойл\""]
["Электромонтажные изделия","ПАО АНК \"Башнефть\" \"Башнефть-Новойл\"",3,613,"Профиль К101/1 УХЛ2","ШТ",2,141.91,283.82,"450045, г. Уфа, ПАО АНК \"Башнефть\" \"Башнефть-Новойл\""]
["Электромонтажные изделия","ПАО АНК \"Башнефть\" \"Башнефть-Новойл\"",3,614,"Профиль К101/2ц У2","ШТ",3,82.09,246.27,"450045, г. Уфа, ПАО АНК \"Башнефть\" \"Башнефть-Новойл\""]
["Электромонтажные изделия","ПАО АНК \"Башнефть\" \"Башнефть-Новойл\"",3,615,"Профиль К101/2ц УХЛ2","ШТ",4,129.76,519.04,"450045, г. Уфа, ПАО АНК \"Башнефть\" \"Башнефть-Новойл\""]
["Электромонтажные изделия","ПАО АНК \"Башнефть\" \"Башнефть-Новойл\"",3,616,"Профиль К101ц УТ1.5","ШТ",8,101.41,811.28,"450045, г. Уфа, ПАО АНК \"Башнефть\" \"Башнефть-Новойл\""]
["Электромонтажные изделия","ПАО АНК \"Башнефть\" \"Башнефть-Новойл\"",3,617,"Профиль К108/1 УТ1.5","М",1,170.2,170.2,"450045, г. Уфа, ПАО АНК \"Башнефть\" \"Башнефть-Новойл\""]
["Электромонтажные изделия","ПАО АНК \"Башнефть\" \"Башнефть-Новойл\"",3,618,"Профиль К347ц УТ1.5","ШТ",21,100.97,2120.37,"450045, г. Уфа, ПАО АНК \"Башнефть\" \"Башнефть-Новойл\""]
["Электромонтажные изделия","ПАО АНК \"Башнефть\" \"Башнефть-Новойл\"",3,619,"Профиль перф. К110цУТ1,5","ШТ",17,406.71,6914.07,"450045, г. Уфа, ПАО АНК \"Башнефть\" \"Башнефть-Новойл\""]
["Электромонтажные изделия","ПАО АНК \"Башнефть\" \"Башнефть-Новойл\"",3,620,"Профиль перф. К110цУТ1,5","ШТ",138,407,56166,"450045, г. Уфа, ПАО АНК \"Башнефть\" \"Башнефть-Новойл\""]
["Электромонтажные изделия","ПАО АНК \"Башнефть\" \"Башнефть-Новойл\"",3,621,"Профиль перф. К110цУТ1,5","ШТ",25,406.71,10167.75,"450045, г. Уфа, ПАО АНК \"Башнефть\" \"Башнефть-Новойл\""]
["Электромонтажные изделия","ПАО АНК \"Башнефть\" \"Башнефть-Новойл\"",3,622,"Профиль С-образный К108/1У2","ШТ",2,53.42,106.84,"450045, г. Уфа, ПАО АНК \"Башнефть\" \"Башнефть-Новойл\""]
["Электромонтажные изделия","ПАО АНК \"Башнефть\" \"Башнефть-Новойл\"",3,623,"Профиль С-образный К108/2ХЛ1","ШТ",2,137.77000000000001,275.54000000000002,"450045, г. Уфа, ПАО АНК \"Башнефть\" \"Башнефть-Новойл\""]
["Электромонтажные изделия","ПАО АНК \"Башнефть\" \"Башнефть-Новойл\"",3,624,"Пряжка закладная Л165 УХЛ2","ШТ",2,0.37,0.74,"450045, г. Уфа, ПАО АНК \"Башнефть\" \"Башнефть-Новойл\""]
["Электромонтажные изделия","ПАО АНК \"Башнефть\" \"Башнефть-Новойл\"",3,625,"Разделитель лотковый РЛ 2000 У3","ШТ",101,91.27,9218.27,"450045, г. Уфа, ПАО АНК \"Башнефть\" \"Башнефть-Новойл\""]
["Электромонтажные изделия","ПАО АНК \"Башнефть\" \"Башнефть-Новойл\"",3,626,"Разделитель лотковый РЛ 2000 УТ1.5","ШТ",28,76.52,{"$f":"G630*H630","v":2142.56},"450045, г. Уфа, ПАО АНК \"Башнефть\" \"Башнефть-Новойл\""]
["Электромонтажные изделия","ПАО АНК \"Башнефть\" \"Башнефть-Новойл\"",3,627,"Разделитель лотковый РЛ 2000 УТ1.5","ШТ",155,76.52,11860.599999999999,"450045, г. Уфа, ПАО АНК \"Башнефть\" \"Башнефть-Новойл\""]
["Электромонтажные изделия","ПАО АНК \"Башнефть\" \"Башнефть-Новойл\"",3,628,"Разделитель лотковый РЛ 2000 УХЛ2.5","ШТ",402,93.29,37502.58,"450045, г. Уфа, ПАО АНК \"Башнефть\" \"Башнефть-Новойл\""]
["Электромонтажные изделия","ПАО АНК \"Башнефть\" \"Башнефть-Новойл\"",3,629,"Разделитель лотковый РЛ 2000 УХЛ2.5","ШТ",80,82.9,6632,"450045, г. Уфа, ПАО АНК \"Башнефть\" \"Башнефть-Новойл\""]
["Электромонтажные изделия","ПАО АНК \"Башнефть\" \"Башнефть-Новойл\"",3,630,"Разделитель лотковый РЛ 2000 УХЛ2.5","ШТ",35,93.29,3265.15,"450045, г. Уфа, ПАО АНК \"Башнефть\" \"Башнефть-Новойл\""]
["Электромонтажные изделия","ПАО АНК \"Башнефть\" \"Башнефть-Новойл\"",3,631,"Разъем РРМ77/3 арт.RRP10D-RRM-3 ИЭК","ШТ",5,42.04,210.2,"450045, г. Уфа, ПАО АНК \"Башнефть\" \"Башнефть-Новойл\""]
["Электромонтажные изделия","ПАО АНК \"Башнефть\" \"Башнефть-Новойл\"",3,632,"Разъем РРМ77/3 арт.RRP10D-RRM-3 ИЭК","ШТ",1,39.33,39.33,"450045, г. Уфа, ПАО АНК \"Башнефть\" \"Башнефть-Новойл\""]
["Электромонтажные изделия","ПАО АНК \"Башнефть\" \"Башнефть-Новойл\"",3,633,"Рамка AVE 45PK02BB","ШТ",10,41.89,418.9,"450045, г. Уфа, ПАО АНК \"Башнефть\" \"Башнефть-Новойл\""]
["Электромонтажные изделия","ПАО АНК \"Башнефть\" \"Башнефть-Новойл\"",3,634,"Рамка AVE 45PK04BB","ШТ",6,49.15,294.89999999999998,"450045, г. Уфа, ПАО АНК \"Башнефть\" \"Башнефть-Новойл\""]
["Электромонтажные изделия","ПАО АНК \"Башнефть\" \"Башнефть-Новойл\"",3,635,"Распорка DSK 25FT Bettermann 6416446","ШТ",12,100.76,1209.1200000000001,"450045, г. Уфа, ПАО АНК \"Башнефть\" \"Башнефть-Новойл\""]
["Электромонтажные изделия","ПАО АНК \"Башнефть\" \"Башнефть-Новойл\"",3,636,"Распорка DSK 45 Bettermann 6416 50 0","ШТ",272,87.55,23813.599999999999,"450045, г. Уфа, ПАО АНК \"Башнефть\" \"Башнефть-Новойл\""]
["Электромонтажные изделия","ПАО АНК \"Башнефть\" \"Башнефть-Новойл\"",3,637,"Рейка CPS 5L 2M FT Bettermann 1121 46 4","ШТ",1,1138,1138,"450045, г. Уфа, ПАО АНК \"Башнефть\" \"Башнефть-Новойл\""]
["Электромонтажные изделия","ПАО АНК \"Башнефть\" \"Башнефть-Новойл\"",3,638,"Рейка CPS 5L 2M FT Bettermann 1121 46 4","ШТ",2,929.29,1858.58,"450045, г. Уфа, ПАО АНК \"Башнефть\" \"Башнефть-Новойл\""]
["Электромонтажные изделия","ПАО АНК \"Башнефть\" \"Башнефть-Новойл\"",3,639,"Розетка Phoenix Contact EMG45-SD 2943738","ШТ",1,1099.57,1099.57,"450045, г. Уфа, ПАО АНК \"Башнефть\" \"Башнефть-Новойл\""]
["Электромонтажные изделия","ПАО АНК \"Башнефть\" \"Башнефть-Новойл\"",3,640,"Сальник кабельный У258У2","ШТ",4,33.68,134.72,"450045, г. Уфа, ПАО АНК \"Башнефть\" \"Башнефть-Новойл\""]
["Электромонтажные изделия","ПАО АНК \"Башнефть\" \"Башнефть-Новойл\"",3,641,"Сальник У262 У2","ШТ",2,40.49,80.98,"450045, г. Уфа, ПАО АНК \"Башнефть\" \"Башнефть-Новойл\""]
["Электромонтажные изделия","ПАО АНК \"Башнефть\" \"Башнефть-Новойл\"",3,642,"Секция Bettermann RB 90 650 FT 7125526","ШТ",2,3107.02,6214.04,"450045, г. Уфа, ПАО АНК \"Башнефть\" \"Башнефть-Новойл\""]
["Электромонтажные изделия","ПАО АНК \"Башнефть\" \"Башнефть-Новойл\"",3,643,"Секция RB 90 610 P/n 6043 21 6 Betterman","ШТ",4,318.8,1275.2,"450045, г. Уфа, ПАО АНК \"Башнефть\" \"Башнефть-Новойл\""]
["Электромонтажные изделия","ПАО АНК \"Башнефть\" \"Башнефть-Новойл\"",3,644,"Секция RB 90 620 FT Bettermann 7125 22 0","ШТ",5,1045.3399999999999,5226.7,"450045, г. Уфа, ПАО АНК \"Башнефть\" \"Башнефть-Новойл\""]
["Электромонтажные изделия","ПАО АНК \"Башнефть\" \"Башнефть-Новойл\"",3,645,"Секция RB 90 630 FT Bettermann 7125 30 5","ШТ",3,1316.66,3949.9800000000005,"450045, г. Уфа, ПАО АНК \"Башнефть\" \"Башнефть-Новойл\""]
["Электромонтажные изделия","ПАО АНК \"Башнефть\" \"Башнефть-Новойл\"",3,646,"Секция RB90 610 Bettermann 7125 10 0","ШТ",3,1107.17,3321.51,"450045, г. Уфа, ПАО АНК \"Башнефть\" \"Башнефть-Новойл\""]
["Электромонтажные изделия","ПАО АНК \"Башнефть\" \"Башнефть-Новойл\"",3,647,"Секция RB90 610 Bettermann 7125 10 0","ШТ",2,753.71,1507.42,"450045, г. Уфа, ПАО АНК \"Башнефть\" \"Башнефть-Новойл\""]
["Электромонтажные изделия","ПАО АНК \"Башнефть\" \"Башнефть-Новойл\"",3,648,"Секция RB90 640 P/n 7125 41 0 Bettermann","ШТ",2,2415.4299999999998,4830.8599999999997,"450045, г. Уфа, ПАО АНК \"Башнефть\" \"Башнефть-Новойл\""]
["Электромонтажные изделия","ПАО АНК \"Башнефть\" \"Башнефть-Новойл\"",3,649,"Секция RBV 610 F FS Bettermann 7007055","ШТ",6,446.61,2679.66,"450045, г. Уфа, ПАО АНК \"Башнефть\" \"Башнефть-Новойл\""]
["Электромонтажные изделия","ПАО АНК \"Башнефть\" \"Башнефть-Новойл\"",3,650,"Секция прямая СП 100х100 У3","ШТ",34,420.5,14297,"450045, г. Уфа, ПАО АНК \"Башнефть\" \"Башнефть-Новойл\""]
["Электромонтажные изделия","ПАО АНК \"Башнефть\" \"Башнефть-Новойл\"",3,651,"Секция Т-обр. RT 610FS Betterman 6043410","ШТ",1,449.85,449.85,"450045, г. Уфа, ПАО АНК \"Башнефть\" \"Башнефть-Новойл\""]
["Электромонтажные изделия","ПАО АНК \"Башнефть\" \"Башнефть-Новойл\"",3,652,"Секция Т-обр. RT 610FS Betterman 6043410","ШТ",1,656.76,656.76,"450045, г. Уфа, ПАО АНК \"Башнефть\" \"Башнефть-Новойл\""]
["Электромонтажные изделия","ПАО АНК \"Башнефть\" \"Башнефть-Новойл\"",3,653,"Секция угловая EKA ЛМУ 400х65-45 УТ1,5","ШТ",2,471.61,943.22,"450045, г. Уфа, ПАО АНК \"Башнефть\" \"Башнефть-Новойл\""]
["Электромонтажные изделия","ПАО АНК \"Башнефть\" \"Башнефть-Новойл\"",3,654,"Секция угловая EKA ЛМУ 400х65-90 УТ1,5","ШТ",10,459.56,4595.6000000000004,"450045, г. Уфа, ПАО АНК \"Башнефть\" \"Башнефть-Новойл\""]
["Электромонтажные изделия","ПАО АНК \"Башнефть\" \"Башнефть-Новойл\"",3,655,"Сжим ответвительный У731МУЗ","ШТ",76,9.52,723.52,"450045, г. Уфа, ПАО АНК \"Башнефть\" \"Башнефть-Новойл\""]
["Электромонтажные изделия","ПАО АНК \"Башнефть\" \"Башнефть-Новойл\"",3,656,"Сжим ответвительный У867У3","ШТ",11,52.5,577.5,"450045, г. Уфа, ПАО АНК \"Башнефть\" \"Башнефть-Новойл\""]
["Электромонтажные изделия","ПАО АНК \"Башнефть\" \"Башнефть-Новойл\"",3,657,"Сжим У739 У3","ШТ",60,15.68,940.8,"450045, г. Уфа, ПАО АНК \"Башнефть\" \"Башнефть-Новойл\""]
["Электромонтажные изделия","ПАО АНК \"Башнефть\" \"Башнефть-Новойл\"",3,658,"Сжим У739 У3","ШТ",74,15.68,1160.32,"450045, г. Уфа, ПАО АНК \"Башнефть\" \"Башнефть-Новойл\""]
["Электромонтажные изделия","ПАО АНК \"Башнефть\" \"Башнефть-Новойл\"",3,659,"Скоба BF 140 10 FT Bettermann 6356362","ШТ",4,423.18,1692.72,"450045, г. Уфа, ПАО АНК \"Башнефть\" \"Башнефть-Новойл\""]
["Электромонтажные изделия","ПАО АНК \"Башнефть\" \"Башнефть-Новойл\"",3,660,"Скоба BF 140 10 FT Bettermann 6356362","ШТ",2,419.33,838.66,"450045, г. Уфа, ПАО АНК \"Башнефть\" \"Башнефть-Новойл\""]
["Электромонтажные изделия","ПАО АНК \"Башнефть\" \"Башнефть-Новойл\"",3,661,"Скоба DBL 50 200 FS Bettermann 6015522","ШТ",3,102.22,306.65999999999997,"450045, г. Уфа, ПАО АНК \"Башнефть\" \"Башнефть-Новойл\""]
["Электромонтажные изделия","ПАО АНК \"Башнефть\" \"Башнефть-Новойл\"",3,662,"Скоба К142 У2","ШТ",10,9.69,96.899999999999991,"450045, г. Уфа, ПАО АНК \"Башнефть\" \"Башнефть-Новойл\""]
["Электромонтажные изделия","ПАО АНК \"Башнефть\" \"Башнефть-Новойл\"",3,663,"Скоба К142 У2","ШТ",1,8.56,8.56,"450045, г. Уфа, ПАО АНК \"Башнефть\" \"Башнефть-Новойл\""]
["Электромонтажные изделия","ПАО АНК \"Башнефть\" \"Башнефть-Новойл\"",3,664,"Скоба К142 У2","ШТ",2,9.27,18.54,"450045, г. Уфа, ПАО АНК \"Башнефть\" \"Башнефть-Новойл\""]
["Электромонтажные изделия","ПАО АНК \"Башнефть\" \"Башнефть-Новойл\"",3,665,"Скоба К147ц УХЛ 2.5","ШТ",11,12.93,142.22999999999999,"450045, г. Уфа, ПАО АНК \"Башнефть\" \"Башнефть-Новойл\""]
["Электромонтажные изделия","ПАО АНК \"Башнефть\" \"Башнефть-Новойл\"",3,666,"Скоба К729А У2","ШТ",205,8.17,1674.85,"450045, г. Уфа, ПАО АНК \"Башнефть\" \"Башнефть-Новойл\""]
["Электромонтажные изделия","ПАО АНК \"Башнефть\" \"Башнефть-Новойл\"",3,667,"Скоба СО-22 У2","ШТ",47,9.5,446.5,"450045, г. Уфа, ПАО АНК \"Башнефть\" \"Башнефть-Новойл\""]
["Электромонтажные изделия","ПАО АНК \"Башнефть\" \"Башнефть-Новойл\"",3,668,"Скоба СО-22 УХЛ 2.5","ШТ",2,9.36,18.72,"450045, г. Уфа, ПАО АНК \"Башнефть\" \"Башнефть-Новойл\""]
["Электромонтажные изделия","ПАО АНК \"Башнефть\" \"Башнефть-Новойл\"",3,669,"Стержень 2078 М10 2М G 3141140","ШТ",4,149.1,596.4,"450045, г. Уфа, ПАО АНК \"Башнефть\" \"Башнефть-Новойл\""]
["Электромонтажные изделия","ПАО АНК \"Башнефть\" \"Башнефть-Новойл\"",3,670,"Стойка Bettermann MAS140 10FT 6356 31 1","ШТ",2,3363.67,6727.34,"450045, г. Уфа, ПАО АНК \"Башнефть\" \"Башнефть-Новойл\""]
["Электромонтажные изделия","ПАО АНК \"Башнефть\" \"Башнефть-Новойл\"",3,671,"Стойка Bettermann MAS140 10FT 6356 31 1","ШТ",2,3363.67,6727.34,"450045, г. Уфа, ПАО АНК \"Башнефть\" \"Башнефть-Новойл\""]
["Электромонтажные изделия","ПАО АНК \"Башнефть\" \"Башнефть-Новойл\"",3,672,"Стойка Bettermann P/n 6342359","ШТ",4,485.68,1942.72,"450045, г. Уфа, ПАО АНК \"Башнефть\" \"Башнефть-Новойл\""]
["Электромонтажные изделия","ПАО АНК \"Башнефть\" \"Башнефть-Новойл\"",3,673,"Стойка Bettermann US 5 K 20 FT 6341 52 7","ШТ",3,510.75,1532.25,"450045, г. Уфа, ПАО АНК \"Башнефть\" \"Башнефть-Новойл\""]
["Электромонтажные изделия","ПАО АНК \"Башнефть\" \"Башнефть-Новойл\"",3,674,"Стойка К314ц УТ1.5","ШТ",36,484.74,17450.64,"450045, г. Уфа, ПАО АНК \"Башнефть\" \"Башнефть-Новойл\""]
["Электромонтажные изделия","ПАО АНК \"Башнефть\" \"Башнефть-Новойл\"",3,675,"Стойка кабельная К314ц УХЛ2","ШТ",3,332.81,998.43000000000006,"450045, г. Уфа, ПАО АНК \"Башнефть\" \"Башнефть-Новойл\""]
["Электромонтажные изделия","ПАО АНК \"Башнефть\" \"Башнефть-Новойл\"",3,676,"Суппорт M-45 LEGRAND 3х2,6-8 мод 80253","ШТ",1,64.599999999999994,64.599999999999994,"450045, г. Уфа, ПАО АНК \"Башнефть\" \"Башнефть-Новойл\""]
["Электромонтажные изделия","ПАО АНК \"Башнефть\" \"Башнефть-Новойл\"",3,677,"Талреп кольцо-кольцо M8","ШТ",24,20.64,495.36,"450045, г. Уфа, ПАО АНК \"Башнефть\" \"Башнефть-Новойл\""]
["Электромонтажные изделия","ПАО АНК \"Башнефть\" \"Башнефть-Новойл\"",3,678,"Талреп кольцо-кольцо M8","ШТ",4,21.38,85.52,"450045, г. Уфа, ПАО АНК \"Башнефть\" \"Башнефть-Новойл\""]
["Электромонтажные изделия","ПАО АНК \"Башнефть\" \"Башнефть-Новойл\"",3,679,"Траверса 400мм Legrand L/36781","ШТ",9,86.95,782.55000000000007,"450045, г. Уфа, ПАО АНК \"Башнефть\" \"Башнефть-Новойл\""]
["Электромонтажные изделия","ПАО АНК \"Башнефть\" \"Башнефть-Новойл\"",3,680,"Уплотнитель DKC IP44 АРТ.30589","ШТ",470,48.76,22917.200000000001,"450045, г. Уфа, ПАО АНК \"Башнефть\" \"Башнефть-Новойл\""]
["Электромонтажные изделия","ПАО АНК \"Башнефть\" \"Башнефть-Новойл\"",3,681,"Уплотнитель DKC P/n 30573","ШТ",4580,28.25,129385,"450045, г. Уфа, ПАО АНК \"Башнефть\" \"Башнефть-Новойл\""]
["Электромонтажные изделия","ПАО АНК \"Башнефть\" \"Башнефть-Новойл\"",3,682,"Устр.сирена-маяк BExCS110-05D-D-24-DC-RD","ШТ",2,100195.2,200390.39999999999,"450045, г. Уфа, ПАО АНК \"Башнефть\" \"Башнефть-Новойл\""]
["Электромонтажные изделия","ПАО АНК \"Башнефть\" \"Башнефть-Новойл\"",3,683,"Устройство MTA311(-40+50)1-2х20sE1FXNi","ШТ",2,3181.88,6363.76,"450045, г. Уфа, ПАО АНК \"Башнефть\" \"Башнефть-Новойл\""]
["Электромонтажные изделия","ПАО АНК \"Башнефть\" \"Башнефть-Новойл\"",3,684,"Фиксатор OBO KS KR VA431 6062280","ШТ",1,30.47,30.47,"450045, г. Уфа, ПАО АНК \"Башнефть\" \"Башнефть-Новойл\""]
["Электромонтажные изделия","ПАО АНК \"Башнефть\" \"Башнефть-Новойл\"",3,685,"Фиксатор OBO KS KR VA431 6062280","ШТ",3,29.38,88.14,"450045, г. Уфа, ПАО АНК \"Башнефть\" \"Башнефть-Новойл\""]
["Электромонтажные изделия","ПАО АНК \"Башнефть\" \"Башнефть-Новойл\"",3,686,"Фиксатор TKH-S-30FT Bettermann 6355 80 4","ШТ",12,914.99,10979.880000000001,"450045, г. Уфа, ПАО АНК \"Башнефть\" \"Башнефть-Новойл\""]
["Электромонтажные изделия","ПАО АНК \"Башнефть\" \"Башнефть-Новойл\"",3,687,"Фитинг BHC-H-G1 1/2-B1,5 чугун","ШТ",250,573.79999999999995,143450,"450045, г. Уфа, ПАО АНК \"Башнефть\" \"Башнефть-Новойл\""]
["Электромонтажные изделия","ПАО АНК \"Башнефть\" \"Башнефть-Новойл\"",3,688,"Фитинг ВНС-А-G1 1/2-B1.5 чугун","ШТ",120,573.79999999999995,68856,"450045, г. Уфа, ПАО АНК \"Башнефть\" \"Башнефть-Новойл\""]
["Электромонтажные изделия","ПАО АНК \"Башнефть\" \"Башнефть-Новойл\"",3,689,"Фитинг ВНС-В-G1 1/2-B1.5 чугун","ШТ",40,573.79999999999995,22952,"450045, г. Уфа, ПАО АНК \"Башнефть\" \"Башнефть-Новойл\""]
["Электромонтажные изделия","ПАО АНК \"Башнефть\" \"Башнефть-Новойл\"",3,690,"Флажок Ф25 У2,5","ШТ",23,4.6900000000000004,{"$f":"G694*H694","v":107.87},"450045, г. Уфа, ПАО АНК \"Башнефть\" \"Башнефть-Новойл\""]
["Электромонтажные изделия","ПАО АНК \"Башнефть\" \"Башнефть-Новойл\"",3,691,"Флажок Ф-35 У2.5","ШТ",16,18.72,299.52,"450045, г. Уфа, ПАО АНК \"Башнефть\" \"Башнефть-Новойл\""]
["Электромонтажные изделия","ПАО АНК \"Башнефть\" \"Башнефть-Новойл\"",3,692,"Флажок Ф50 У2,5","ШТ",11,37.44,411.84,"450045, г. Уфа, ПАО АНК \"Башнефть\" \"Башнефть-Новойл\""]
["Электромонтажные изделия","ПАО АНК \"Башнефть\" \"Башнефть-Новойл\"",3,693,"Флажок Ф95 У2,5","ШТ",2,125.45,250.9,"450045, г. Уфа, ПАО АНК \"Башнефть\" \"Башнефть-Новойл\""]
["Электромонтажные изделия","ПАО АНК \"Башнефть\" \"Башнефть-Новойл\"",3,694,"Флажок Ф95 У2,5","ШТ",16,45.47,727.52,"450045, г. Уфа, ПАО АНК \"Башнефть\" \"Башнефть-Новойл\""]
["Электромонтажные изделия","ПАО АНК \"Башнефть\" \"Башнефть-Новойл\"",3,695,"Шайба DIN 440 11F Betterman","ШТ",28,15.41,431.48,"450045, г. Уфа, ПАО АНК \"Башнефть\" \"Башнефть-Новойл\""]
["Электромонтажные изделия","ПАО АНК \"Башнефть\" \"Башнефть-Новойл\"",3,696,"Шайба DIN 440 7F Betterman 6408702","ШТ",14,9.07,126.98,"450045, г. Уфа, ПАО АНК \"Башнефть\" \"Башнефть-Новойл\""]
["Электромонтажные изделия","ПАО АНК \"Башнефть\" \"Башнефть-Новойл\"",3,697,"Шайба DKC CM170600","ШТ",2,3.38,6.76,"450045, г. Уфа, ПАО АНК \"Башнефть\" \"Башнефть-Новойл\""]
["Электромонтажные изделия","ПАО АНК \"Башнефть\" \"Башнефть-Новойл\"",3,698,"Шайба УСЭК 76У1","ШТ",10,6.63,66.3,"450045, г. Уфа, ПАО АНК \"Башнефть\" \"Башнефть-Новойл\""]
["Электромонтажные изделия","ПАО АНК \"Башнефть\" \"Башнефть-Новойл\"",3,699,"Шасси монтажныеRittal(упк4шт)PS4377.000","УПК",2,1305.3399999999999,2610.6799999999998,"450045, г. Уфа, ПАО АНК \"Башнефть\" \"Башнефть-Новойл\""]
["Электромонтажные изделия","ПАО АНК \"Башнефть\" \"Башнефть-Новойл\"",3,700,"Швеллер К235 У2","ШТ",10,192.36,1923.6000000000001,"450045, г. Уфа, ПАО АНК \"Башнефть\" \"Башнефть-Новойл\""]
["Электромонтажные изделия","ПАО АНК \"Башнефть\" \"Башнефть-Новойл\"",3,701,"Шпилька К123У3","ШТ",719,65.959999999999994,47425.24,"450045, г. Уфа, ПАО АНК \"Башнефть\" \"Башнефть-Новойл\""]
["Электромонтажные изделия","ПАО АНК \"Башнефть\" \"Башнефть-Новойл\"",3,702,"Шпилька К123У3","ШТ",114,65.959999999999994,7519.44,"450045, г. Уфа, ПАО АНК \"Башнефть\" \"Башнефть-Новойл\""]
["Электромонтажные изделия","ПАО АНК \"Башнефть\" \"Башнефть-Новойл\"",3,703,"Шпилька К123У3","ШТ",2,65.959999999999994,131.91999999999999,"450045, г. Уфа, ПАО АНК \"Башнефть\" \"Башнефть-Новойл\""]
["Электромонтажные изделия","ПАО АНК \"Башнефть\" \"Башнефть-Новойл\"",3,704,"Труба гофрированная ПВХ D16","М",50,5.24,262,"450045, г. Уфа, ПАО АНК \"Башнефть\" \"Башнефть-Новойл\""]
["Электромонтажные изделия","ПАО АНК \"Башнефть\" \"Башнефть-Новойл\"",3,705,"Труба гофрированная ПВХ D20","М",39,2.81,109.59,"450045, г. Уфа, ПАО АНК \"Башнефть\" \"Башнефть-Новойл\""]
["Электромонтажные изделия","ПАО АНК \"Башнефть\" \"Башнефть-Новойл\"",3,706,"Труба ТГГ/ПВХ Л 0 16/11,5 DKC арт.90916","М",50,2.93,146.5,"450045, г. Уфа, ПАО АНК \"Башнефть\" \"Башнефть-Новойл\""]
["Электромонтажные изделия","ПАО АНК \"Башнефть\" \"Башнефть-Новойл\"",3,707,"Трубка электромонтажная ХВТ-20УХЛ2,5","М",195,16.88,3291.6,"450045, г. Уфа, ПАО АНК \"Башнефть\" \"Башнефть-Новойл\""]
["Электромонтажные изделия","ПАО АНК \"Башнефть\" \"Башнефть-Новойл\"",3,708,"Трубка электромонтажная ХВТ-4УХЛ2,5","М",40,1.84,73.600000000000009,"450045, г. Уфа, ПАО АНК \"Башнефть\" \"Башнефть-Новойл\""]
["Электромонтажные изделия","ПАО АНК \"Башнефть\" \"Башнефть-Новойл\"",3,709,"Труба гофрированная ПВХ D16","М",918,5.24,4810.3200000000006,"450045, г. Уфа, ПАО АНК \"Башнефть\" \"Башнефть-Новойл\""]
["Электромонтажные изделия","ПАО АНК \"Башнефть\" \"Башнефть-Новойл\"",3,710,"Труба гофрированная ПВХ D16","М",25,5.24,131,"450045, г. Уфа, ПАО АНК \"Башнефть\" \"Башнефть-Новойл\""]
["Электромонтажные изделия","ПАО АНК \"Башнефть\" \"Башнефть-Новойл\"",3,711,"Труба гофрированная ПВХ D16","М",82,5.24,429.68,"450045, г. Уфа, ПАО АНК \"Башнефть\" \"Башнефть-Новойл\""]
["Электромонтажные изделия","ПАО АНК \"Башнефть\" \"Башнефть-Новойл\"",3,712,"Труба гофрированная ПВХ D16","М",37,5.24,193.88,"450045, г. Уфа, ПАО АНК \"Башнефть\" \"Башнефть-Новойл\""]
["Электромонтажные изделия","ПАО АНК \"Башнефть\" \"Башнефть-Новойл\"",3,713,"Труба гофрированная ПВХ D16","М",150,5.24,786,"450045, г. Уфа, ПАО АНК \"Башнефть\" \"Башнефть-Новойл\""]
["Электромонтажные изделия","ПАО АНК \"Башнефть\" \"Башнефть-Новойл\"",3,714,"Труба гофрированная ПВХ D20","М",819,3.14,2571.6600000000003,"450045, г. Уфа, ПАО АНК \"Башнефть\" \"Башнефть-Новойл\""]
["Электромонтажные изделия","ПАО АНК \"Башнефть\" \"Башнефть-Новойл\"",3,715,"Труба гофрированная ПВХ D20","М",215,2.81,604.15,"450045, г. Уфа, ПАО АНК \"Башнефть\" \"Башнефть-Новойл\""]
["Электромонтажные изделия","ПАО АНК \"Башнефть\" \"Башнефть-Новойл\"",3,716,"Труба ПВХ D32 с протяжкой DKC 91532","М",1,382.34,382.34,"450045, г. Уфа, ПАО АНК \"Башнефть\" \"Башнефть-Новойл\""]
["Электромонтажные изделия","ПАО АНК \"Башнефть\" \"Башнефть-Новойл\"",3,717,"Труба ПВХ армированная DKC 57010 14мм","М",6,21.56,129.35999999999999,"450045, г. Уфа, ПАО АНК \"Башнефть\" \"Башнефть-Новойл\""]
["Электромонтажные изделия","ПАО АНК \"Башнефть\" \"Башнефть-Новойл\"",3,718,"Труба ТГГ/ПВХ Л 0 16/11,5 DKC арт.90916","М",50,3.13,156.5,"450045, г. Уфа, ПАО АНК \"Башнефть\" \"Башнефть-Новойл\""]
["Электромонтажные изделия","ПАО АНК \"Башнефть\" \"Башнефть-Новойл\"",3,719,"Труба ТГГ/ПВХ Л 0 16/11,5 DKC арт.90916","М",15,2.93,43.95,"450045, г. Уфа, ПАО АНК \"Башнефть\" \"Башнефть-Новойл\""]
["Электромонтажные изделия","ПАО АНК \"Башнефть\" \"Башнефть-Новойл\"",3,720,"Трубка электроизоляционная ТКР 20 мм","М",3,57.36,172.07999999999998,"450045, г. Уфа, ПАО АНК \"Башнефть\" \"Башнефть-Новойл\""]
["Электромонтажные изделия","ПАО АНК \"Башнефть\" \"Башнефть-Новойл\"",3,721,"Шина заземления ГЗШС-00-1 УХЛ3","ШТ",1,1290.05,1290.05,"450045, г. Уфа, ПАО АНК \"Башнефть\" \"Башнефть-Новойл\""]
["Электромонтажные изделия","ПАО АНК \"Башнефть\" \"Башнефть-Новойл\"",3,722,"Шина заземления ГЗШС-21-1 УХЛ3","ШТ",1,1902.91,1902.91,"450045, г. Уфа, ПАО АНК \"Башнефть\" \"Башнефть-Новойл\""]
["Электромонтажные изделия","ПАО АНК \"Башнефть\" \"Башнефть-Новойл\"",3,723,"Шина заземления ГЗШС-21-1 УХЛ3","ШТ",1,1902.91,1902.91,"450045, г. Уфа, ПАО АНК \"Башнефть\" \"Башнефть-Новойл\""]
["Электромонтажные изделия","ПАО АНК \"Башнефть\" \"Башнефть-Новойл\"",3,724,"Шина заземления ГЗШС-21-2 У2","ШТ",1,1842.13,1842.13,"450045, г. Уфа, ПАО АНК \"Башнефть\" \"Башнефть-Новойл\""]
["Электромонтажные изделия","ПАО АНК \"Башнефть\" \"Башнефть-Новойл\"",3,725,"Шина заземления ГЗШС-21-2 УХЛ3","ШТ",1,1854.45,1854.45,"450045, г. Уфа, ПАО АНК \"Башнефть\" \"Башнефть-Новойл\""]
["Коробки","ПАО АНК \"Башнефть\" \"Башнефть-Новойл\"",4,726,"Коробка КЕ 25.232011 230х200х110","ШТ",1,5860.41,5860.41,"450045, г. Уфа, ПАО АНК \"Башнефть\" \"Башнефть-Новойл\""]
["Коробки","ПАО АНК \"Башнефть\" \"Башнефть-Новойл\"",4,727,"Коробка КЕ15.16.36.09 160х360х90","ШТ",11,3375.43,37129.729999999996,"450045, г. Уфа, ПАО АНК \"Башнефть\" \"Башнефть-Новойл\""]
["Коробки","ПАО АНК \"Башнефть\" \"Башнефть-Новойл\"",4,728,"Коробка КЗПМ 2.2(1024)","ШТ",1,1397.23,1397.23,"450045, г. Уфа, ПАО АНК \"Башнефть\" \"Башнефть-Новойл\""]
["Коробки","ПАО АНК \"Башнефть\" \"Башнефть-Новойл\"",4,729,"Коробка клеммная КЗНА 08-10-У3","ШТ",8,600.55999999999995,4804.4799999999996,"450045, г. Уфа, ПАО АНК \"Башнефть\" \"Башнефть-Новойл\""]
["Коробки","ПАО АНК \"Башнефть\" \"Башнефть-Новойл\"",4,730,"Коробка КОР 94-4 У2","ШТ",85,26.3,2235.5,"450045, г. Уфа, ПАО АНК \"Башнефть\" \"Башнефть-Новойл\""]
["Коробки","ПАО АНК \"Башнефть\" \"Башнефть-Новойл\"",4,731,"Коробка C3E2 68х45","ШТ",41,4.62,189.42000000000002,"450045, г. Уфа, ПАО АНК \"Башнефть\" \"Башнефть-Новойл\""]
["Коробки","ПАО АНК \"Башнефть\" \"Башнефть-Новойл\"",4,732,"Коробка C3E2 68х45","ШТ",179,4.62,826.98,"450045, г. Уфа, ПАО АНК \"Башнефть\" \"Башнефть-Новойл\""]
["Коробки","ПАО АНК \"Башнефть\" \"Башнефть-Новойл\"",4,733,"Коробка Legrand L/80051","ШТ",13,31.03,403.39,"450045, г. Уфа, ПАО АНК \"Башнефть\" \"Башнефть-Новойл\""]
["Коробки","ПАО АНК \"Башнефть\" \"Башнефть-Новойл\"",4,734,"Коробка Mosaic Legrand 80052 УХЛ2","ШТ",2,75.709999999999994,151.41999999999999,"450045, г. Уфа, ПАО АНК \"Башнефть\" \"Башнефть-Новойл\""]
["Коробки","ПАО АНК \"Башнефть\" \"Башнефть-Новойл\"",4,735,"Коробка Mosaic Legrand 80053 УХЛ2","ШТ",4,91.7,366.8,"450045, г. Уфа, ПАО АНК \"Башнефть\" \"Башнефть-Новойл\""]
["Коробки","ПАО АНК \"Башнефть\" \"Башнефть-Новойл\"",4,736,"Коробка OBO T 25 KL 2007430","ШТ",13,117.26,1524.38,"450045, г. Уфа, ПАО АНК \"Башнефть\" \"Башнефть-Новойл\""]
["Коробки","ПАО АНК \"Башнефть\" \"Башнефть-Новойл\"",4,737,"Коробка Stahl 8126/5408-4","ШТ",1,107314.09,107314.09,"450045, г. Уфа, ПАО АНК \"Башнефть\" \"Башнефть-Новойл\""]
["Коробки","ПАО АНК \"Башнефть\" \"Башнефть-Новойл\"",4,738,"Коробка КЕ 14.14.09 исполнение1","ШТ",14,1810.21,25342.940000000002,"450045, г. Уфа, ПАО АНК \"Башнефть\" \"Башнефть-Новойл\""]
["Коробки","ПАО АНК \"Башнефть\" \"Башнефть-Новойл\"",4,739,"Коробка КЕ 25.232011 230х200х110","ШТ",4,5860.41,23441.64,"450045, г. Уфа, ПАО АНК \"Башнефть\" \"Башнефть-Новойл\""]
["Коробки","ПАО АНК \"Башнефть\" \"Башнефть-Новойл\"",4,740,"Коробка КЕ 25.232011 230х200х110","ШТ",1,5860.41,5860.41,"450045, г. Уфа, ПАО АНК \"Башнефть\" \"Башнефть-Новойл\""]
["Коробки","ПАО АНК \"Башнефть\" \"Башнефть-Новойл\"",4,741,"Коробка КЕ 25.232011 230х200х110","ШТ",2,5860.41,11720.82,"450045, г. Уфа, ПАО АНК \"Башнефть\" \"Башнефть-Новойл\""]
["Коробки","ПАО АНК \"Башнефть\" \"Башнефть-Новойл\"",4,742,"Коробка КЕ05.14.14.0 140х140х90","ШТ",2,3092.93,6185.86,"450045, г. Уфа, ПАО АНК \"Башнефть\" \"Башнефть-Новойл\""]
["Коробки","ПАО АНК \"Башнефть\" \"Башнефть-Новойл\"",4,743,"Коробка КЕ15.16.36.09 160х360х90","ШТ",1,3375.43,3375.43,"450045, г. Уфа, ПАО АНК \"Башнефть\" \"Башнефть-Новойл\""]
["Коробки","ПАО АНК \"Башнефть\" \"Башнефть-Новойл\"",4,744,"Коробка КЗНС 08-10 УХЛ1","ШТ",2,557.26,1114.52,"450045, г. Уфа, ПАО АНК \"Башнефть\" \"Башнефть-Новойл\""]
["Коробки","ПАО АНК \"Башнефть\" \"Башнефть-Новойл\"",4,745,"Коробка КЗП 3.2 исполнение 10","ШТ",1,2579.3200000000002,2579.3200000000002,"450045, г. Уфа, ПАО АНК \"Башнефть\" \"Башнефть-Новойл\""]
["Коробки","ПАО АНК \"Башнефть\" \"Башнефть-Новойл\"",4,746,"Коробка КЗПМ 309/8-53х2(А)-53х1(В) В1.5","ШТ",1,18079.13,18079.13,"450045, г. Уфа, ПАО АНК \"Башнефть\" \"Башнефть-Новойл\""]
["Коробки","ПАО АНК \"Башнефть\" \"Башнефть-Новойл\"",4,747,"Коробка КЗПМ 4.2 исполнение 90","ШТ",4,5669.83,22679.32,"450045, г. Уфа, ПАО АНК \"Башнефть\" \"Башнефть-Новойл\""]
["Коробки","ПАО АНК \"Башнефть\" \"Башнефть-Новойл\"",4,748,"Коробка КЗПМ 5 исполнение 2","ШТ",2,19529.330000000002,39058.660000000003,"450045, г. Уфа, ПАО АНК \"Башнефть\" \"Башнефть-Новойл\""]
["Коробки","ПАО АНК \"Башнефть\" \"Башнефть-Новойл\"",4,749,"Коробка КЗПМ 5 Исполнение 4","ШТ",4,14308.63,57234.52,"450045, г. Уфа, ПАО АНК \"Башнефть\" \"Башнефть-Новойл\""]
["Коробки","ПАО АНК \"Башнефть\" \"Башнефть-Новойл\"",4,750,"Коробка клеммная Wizebox BG258","ШТ",30,1227.98,36839.4,"450045, г. Уфа, ПАО АНК \"Башнефть\" \"Башнефть-Новойл\""]
["Коробки","ПАО АНК \"Башнефть\" \"Башнефть-Новойл\"",4,751,"Коробка клеммная КЗНА 08-10-У3","ШТ",8,600.55999999999995,4804.4799999999996,"450045, г. Уфа, ПАО АНК \"Башнефть\" \"Башнефть-Новойл\""]
["Коробки","ПАО АНК \"Башнефть\" \"Башнефть-Новойл\"",4,752,"Коробка клеммная У615 АУ2","ШТ",1,979.24,979.24,"450045, г. Уфа, ПАО АНК \"Башнефть\" \"Башнефть-Новойл\""]
["Коробки","ПАО АНК \"Башнефть\" \"Башнефть-Новойл\"",4,753,"Коробка КОР 94-4 У2","ШТ",20,26.3,526,"450045, г. Уфа, ПАО АНК \"Башнефть\" \"Башнефть-Новойл\""]
["Коробки","ПАО АНК \"Башнефть\" \"Башнефть-Новойл\"",4,754,"Коробка КПДА-20 У1","ШТ",9,281.99,{"$f":"G758*H758","v":2537.91},"450045, г. Уфа, ПАО АНК \"Башнефть\" \"Башнефть-Новойл\""]
["Коробки","ПАО АНК \"Башнефть\" \"Башнефть-Новойл\"",4,755,"Коробка КР 2603 Hegel","ШТ",10,23.87,238.70000000000002,"450045, г. Уфа, ПАО АНК \"Башнефть\" \"Башнефть-Новойл\""]
["Коробки","ПАО АНК \"Башнефть\" \"Башнефть-Новойл\"",4,756,"Коробка КТО 40 У1","ШТ",4,1452.82,5811.28,"450045, г. Уфа, ПАО АНК \"Башнефть\" \"Башнефть-Новойл\""]
["Коробки","ПАО АНК \"Башнефть\" \"Башнефть-Новойл\"",4,757,"Коробка протяжная КП-1 80х80х51 У2","ШТ",1,73.569999999999993,73.569999999999993,"450045, г. Уфа, ПАО АНК \"Башнефть\" \"Башнефть-Новойл\""]
["Коробки","ПАО АНК \"Башнефть\" \"Башнефть-Новойл\"",4,758,"Коробка протяжная У994 У2","ШТ",19,54.64,1038.1600000000001,"450045, г. Уфа, ПАО АНК \"Башнефть\" \"Башнефть-Новойл\""]
["Коробки","ПАО АНК \"Башнефть\" \"Башнефть-Новойл\"",4,759,"Коробка СЗМ1.1 60х40","ШТ",10,2.83,28.3,"450045, г. Уфа, ПАО АНК \"Башнефть\" \"Башнефть-Новойл\""]
["Коробки","ПАО АНК \"Башнефть\" \"Башнефть-Новойл\"",4,760,"Коробка тройниковая КТД-20У1","ШТ",4,321.95,1287.8,"450045, г. Уфа, ПАО АНК \"Башнефть\" \"Башнефть-Новойл\""]
["Коробки","ПАО АНК \"Башнефть\" \"Башнефть-Новойл\"",4,761,"Коробка У196 УХЛ1","ШТ",58,5.98,346.84000000000003,"450045, г. Уфа, ПАО АНК \"Башнефть\" \"Башнефть-Новойл\""]
["Коробки","ПАО АНК \"Башнефть\" \"Башнефть-Новойл\"",4,762,"Коробка УК-2П","ШТ",4,11.75,47,"450045, г. Уфа, ПАО АНК \"Башнефть\" \"Башнефть-Новойл\""]
["Коробки","ПАО АНК \"Башнефть\" \"Башнефть-Новойл\"",4,763,"Коробка установочная КУ 1106","ШТ",5,2.08,10.4,"450045, г. Уфа, ПАО АНК \"Башнефть\" \"Башнефть-Новойл\""]
["Коробки","ПАО АНК \"Башнефть\" \"Башнефть-Новойл\"",4,764,"Коробка чугунная литая КПД-40 ХЛ1","ШТ",4,1452.82,5811.28,"450045, г. Уфа, ПАО АНК \"Башнефть\" \"Башнефть-Новойл\""]
["Коробки","ПАО АНК \"Башнефть\" \"Башнефть-Новойл\"",4,765,"Коробка ШВ-2-0 ОЛ. 70000010141 1ExdllCT5","ШТ",96,5390.72,517509.12,"450045, г. Уфа, ПАО АНК \"Башнефть\" \"Башнефть-Новойл\""]
["Крышки","ПАО АНК \"Башнефть\" \"Башнефть-Новойл\"",5,766,"Крышка Bettermann MASD 90 FT 6356 91 5","ШТ",2,1854.64,3709.28,"450045, г. Уфа, ПАО АНК \"Башнефть\" \"Башнефть-Новойл\""]
["Крышки","ПАО АНК \"Башнефть\" \"Башнефть-Новойл\"",5,767,"Крышка DBV 100 S FS Bettermann 7130 80 5","ШТ",6,425.02,2550.12,"450045, г. Уфа, ПАО АНК \"Башнефть\" \"Башнефть-Новойл\""]
["Крышки","ПАО АНК \"Башнефть\" \"Башнефть-Новойл\"",5,768,"Крышка DKC CD 90 400х15 арт.38246","ШТ",1,272.11,272.11,"450045, г. Уфа, ПАО АНК \"Башнефть\" \"Башнефть-Новойл\""]
["Крышки","ПАО АНК \"Башнефть\" \"Башнефть-Новойл\"",5,769,"Крышка DKC CPO 90 100х15 38002ZL","ШТ",9,236.27,2126.4300000000003,"450045, г. Уфа, ПАО АНК \"Башнефть\" \"Башнефть-Новойл\""]
["Крышки","ПАО АНК \"Башнефть\" \"Башнефть-Новойл\"",5,770,"Крышка лотка КЛП 300-90 УТ1.5","ШТ",55,219.1,12050.5,"450045, г. Уфа, ПАО АНК \"Башнефть\" \"Башнефть-Новойл\""]
["Крышки","ПАО АНК \"Башнефть\" \"Башнефть-Новойл\"",5,771,"Крышка лотка КЛС 100-90ц УТ1.5","ШТ",33,70.42,2323.86,"450045, г. Уфа, ПАО АНК \"Башнефть\" \"Башнефть-Новойл\""]
["Крышки","ПАО АНК \"Башнефть\" \"Башнефть-Новойл\"",5,772,"Крышка лотка КЛС 100-90ц УТ1.5","ШТ",4,70.42,281.68,"450045, г. Уфа, ПАО АНК \"Башнефть\" \"Башнефть-Новойл\""]
["Крышки","ПАО АНК \"Башнефть\" \"Башнефть-Новойл\"",5,773,"Крышка лотка КЛС 300-90 УТ1.5","ШТ",54,224.42,12118.679999999998,"450045, г. Уфа, ПАО АНК \"Башнефть\" \"Башнефть-Новойл\""]
["Крышки","ПАО АНК \"Башнефть\" \"Башнефть-Новойл\"",5,774,"Крышка лотка КЛТ 300ц УТ1.5","ШТ",22,175.81,3867.82,"450045, г. Уфа, ПАО АНК \"Башнефть\" \"Башнефть-Новойл\""]
["Крышки","ПАО АНК \"Башнефть\" \"Башнефть-Новойл\"",5,775,"Крышка лотка КЛУ 100-135 У3","ШТ",1,47.45,47.45,"450045, г. Уфа, ПАО АНК \"Башнефть\" \"Башнефть-Новойл\""]
["Крышки","ПАО АНК \"Башнефть\" \"Башнефть-Новойл\"",5,776,"Крышка лотка КЛУ 100-90ц УХЛ2.5","ШТ",12,86.88,1042.56,"450045, г. Уфа, ПАО АНК \"Башнефть\" \"Башнефть-Новойл\""]
["Крышки","ПАО АНК \"Башнефть\" \"Башнефть-Новойл\"",5,777,"Крышка лотка КЛУ 100-90ц УХЛ2.5","ШТ",2,86.88,173.76,"450045, г. Уфа, ПАО АНК \"Башнефть\" \"Башнефть-Новойл\""]
["Крышки","ПАО АНК \"Башнефть\" \"Башнефть-Новойл\"",5,778,"Крышка лотка КЛУ 300-90 УТ1.5","ШТ",25,223.82,5595.5,"450045, г. Уфа, ПАО АНК \"Башнефть\" \"Башнефть-Новойл\""]
["Крышки","ПАО АНК \"Башнефть\" \"Башнефть-Новойл\"",5,779,"Крышка Betterman DBV 300SFS 7130817","ШТ",1,643.35,643.35,"450045, г. Уфа, ПАО АНК \"Башнефть\" \"Башнефть-Новойл\""]
["Крышки","ПАО АНК \"Башнефть\" \"Башнефть-Новойл\"",5,780,"Крышка Betterman DBV 60300FFS 7130864","ШТ",1,643.35,643.35,"450045, г. Уфа, ПАО АНК \"Башнефть\" \"Башнефть-Новойл\""]
["Крышки","ПАО АНК \"Башнефть\" \"Башнефть-Новойл\"",5,781,"Крышка Bettermann DFB-45/10 100 7184468","ШТ",7,1031.6400000000001,7221.4800000000005,"450045, г. Уфа, ПАО АНК \"Башнефть\" \"Башнефть-Новойл\""]
["Крышки","ПАО АНК \"Башнефть\" \"Башнефть-Новойл\"",5,782,"Крышка Bettermann DFB-90/10 100 7184375","ШТ",3,1024.3399999999999,3073.0199999999995,"450045, г. Уфа, ПАО АНК \"Башнефть\" \"Башнефть-Новойл\""]
["Крышки","ПАО АНК \"Башнефть\" \"Башнефть-Новойл\"",5,783,"Крышка Bettermann DFB-90/10 100 7184375","ШТ",6,697.9,4187.3999999999996,"450045, г. Уфа, ПАО АНК \"Башнефть\" \"Башнефть-Новойл\""]
["Крышки","ПАО АНК \"Башнефть\" \"Башнефть-Новойл\"",5,784,"Крышка Bettermann DFT 100 FS 7128215","ШТ",1,1084.27,1084.27,"450045, г. Уфа, ПАО АНК \"Башнефть\" \"Башнефть-Новойл\""]
["Крышки","ПАО АНК \"Башнефть\" \"Башнефть-Новойл\"",5,785,"Крышка Bettermann DFT 100 FS 7128215","ШТ",1,738.22,738.22,"450045, г. Уфа, ПАО АНК \"Башнефть\" \"Башнефть-Новойл\""]
["Крышки","ПАО АНК \"Башнефть\" \"Башнефть-Новойл\"",5,786,"Крышка Bettermann DRL BKS 30 ALU 6052755","ШТ",3,4210.79,12632.369999999999,"450045, г. Уфа, ПАО АНК \"Башнефть\" \"Башнефть-Новойл\""]
["Крышки","ПАО АНК \"Башнефть\" \"Башнефть-Новойл\"",5,787,"Крышка Bettermann DRL BKS 30 ALU 6052755","ШТ",90,3491.39,314225.09999999998,"450045, г. Уфа, ПАО АНК \"Башнефть\" \"Башнефть-Новойл\""]
["Крышки","ПАО АНК \"Башнефть\" \"Башнефть-Новойл\"",5,788,"Крышка Bettermann MASD 90 FT 6356 91 5","ШТ",1,1854.64,1854.64,"450045, г. Уфа, ПАО АНК \"Башнефть\" \"Башнефть-Новойл\""]
["Крышки","ПАО АНК \"Башнефть\" \"Башнефть-Новойл\"",5,789,"Крышка Bettermann MASD 90 FT 6356 91 5","ШТ",2,1847.81,3695.62,"450045, г. Уфа, ПАО АНК \"Башнефть\" \"Башнефть-Новойл\""]
["Крышки","ПАО АНК \"Башнефть\" \"Башнефть-Новойл\"",5,790,"Крышка Bettermann MASD 90 FT 6356 91 5","ШТ",4,1862.81,7451.24,"450045, г. Уфа, ПАО АНК \"Башнефть\" \"Башнефть-Новойл\""]
["Крышки","ПАО АНК \"Башнефть\" \"Башнефть-Новойл\"",5,791,"Крышка DKC 100х15х2000 арт.35512","ШТ",1588,141.91999999999999,225368.95999999999,"450045, г. Уфа, ПАО АНК \"Башнефть\" \"Башнефть-Новойл\""]
["Крышки","ПАО АНК \"Башнефть\" \"Башнефть-Новойл\"",5,792,"Крышка DKC 100х15х3000 35522ZL","ШТ",10,515,5150,"450045, г. Уфа, ПАО АНК \"Башнефть\" \"Башнефть-Новойл\""]
["Крышки","ПАО АНК \"Башнефть\" \"Башнефть-Новойл\"",5,793,"Крышка DKC 150х15х2000 арт.35513","ШТ",200,181.32,36264,"450045, г. Уфа, ПАО АНК \"Башнефть\" \"Башнефть-Новойл\""]
["Крышки","ПАО АНК \"Башнефть\" \"Башнефть-Новойл\"",5,794,"Крышка DKC 200х15х2000 арт.35514","ШТ",713,235.39,167833.06999999998,"450045, г. Уфа, ПАО АНК \"Башнефть\" \"Башнефть-Новойл\""]
["Крышки","ПАО АНК \"Башнефть\" \"Башнефть-Новойл\"",5,795,"Крышка DKC 200х15х2000 арт.35514","ШТ",12,235.17,2822.04,"450045, г. Уфа, ПАО АНК \"Башнефть\" \"Башнефть-Новойл\""]
["Крышки","ПАО АНК \"Башнефть\" \"Башнефть-Новойл\"",5,796,"Крышка DKC CD 90 400х15 арт.38246","ШТ",59,272.11,16054.490000000002,"450045, г. Уфа, ПАО АНК \"Башнефть\" \"Башнефть-Новойл\""]
["Крышки","ПАО АНК \"Башнефть\" \"Башнефть-Новойл\"",5,797,"Крышка DKC CDV 90 100мм 38341","ШТ",8,211.29,1690.32,"450045, г. Уфа, ПАО АНК \"Башнефть\" \"Башнефть-Новойл\""]
["Крышки","ПАО АНК \"Башнефть\" \"Башнефть-Новойл\"",5,798,"Крышка DKC CDV 90 100мм 38341ZL","ШТ",3,305.58,916.74,"450045, г. Уфа, ПАО АНК \"Башнефть\" \"Башнефть-Новойл\""]
["Крышки","ПАО АНК \"Башнефть\" \"Башнефть-Новойл\"",5,799,"Крышка DKC CDV 90 100мм 38341ZL","ШТ",7,304.55,2131.85,"450045, г. Уфа, ПАО АНК \"Башнефть\" \"Башнефть-Новойл\""]
["Крышки","ПАО АНК \"Башнефть\" \"Башнефть-Новойл\"",5,800,"Крышка DKC CPO 90 100х15 38002ZL","ШТ",7,236.27,1653.89,"450045, г. Уфа, ПАО АНК \"Башнефть\" \"Башнефть-Новойл\""]
["Крышки","ПАО АНК \"Башнефть\" \"Башнефть-Новойл\"",5,801,"Крышка DKC CPO 90 100х15 38002ZL","ШТ",2,236.06,472.12,"450045, г. Уфа, ПАО АНК \"Башнефть\" \"Башнефть-Новойл\""]
["Крышки","ПАО АНК \"Башнефть\" \"Башнефть-Новойл\"",5,802,"Крышка DKC CPO 90 100х15 38002ZL","ШТ",1,236.27,236.27,"450045, г. Уфа, ПАО АНК \"Башнефть\" \"Башнефть-Новойл\""]
["Крышки","ПАО АНК \"Башнефть\" \"Башнефть-Новойл\"",5,803,"Крышка DKC CPO 90 100х15 арт.38002HDZ","ШТ",1,236.27,236.27,"450045, г. Уфа, ПАО АНК \"Башнефть\" \"Башнефть-Новойл\""]
["Крышки","ПАО АНК \"Башнефть\" \"Башнефть-Новойл\"",5,804,"Крышка DKC CPO 90 400х15 арт.38006","ШТ",39,456.56,17805.84,"450045, г. Уфа, ПАО АНК \"Башнефть\" \"Башнефть-Новойл\""]
["Крышки","ПАО АНК \"Башнефть\" \"Башнефть-Новойл\"",5,805,"Крышка DKC CPO 90 400х15 арт.38006","ШТ",1,456.96,456.96,"450045, г. Уфа, ПАО АНК \"Башнефть\" \"Башнефть-Новойл\""]
["Крышки","ПАО АНК \"Башнефть\" \"Башнефть-Новойл\"",5,806,"Крышка DKC CS 90 100х15 арт.38202HDZ","ШТ",4,197.12,788.48,"450045, г. Уфа, ПАО АНК \"Башнефть\" \"Башнефть-Новойл\""]
["Крышки","ПАО АНК \"Башнефть\" \"Башнефть-Новойл\"",5,807,"Крышка КЛ400 УТ1,5","ШТ",7,535.75,3750.25,"450045, г. Уфа, ПАО АНК \"Башнефть\" \"Башнефть-Новойл\""]
["Крышки","ПАО АНК \"Башнефть\" \"Башнефть-Новойл\"",5,808,"Крышка КЛ400 УТ1,5","ШТ",125,284.8,35600,"450045, г. Уфа, ПАО АНК \"Башнефть\" \"Башнефть-Новойл\""]
["Крышки","ПАО АНК \"Башнефть\" \"Башнефть-Новойл\"",5,809,"Крышка КЛ400 УТ1,5","ШТ",3,284.8,854.40000000000009,"450045, г. Уфа, ПАО АНК \"Башнефть\" \"Башнефть-Новойл\""]
["Крышки","ПАО АНК \"Башнефть\" \"Башнефть-Новойл\"",5,810,"Крышка КЛ400 УТ1,5","ШТ",20,283.58999999999997,5671.7999999999993,"450045, г. Уфа, ПАО АНК \"Башнефть\" \"Башнефть-Новойл\""]
["Крышки","ПАО АНК \"Башнефть\" \"Башнефть-Новойл\"",5,811,"Крышка КЛ400 УТ1,5","ШТ",40,254.47,10178.799999999999,"450045, г. Уфа, ПАО АНК \"Башнефть\" \"Башнефть-Новойл\""]
["Крышки","ПАО АНК \"Башнефть\" \"Башнефть-Новойл\"",5,812,"Крышка КЛТ100 УТ1,5","ШТ",12,92.03,1104.3600000000001,"450045, г. Уфа, ПАО АНК \"Башнефть\" \"Башнефть-Новойл\""]
["Крышки","ПАО АНК \"Башнефть\" \"Башнефть-Новойл\"",5,813,"Крышка лотка 400 DKC 35516","ШТ",187,481.85,90105.95,"450045, г. Уфа, ПАО АНК \"Башнефть\" \"Башнефть-Новойл\""]
["Крышки","ПАО АНК \"Башнефть\" \"Башнефть-Новойл\"",5,814,"Крышка лотка DKC 15х100 арт. 35512ZL","ШТ",21,343.63,7216.23,"450045, г. Уфа, ПАО АНК \"Башнефть\" \"Башнефть-Новойл\""]
["Крышки","ПАО АНК \"Башнефть\" \"Башнефть-Новойл\"",5,815,"Крышка лотка КЛ 100 УТ1.5","ШТ",93,101.33,9423.69,"450045, г. Уфа, ПАО АНК \"Башнефть\" \"Башнефть-Новойл\""]
["Крышки","ПАО АНК \"Башнефть\" \"Башнефть-Новойл\"",5,816,"Крышка лотка КЛ 100 УХЛ2.5","ШТ",8,104.94,839.52,"450045, г. Уфа, ПАО АНК \"Башнефть\" \"Башнефть-Новойл\""]
["Крышки","ПАО АНК \"Башнефть\" \"Башнефть-Новойл\"",5,817,"Крышка лотка КЛ 100ц УТ1.5","ШТ",47,100.46,4721.62,"450045, г. Уфа, ПАО АНК \"Башнефть\" \"Башнефть-Новойл\""]
["Крышки","ПАО АНК \"Башнефть\" \"Башнефть-Новойл\"",5,818,"Крышка лотка КЛ 100ц УХЛ2.5","ШТ",20,94.09,{"$f":"G822*H822","v":1881.8000000000002},"450045, г. Уфа, ПАО АНК \"Башнефть\" \"Башнефть-Новойл\""]
["Крышки","ПАО АНК \"Башнефть\" \"Башнефть-Новойл\"",5,819,"Крышка лотка КЛ 200 УТ1.5","ШТ",95,214.22,20350.900000000001,"450045, г. Уфа, ПАО АНК \"Башнефть\" \"Башнефть-Новойл\""]
["Крышки","ПАО АНК \"Башнефть\" \"Башнефть-Новойл\"",5,820,"Крышка лотка КЛ 200 УТ1.5","ШТ",68,214.22,14566.96,"450045, г. Уфа, ПАО АНК \"Башнефть\" \"Башнефть-Новойл\""]
["Крышки","ПАО АНК \"Башнефть\" \"Башнефть-Новойл\"",5,821,"Крышка лотка КЛ 200ц УТ1.5","ШТ",169,204.71,34595.99,"450045, г. Уфа, ПАО АНК \"Башнефть\" \"Башнефть-Новойл\""]
["Крышки","ПАО АНК \"Башнефть\" \"Башнефть-Новойл\"",5,822,"Крышка лотка КЛ 200ц УТ1.5","ШТ",277,201,55677,"450045, г. Уфа, ПАО АНК \"Башнефть\" \"Башнефть-Новойл\""]
["Крышки","ПАО АНК \"Башнефть\" \"Башнефть-Новойл\"",5,823,"Крышка лотка КЛ 200ц УТ1.5","ШТ",245,204.9,50200.5,"450045, г. Уфа, ПАО АНК \"Башнефть\" \"Башнефть-Новойл\""]
["Крышки","ПАО АНК \"Башнефть\" \"Башнефть-Новойл\"",5,824,"Крышка лотка КЛ 200ц УТ1.5","ШТ",43,201,8643,"450045, г. Уфа, ПАО АНК \"Башнефть\" \"Башнефть-Новойл\""]
["Крышки","ПАО АНК \"Башнефть\" \"Башнефть-Новойл\"",5,825,"Крышка лотка КЛ 200ц УХЛ2.5","ШТ",32,176.11,5635.52,"450045, г. Уфа, ПАО АНК \"Башнефть\" \"Башнефть-Новойл\""]
["Крышки","ПАО АНК \"Башнефть\" \"Башнефть-Новойл\"",5,826,"Крышка лотка КЛ 200ц УХЛ2.5","ШТ",17,150.82,2563.94,"450045, г. Уфа, ПАО АНК \"Башнефть\" \"Башнефть-Новойл\""]
["Крышки","ПАО АНК \"Башнефть\" \"Башнефть-Новойл\"",5,827,"Крышка лотка КЛ 200ц УХЛ2.5","ШТ",3,184.67,554.01,"450045, г. Уфа, ПАО АНК \"Башнефть\" \"Башнефть-Новойл\""]
["Крышки","ПАО АНК \"Башнефть\" \"Башнефть-Новойл\"",5,828,"Крышка лотка КЛ 250 УТ1.5","ШТ",35,192.81,6748.35,"450045, г. Уфа, ПАО АНК \"Башнефть\" \"Башнефть-Новойл\""]
["Крышки","ПАО АНК \"Башнефть\" \"Башнефть-Новойл\"",5,829,"Крышка лотка КЛ 250 УХЛ2.5","ШТ",11,273.06,3003.66,"450045, г. Уфа, ПАО АНК \"Башнефть\" \"Башнефть-Новойл\""]
["Крышки","ПАО АНК \"Башнефть\" \"Башнефть-Новойл\"",5,830,"Крышка лотка КЛ 300ц УТ1.5","ШТ",25,275.36,6884,"450045, г. Уфа, ПАО АНК \"Башнефть\" \"Башнефть-Новойл\""]
["Крышки","ПАО АНК \"Башнефть\" \"Башнефть-Новойл\"",5,831,"Крышка лотка КЛ 300ц УХЛ2.5","ШТ",50,292.72000000000003,14636.000000000002,"450045, г. Уфа, ПАО АНК \"Башнефть\" \"Башнефть-Новойл\""]
["Крышки","ПАО АНК \"Башнефть\" \"Башнефть-Новойл\"",5,832,"Крышка лотка КЛ 400 У3","ШТ",125,316.01,39501.25,"450045, г. Уфа, ПАО АНК \"Башнефть\" \"Башнефть-Новойл\""]
["Крышки","ПАО АНК \"Башнефть\" \"Башнефть-Новойл\"",5,833,"Крышка лотка КЛ 500ц УТ1.5","ШТ",160,654.28,104684.79999999999,"450045, г. Уфа, ПАО АНК \"Башнефть\" \"Башнефть-Новойл\""]
["Крышки","ПАО АНК \"Башнефть\" \"Башнефть-Новойл\"",5,834,"Крышка лотка КЛ 500ц УТ1.5","ШТ",120,654.28,78513.599999999991,"450045, г. Уфа, ПАО АНК \"Башнефть\" \"Башнефть-Новойл\""]
["Крышки","ПАО АНК \"Башнефть\" \"Башнефть-Новойл\"",5,835,"Крышка лотка КЛ 50ц УТ1.5","ШТ",5,62.3,311.5,"450045, г. Уфа, ПАО АНК \"Башнефть\" \"Башнефть-Новойл\""]
["Крышки","ПАО АНК \"Башнефть\" \"Башнефть-Новойл\"",5,836,"Крышка лотка КЛП 100 У3","ШТ",14,57.07,798.98,"450045, г. Уфа, ПАО АНК \"Башнефть\" \"Башнефть-Новойл\""]
["Крышки","ПАО АНК \"Башнефть\" \"Башнефть-Новойл\"",5,837,"Крышка лотка КЛП 100-90ц УТ1.5","ШТ",30,70.14,2104.1999999999998,"450045, г. Уфа, ПАО АНК \"Башнефть\" \"Башнефть-Новойл\""]
["Крышки","ПАО АНК \"Башнефть\" \"Башнефть-Новойл\"",5,838,"Крышка лотка КЛП 100-90ц УТ1.5","ШТ",6,70.14,420.84000000000003,"450045, г. Уфа, ПАО АНК \"Башнефть\" \"Башнефть-Новойл\""]
["Крышки","ПАО АНК \"Башнефть\" \"Башнефть-Новойл\"",5,839,"Крышка лотка КЛП 100-90ц УТ1.5","ШТ",5,70.14,350.7,"450045, г. Уфа, ПАО АНК \"Башнефть\" \"Башнефть-Новойл\""]
["Крышки","ПАО АНК \"Башнефть\" \"Башнефть-Новойл\"",5,840,"Крышка лотка КЛП 100-90ц УТ1.5","ШТ",12,70.14,841.68000000000006,"450045, г. Уфа, ПАО АНК \"Башнефть\" \"Башнефть-Новойл\""]
["Крышки","ПАО АНК \"Башнефть\" \"Башнефть-Новойл\"",5,841,"Крышка лотка КЛП 100-90ц УТ1.5","ШТ",52,70.14,3647.28,"450045, г. Уфа, ПАО АНК \"Башнефть\" \"Башнефть-Новойл\""]
["Крышки","ПАО АНК \"Башнефть\" \"Башнефть-Новойл\"",5,842,"Крышка лотка КЛП 100-90ц УТ1.5","ШТ",12,70.14,841.68000000000006,"450045, г. Уфа, ПАО АНК \"Башнефть\" \"Башнефть-Новойл\""]
["Крышки","ПАО АНК \"Башнефть\" \"Башнефть-Новойл\"",5,843,"Крышка лотка КЛП 100-90ц УТ1.5","ШТ",4,70.14,280.56,"450045, г. Уфа, ПАО АНК \"Башнефть\" \"Башнефть-Новойл\""]
["Крышки","ПАО АНК \"Башнефть\" \"Башнефть-Новойл\"",5,844,"Крышка лотка КЛП 100-90ц УТ1.5","ШТ",10,70.14,701.4,"450045, г. Уфа, ПАО АНК \"Башнефть\" \"Башнефть-Новойл\""]
["Крышки","ПАО АНК \"Башнефть\" \"Башнефть-Новойл\"",5,845,"Крышка лотка КЛП 200-90ц УТ1.5","ШТ",31,162.49,5037.1900000000005,"450045, г. Уфа, ПАО АНК \"Башнефть\" \"Башнефть-Новойл\""]
["Крышки","ПАО АНК \"Башнефть\" \"Башнефть-Новойл\"",5,846,"Крышка лотка КЛП 200-90ц УТ1.5","ШТ",14,181.93,2547.02,"450045, г. Уфа, ПАО АНК \"Башнефть\" \"Башнефть-Новойл\""]
["Крышки","ПАО АНК \"Башнефть\" \"Башнефть-Новойл\"",5,847,"Крышка лотка КЛП 200-90ц УХЛ2.5","ШТ",35,92.84,3249.4,"450045, г. Уфа, ПАО АНК \"Башнефть\" \"Башнефть-Новойл\""]
["Крышки","ПАО АНК \"Башнефть\" \"Башнефть-Новойл\"",5,848,"Крышка лотка КЛП 300-90 УТ1.5","ШТ",12,219.1,2629.2,"450045, г. Уфа, ПАО АНК \"Башнефть\" \"Башнефть-Новойл\""]
["Крышки","ПАО АНК \"Башнефть\" \"Башнефть-Новойл\"",5,849,"Крышка лотка КЛП 300-90 УТ1.5","ШТ",10,220.75,2207.5,"450045, г. Уфа, ПАО АНК \"Башнефть\" \"Башнефть-Новойл\""]
["Крышки","ПАО АНК \"Башнефть\" \"Башнефть-Новойл\"",5,850,"Крышка лотка КЛП 400-45ц У1.5","ШТ",4,149.59,598.36,"450045, г. Уфа, ПАО АНК \"Башнефть\" \"Башнефть-Новойл\""]
["Крышки","ПАО АНК \"Башнефть\" \"Башнефть-Новойл\"",5,851,"Крышка лотка КЛП 75-90 УТ1.5","ШТ",4,70.98,283.92,"450045, г. Уфа, ПАО АНК \"Башнефть\" \"Башнефть-Новойл\""]
["Крышки","ПАО АНК \"Башнефть\" \"Башнефть-Новойл\"",5,852,"Крышка лотка КЛП 75-90 УТ1.5","ШТ",6,66.83,400.98,"450045, г. Уфа, ПАО АНК \"Башнефть\" \"Башнефть-Новойл\""]
["Крышки","ПАО АНК \"Башнефть\" \"Башнефть-Новойл\"",5,853,"Крышка лотка КЛП 75-90 УТ1.5","ШТ",4,70.98,283.92,"450045, г. Уфа, ПАО АНК \"Башнефть\" \"Башнефть-Новойл\""]
["Крышки","ПАО АНК \"Башнефть\" \"Башнефть-Новойл\"",5,854,"Крышка лотка КЛС 100-45 УТ1.5","ШТ",1,45.8,45.8,"450045, г. Уфа, ПАО АНК \"Башнефть\" \"Башнефть-Новойл\""]
["Крышки","ПАО АНК \"Башнефть\" \"Башнефть-Новойл\"",5,855,"Крышка лотка КЛС 100-90ц УТ1.5","ШТ",59,70.42,4154.78,"450045, г. Уфа, ПАО АНК \"Башнефть\" \"Башнефть-Новойл\""]
["Крышки","ПАО АНК \"Башнефть\" \"Башнефть-Новойл\"",5,856,"Крышка лотка КЛС 100-90ц УТ1.5","ШТ",10,69.489999999999995,694.9,"450045, г. Уфа, ПАО АНК \"Башнефть\" \"Башнефть-Новойл\""]
["Крышки","ПАО АНК \"Башнефть\" \"Башнефть-Новойл\"",5,857,"Крышка лотка КЛС 200-90 УТ1.5","ШТ",34,159.41,5419.94,"450045, г. Уфа, ПАО АНК \"Башнефть\" \"Башнефть-Новойл\""]
["Крышки","ПАО АНК \"Башнефть\" \"Башнефть-Новойл\"",5,858,"Крышка лотка КЛС 200-90 УТ1.5","ШТ",16,171.81,2748.96,"450045, г. Уфа, ПАО АНК \"Башнефть\" \"Башнефть-Новойл\""]
["Крышки","ПАО АНК \"Башнефть\" \"Башнефть-Новойл\"",5,859,"Крышка лотка КЛС 200-90 УТ1.5","ШТ",16,103.9,1662.4,"450045, г. Уфа, ПАО АНК \"Башнефть\" \"Башнефть-Новойл\""]
["Крышки","ПАО АНК \"Башнефть\" \"Башнефть-Новойл\"",5,860,"Крышка лотка КЛС 300-90 УТ1.5","ШТ",8,224.42,1795.36,"450045, г. Уфа, ПАО АНК \"Башнефть\" \"Башнефть-Новойл\""]
["Крышки","ПАО АНК \"Башнефть\" \"Башнефть-Новойл\"",5,861,"Крышка лотка КЛС 300-90 УТ1.5","ШТ",10,218.2,2182,"450045, г. Уфа, ПАО АНК \"Башнефть\" \"Башнефть-Новойл\""]
["Крышки","ПАО АНК \"Башнефть\" \"Башнефть-Новойл\"",5,862,"Крышка лотка КЛС 300-90 УТ1.5","ШТ",3,246.31,738.93000000000006,"450045, г. Уфа, ПАО АНК \"Башнефть\" \"Башнефть-Новойл\""]
["Крышки","ПАО АНК \"Башнефть\" \"Башнефть-Новойл\"",5,863,"Крышка лотка КЛС 400-45ц У1.5","ШТ",2,149.59,299.18,"450045, г. Уфа, ПАО АНК \"Башнефть\" \"Башнефть-Новойл\""]
["Крышки","ПАО АНК \"Башнефть\" \"Башнефть-Новойл\"",5,864,"Крышка лотка КЛС 75-90 УТ1.5","ШТ",7,70.98,496.86,"450045, г. Уфа, ПАО АНК \"Башнефть\" \"Башнефть-Новойл\""]
["Крышки","ПАО АНК \"Башнефть\" \"Башнефть-Новойл\"",5,865,"Крышка лотка КЛС 75-90 УТ1.5","ШТ",3,66.83,200.49,"450045, г. Уфа, ПАО АНК \"Башнефть\" \"Башнефть-Новойл\""]
["Крышки","ПАО АНК \"Башнефть\" \"Башнефть-Новойл\"",5,866,"Крышка лотка КЛТ 100 У3","ШТ",1,53.22,53.22,"450045, г. Уфа, ПАО АНК \"Башнефть\" \"Башнефть-Новойл\""]
["Крышки","ПАО АНК \"Башнефть\" \"Башнефть-Новойл\"",5,867,"Крышка лотка КЛТ 100ц УТ1.5","ШТ",4,79.739999999999995,{"$f":"G871*H871","v":318.95999999999998},"450045, г. Уфа, ПАО АНК \"Башнефть\" \"Башнефть-Новойл\""]
["Крышки","ПАО АНК \"Башнефть\" \"Башнефть-Новойл\"",5,868,"Крышка лотка КЛТ 100ц УТ1.5","ШТ",14,78.84,1103.76,"450045, г. Уфа, ПАО АНК \"Башнефть\" \"Башнефть-Новойл\""]
["Крышки","ПАО АНК \"Башнефть\" \"Башнефть-Новойл\"",5,869,"Крышка лотка КЛТ 100ц УТ1.5","ШТ",10,78.64,786.4,"450045, г. Уфа, ПАО АНК \"Башнефть\" \"Башнефть-Новойл\""]
["Крышки","ПАО АНК \"Башнефть\" \"Башнефть-Новойл\"",5,870,"Крышка лотка КЛТ 100ц УТ1.5","ШТ",107,78.84,8435.880000000001,"450045, г. Уфа, ПАО АНК \"Башнефть\" \"Башнефть-Новойл\""]
["Крышки","ПАО АНК \"Башнефть\" \"Башнефть-Новойл\"",5,871,"Крышка лотка КЛТ 100ц УТ1.5","ШТ",51,81.92,4177.92,"450045, г. Уфа, ПАО АНК \"Башнефть\" \"Башнефть-Новойл\""]
["Крышки","ПАО АНК \"Башнефть\" \"Башнефть-Новойл\"",5,872,"Крышка лотка КЛТ 100ц УТ1.5","ШТ",1,62.36,62.36,"450045, г. Уфа, ПАО АНК \"Башнефть\" \"Башнефть-Новойл\""]
["Крышки","ПАО АНК \"Башнефть\" \"Башнефть-Новойл\"",5,873,"Крышка лотка КЛТ 100ц УТ1.5","ШТ",1,81.92,81.92,"450045, г. Уфа, ПАО АНК \"Башнефть\" \"Башнефть-Новойл\""]
["Крышки","ПАО АНК \"Башнефть\" \"Башнефть-Новойл\"",5,874,"Крышка лотка КЛТ 100ц УХЛ2.5","ШТ",30,65.78,1973.4,"450045, г. Уфа, ПАО АНК \"Башнефть\" \"Башнефть-Новойл\""]
["Крышки","ПАО АНК \"Башнефть\" \"Башнефть-Новойл\"",5,875,"Крышка лотка КЛТ 200ц УТ1.5","ШТ",7,170.87,1196.0900000000001,"450045, г. Уфа, ПАО АНК \"Башнефть\" \"Башнефть-Новойл\""]
["Крышки","ПАО АНК \"Башнефть\" \"Башнефть-Новойл\"",5,876,"Крышка лотка КЛТ 200ц УТ1.5","ШТ",8,172.75,1382,"450045, г. Уфа, ПАО АНК \"Башнефть\" \"Башнефть-Новойл\""]
["Крышки","ПАО АНК \"Башнефть\" \"Башнефть-Новойл\"",5,877,"Крышка лотка КЛТ 200ц УТ1.5","ШТ",10,99.77,997.69999999999993,"450045, г. Уфа, ПАО АНК \"Башнефть\" \"Башнефть-Новойл\""]
["Крышки","ПАО АНК \"Башнефть\" \"Башнефть-Новойл\"",5,878,"Крышка лотка КЛТ 200ц УТ1.5","ШТ",4,118.42,473.68,"450045, г. Уфа, ПАО АНК \"Башнефть\" \"Башнефть-Новойл\""]
["Крышки","ПАО АНК \"Башнефть\" \"Башнефть-Новойл\"",5,879,"Крышка лотка КЛТ 300ц УТ1.5","ШТ",37,175.81,6504.97,"450045, г. Уфа, ПАО АНК \"Башнефть\" \"Башнефть-Новойл\""]
["Крышки","ПАО АНК \"Башнефть\" \"Башнефть-Новойл\"",5,880,"Крышка лотка КЛТ 300ц УТ1.5","ШТ",30,175.81,5274.3,"450045, г. Уфа, ПАО АНК \"Башнефть\" \"Башнефть-Новойл\""]
["Крышки","ПАО АНК \"Башнефть\" \"Башнефть-Новойл\"",5,881,"Крышка лотка КЛУ 100-135 У3","ШТ",2,47.45,94.9,"450045, г. Уфа, ПАО АНК \"Башнефть\" \"Башнефть-Новойл\""]
["Крышки","ПАО АНК \"Башнефть\" \"Башнефть-Новойл\"",5,882,"Крышка лотка КЛУ 100-135 УТ1.5","ШТ",5,76,380,"450045, г. Уфа, ПАО АНК \"Башнефть\" \"Башнефть-Новойл\""]
["Крышки","ПАО АНК \"Башнефть\" \"Башнефть-Новойл\"",5,883,"Крышка лотка КЛУ 100-90 УТ1.5","ШТ",5,74.38,371.9,"450045, г. Уфа, ПАО АНК \"Башнефть\" \"Башнефть-Новойл\""]
["Крышки","ПАО АНК \"Башнефть\" \"Башнефть-Новойл\"",5,884,"Крышка лотка КЛУ 100-90 УХЛ2.5","ШТ",1,87.56,87.56,"450045, г. Уфа, ПАО АНК \"Башнефть\" \"Башнефть-Новойл\""]
["Крышки","ПАО АНК \"Башнефть\" \"Башнефть-Новойл\"",5,885,"Крышка лотка КЛУ 100-90 УХЛ2.5","ШТ",7,78.489999999999995,549.42999999999995,"450045, г. Уфа, ПАО АНК \"Башнефть\" \"Башнефть-Новойл\""]
["Крышки","ПАО АНК \"Башнефть\" \"Башнефть-Новойл\"",5,886,"Крышка лотка КЛУ 100-90ц УХЛ2.5","ШТ",50,86.88,4344,"450045, г. Уфа, ПАО АНК \"Башнефть\" \"Башнефть-Новойл\""]
["Крышки","ПАО АНК \"Башнефть\" \"Башнефть-Новойл\"",5,887,"Крышка лотка КЛУ 100-90ц УХЛ2.5","ШТ",5,87.11,435.55,"450045, г. Уфа, ПАО АНК \"Башнефть\" \"Башнефть-Новойл\""]
["Крышки","ПАО АНК \"Башнефть\" \"Башнефть-Новойл\"",5,888,"Крышка лотка КЛУ 100-90ц УХЛ2.5","ШТ",5,75.59,377.95000000000005,"450045, г. Уфа, ПАО АНК \"Башнефть\" \"Башнефть-Новойл\""]
["Крышки","ПАО АНК \"Башнефть\" \"Башнефть-Новойл\"",5,889,"Крышка лотка КЛУ 100-90ц УХЛ2.5","ШТ",6,67.180000000000007,403.08000000000004,"450045, г. Уфа, ПАО АНК \"Башнефть\" \"Башнефть-Новойл\""]
["Крышки","ПАО АНК \"Башнефть\" \"Башнефть-Новойл\"",5,890,"Крышка лотка КЛУ 200-135 УТ1.5","ШТ",6,130.15,780.90000000000009,"450045, г. Уфа, ПАО АНК \"Башнефть\" \"Башнефть-Новойл\""]
["Крышки","ПАО АНК \"Башнефть\" \"Башнефть-Новойл\"",5,891,"Крышка лотка КЛУ 200-90 УТ1.5","ШТ",30,163.41,4902.3,"450045, г. Уфа, ПАО АНК \"Башнефть\" \"Башнефть-Новойл\""]
["Крышки","ПАО АНК \"Башнефть\" \"Башнефть-Новойл\"",5,892,"Крышка лотка КЛУ 200-90 УТ1.5","ШТ",4,159.19,636.76,"450045, г. Уфа, ПАО АНК \"Башнефть\" \"Башнефть-Новойл\""]
["Крышки","ПАО АНК \"Башнефть\" \"Башнефть-Новойл\"",5,893,"Крышка лотка КЛУ 200-90 УТ1.5","ШТ",2,109.12,218.24,"450045, г. Уфа, ПАО АНК \"Башнефть\" \"Башнефть-Новойл\""]
["Крышки","ПАО АНК \"Башнефть\" \"Башнефть-Новойл\"",5,894,"Крышка лотка КЛУ 250-90 УТ1.5","ШТ",4,149.80000000000001,599.20000000000005,"450045, г. Уфа, ПАО АНК \"Башнефть\" \"Башнефть-Новойл\""]
["Крышки","ПАО АНК \"Башнефть\" \"Башнефть-Новойл\"",5,895,"Крышка лотка КЛУ 300-90 УТ1.5","ШТ",19,223.82,4252.58,"450045, г. Уфа, ПАО АНК \"Башнефть\" \"Башнефть-Новойл\""]
["Крышки","ПАО АНК \"Башнефть\" \"Башнефть-Новойл\"",5,896,"Крышка лотка КЛУ 300-90 УТ1.5","ШТ",6,228.55,1371.3000000000002,"450045, г. Уфа, ПАО АНК \"Башнефть\" \"Башнефть-Новойл\""]
["Крышки","ПАО АНК \"Башнефть\" \"Башнефть-Новойл\"",5,897,"Крышка лотка КЛУ 75-90 УТ1.5","ШТ",3,70.98,212.94,"450045, г. Уфа, ПАО АНК \"Башнефть\" \"Башнефть-Новойл\""]
["Крышки","ПАО АНК \"Башнефть\" \"Башнефть-Новойл\"",5,898,"Крышка лотка углового КЛУ 100-90 У3","ШТ",3,49.28,147.84,"450045, г. Уфа, ПАО АНК \"Башнефть\" \"Башнефть-Новойл\""]
["Крышки","ПАО АНК \"Башнефть\" \"Башнефть-Новойл\"",5,899,"Крышка лотка углового КЛУ 300-135 УТ1,5","ШТ",4,167.63,670.52,"450045, г. Уфа, ПАО АНК \"Башнефть\" \"Башнефть-Новойл\""]
["Крышки","ПАО АНК \"Башнефть\" \"Башнефть-Новойл\"",5,900,"Крышка лотка углового КЛУ 300-90 У3","ШТ",4,167.63,670.52,"450045, г. Уфа, ПАО АНК \"Башнефть\" \"Башнефть-Новойл\""]
["Лотки","ПАО АНК \"Башнефть\" \"Башнефть-Новойл\"",6,901,"Лоток 35112HDZ DKC 150х100","ШТ",8,1079.54,8636.32,"450045, г. Уфа, ПАО АНК \"Башнефть\" \"Башнефть-Новойл\""]
["Лотки","ПАО АНК \"Башнефть\" \"Башнефть-Новойл\"",6,902,"Лоток Bettermann EKS 640 FT 6056970","ШТ",2,3240.49,6480.98,"450045, г. Уфа, ПАО АНК \"Башнефть\" \"Башнефть-Новойл\""]
["Лотки","ПАО АНК \"Башнефть\" \"Башнефть-Новойл\"",6,903,"Лоток Bettermann GRM 35/200 FT 6000073","М",6,208.78,1252.68,"450045, г. Уфа, ПАО АНК \"Башнефть\" \"Башнефть-Новойл\""]
["Лотки","ПАО АНК \"Башнефть\" \"Башнефть-Новойл\"",6,904,"Лоток Bettermann LTS 50 FT 6075005","М",15,364.45,5466.75,"450045, г. Уфа, ПАО АНК \"Башнефть\" \"Башнефть-Новойл\""]
["Лотки","ПАО АНК \"Башнефть\" \"Башнефть-Новойл\"",6,905,"Лоток Bettermann SKS 615 FS 6056156","ШТ",4,1011.7,4046.8,"450045, г. Уфа, ПАО АНК \"Башнефть\" \"Башнефть-Новойл\""]
["Лотки","ПАО АНК \"Башнефть\" \"Башнефть-Новойл\"",6,906,"Лоток Bettermann SKSU 120 FS 6063438","М",6,545.95000000000005,3275.7000000000003,"450045, г. Уфа, ПАО АНК \"Башнефть\" \"Башнефть-Новойл\""]
["Лотки","ПАО АНК \"Башнефть\" \"Башнефть-Новойл\"",6,907,"Лоток DKC LA1040HDZ 400х100","ШТ",10,4024.28,40242.800000000003,"450045, г. Уфа, ПАО АНК \"Башнефть\" \"Башнефть-Новойл\""]
["Лотки","ПАО АНК \"Башнефть\" \"Башнефть-Новойл\"",6,908,"Лоток DKC LA1040HDZ 400х100","ШТ",200,4027.82,805564,"450045, г. Уфа, ПАО АНК \"Башнефть\" \"Башнефть-Новойл\""]
["Лотки","ПАО АНК \"Башнефть\" \"Башнефть-Новойл\"",6,909,"Лоток EKS 630","ШТ",20,3165.48,63309.599999999999,"450045, г. Уфа, ПАО АНК \"Башнефть\" \"Башнефть-Новойл\""]
["Лотки","ПАО АНК \"Башнефть\" \"Башнефть-Новойл\"",6,910,"Лоток SKSU 620 FT Bettermann 6064 35 3","ШТ",3,1283.29,3849.87,"450045, г. Уфа, ПАО АНК \"Башнефть\" \"Башнефть-Новойл\""]
["Лотки","ПАО АНК \"Башнефть\" \"Башнефть-Новойл\"",6,911,"Лоток WKSG 120 FS Bettermann 6098 11 1","ШТ",6,6296.39,37778.340000000004,"450045, г. Уфа, ПАО АНК \"Башнефть\" \"Башнефть-Новойл\""]
["Лотки","ПАО АНК \"Башнефть\" \"Башнефть-Новойл\"",6,912,"Лоток глухой ЛМГ 300Х65 УТ1,5","ШТ",30,330.52,9915.5999999999985,"450045, г. Уфа, ПАО АНК \"Башнефть\" \"Башнефть-Новойл\""]
["Лотки","ПАО АНК \"Башнефть\" \"Башнефть-Новойл\"",6,913,"Лоток КГ 100х65-135 У3","ШТ",1,79.45,79.45,"450045, г. Уфа, ПАО АНК \"Башнефть\" \"Башнефть-Новойл\""]
["Лотки","ПАО АНК \"Башнефть\" \"Башнефть-Новойл\"",6,914,"Лоток КГ 100х65-135ц УТ1.5","ШТ",6,249.61,1497.66,"450045, г. Уфа, ПАО АНК \"Башнефть\" \"Башнефть-Новойл\""]
["Лотки","ПАО АНК \"Башнефть\" \"Башнефть-Новойл\"",6,915,"Лоток КГ 100х65-135ц УТ1.5","ШТ",1,259.60000000000002,259.60000000000002,"450045, г. Уфа, ПАО АНК \"Башнефть\" \"Башнефть-Новойл\""]
["Лотки","ПАО АНК \"Башнефть\" \"Башнефть-Новойл\"",6,916,"Лоток КГ 100х65-135ц УТ1.5","ШТ",10,165.88,1658.8,"450045, г. Уфа, ПАО АНК \"Башнефть\" \"Башнефть-Новойл\""]
["Лотки","ПАО АНК \"Башнефть\" \"Башнефть-Новойл\"",6,917,"Лоток КГ 100х65-135ц УТ1.5","ШТ",8,137.24,1097.92,"450045, г. Уфа, ПАО АНК \"Башнефть\" \"Башнефть-Новойл\""]
["Лотки","ПАО АНК \"Башнефть\" \"Башнефть-Новойл\"",6,918,"Лоток КГ 100х65-135ц УТ1.5","ШТ",8,79.45,635.6,"450045, г. Уфа, ПАО АНК \"Башнефть\" \"Башнефть-Новойл\""]
["Лотки","ПАО АНК \"Башнефть\" \"Башнефть-Новойл\"",6,919,"Лоток КГ 100х65-90 У3","ШТ",2,79.45,158.9,"450045, г. Уфа, ПАО АНК \"Башнефть\" \"Башнефть-Новойл\""]
["Лотки","ПАО АНК \"Башнефть\" \"Башнефть-Новойл\"",6,920,"Лоток КГ 100х65-90ц УТ1.5","ШТ",19,162.76,3092.4399999999996,"450045, г. Уфа, ПАО АНК \"Башнефть\" \"Башнефть-Новойл\""]
["Лотки","ПАО АНК \"Башнефть\" \"Башнефть-Новойл\"",6,921,"Лоток КГ 100х65-90ц УТ1.5","ШТ",10,160.96,1609.6000000000001,"450045, г. Уфа, ПАО АНК \"Башнефть\" \"Башнефть-Новойл\""]
["Лотки","ПАО АНК \"Башнефть\" \"Башнефть-Новойл\"",6,922,"Лоток КГ 100х65-90ц УТ1.5","ШТ",2,137.24,274.48,"450045, г. Уфа, ПАО АНК \"Башнефть\" \"Башнефть-Новойл\""]
["Лотки","ПАО АНК \"Башнефть\" \"Башнефть-Новойл\"",6,923,"Лоток КГ 100х65-90ц УТ1.5","ШТ",1,146.18,146.18,"450045, г. Уфа, ПАО АНК \"Башнефть\" \"Башнефть-Новойл\""]
["Лотки","ПАО АНК \"Башнефть\" \"Башнефть-Новойл\"",6,924,"Лоток КГ 100х65-90ц УТ1.5","ШТ",3,137.24,411.72,"450045, г. Уфа, ПАО АНК \"Башнефть\" \"Башнефть-Новойл\""]
["Лотки","ПАО АНК \"Башнефть\" \"Башнефть-Новойл\"",6,925,"Лоток КГ 100х65-90ц УТ1.5","ШТ",1,165.88,165.88,"450045, г. Уфа, ПАО АНК \"Башнефть\" \"Башнефть-Новойл\""]
["Лотки","ПАО АНК \"Башнефть\" \"Башнефть-Новойл\"",6,926,"Лоток КГ 200х65-90 УТ1.5","ШТ",19,197.57,3753.83,"450045, г. Уфа, ПАО АНК \"Башнефть\" \"Башнефть-Новойл\""]
["Лотки","ПАО АНК \"Башнефть\" \"Башнефть-Новойл\"",6,927,"Лоток КГ 200х65-90ц УХЛ2.5","ШТ",2,306.25,612.5,"450045, г. Уфа, ПАО АНК \"Башнефть\" \"Башнефть-Новойл\""]
["Лотки","ПАО АНК \"Башнефть\" \"Башнефть-Новойл\"",6,928,"Лоток КГ 250х65-90 УТ1.5","ШТ",4,344,1376,"450045, г. Уфа, ПАО АНК \"Башнефть\" \"Башнефть-Новойл\""]
["Лотки","ПАО АНК \"Башнефть\" \"Башнефть-Новойл\"",6,929,"Лоток КГ 300х65-90ц УХЛ2","ШТ",4,235.69,942.76,"450045, г. Уфа, ПАО АНК \"Башнефть\" \"Башнефть-Новойл\""]
["Лотки","ПАО АНК \"Башнефть\" \"Башнефть-Новойл\"",6,930,"Лоток КГ 400х65-90ц УХЛ2","ШТ",3,466.69,1400.07,"450045, г. Уфа, ПАО АНК \"Башнефть\" \"Башнефть-Новойл\""]
["Лотки","ПАО АНК \"Башнефть\" \"Башнефть-Новойл\"",6,931,"Лоток КГГ 100х65-135 У3","ШТ",3,79.45,{"$f":"G935*H935","v":238.35000000000002},"450045, г. Уфа, ПАО АНК \"Башнефть\" \"Башнефть-Новойл\""]
["Лотки","ПАО АНК \"Башнефть\" \"Башнефть-Новойл\"",6,932,"Лоток КГГ 100х65-135 УТ1.5","ШТ",1,79.45,79.45,"450045, г. Уфа, ПАО АНК \"Башнефть\" \"Башнефть-Новойл\""]
["Лотки","ПАО АНК \"Башнефть\" \"Башнефть-Новойл\"",6,933,"Лоток КГГ 200х65-90 УТ1.5","ШТ",3,311.19,933.56999999999994,"450045, г. Уфа, ПАО АНК \"Башнефть\" \"Башнефть-Новойл\""]
["Лотки","ПАО АНК \"Башнефть\" \"Башнефть-Новойл\"",6,934,"Лоток КГГ 250х65-90ц УТ1.5","ШТ",2,321.79000000000002,643.58000000000004,"450045, г. Уфа, ПАО АНК \"Башнефть\" \"Башнефть-Новойл\""]
["Лотки","ПАО АНК \"Башнефть\" \"Башнефть-Новойл\"",6,935,"Лоток КГГ 300х65-90ц УТ1.5","ШТ",2,182.66,365.32,"450045, г. Уфа, ПАО АНК \"Башнефть\" \"Башнефть-Новойл\""]
["Лотки","ПАО АНК \"Башнефть\" \"Башнефть-Новойл\"",6,936,"Лоток КГГ 400х65-90ц УТ1.5","ШТ",8,569.16,4553.28,"450045, г. Уфа, ПАО АНК \"Башнефть\" \"Башнефть-Новойл\""]
["Лотки","ПАО АНК \"Башнефть\" \"Башнефть-Новойл\"",6,937,"Лоток КМ 100х65 УХЛ1 S1,5 цинк","ШТ",2,249.7,499.4,"450045, г. Уфа, ПАО АНК \"Башнефть\" \"Башнефть-Новойл\""]
["Лотки","ПАО АНК \"Башнефть\" \"Башнефть-Новойл\"",6,938,"Лоток КМ 100х65 УХЛ1 S1,5 цинк","ШТ",6,143.36000000000001,860.16000000000008,"450045, г. Уфа, ПАО АНК \"Башнефть\" \"Башнефть-Новойл\""]
["Лотки","ПАО АНК \"Башнефть\" \"Башнефть-Новойл\"",6,939,"Лоток КП 100х65-90ц УХЛ2","ШТ",30,146.18,4385.4000000000005,"450045, г. Уфа, ПАО АНК \"Башнефть\" \"Башнефть-Новойл\""]
["Лотки","ПАО АНК \"Башнефть\" \"Башнефть-Новойл\"",6,940,"Лоток КП 100х94-90ц УХЛ2","ШТ",6,244.21,1465.26,"450045, г. Уфа, ПАО АНК \"Башнефть\" \"Башнефть-Новойл\""]
["Лотки","ПАО АНК \"Башнефть\" \"Башнефть-Новойл\"",6,941,"Лоток КП 200х65-45ц УХЛ2.5","ШТ",2,192.5,385,"450045, г. Уфа, ПАО АНК \"Башнефть\" \"Башнефть-Новойл\""]
["Лотки","ПАО АНК \"Башнефть\" \"Башнефть-Новойл\"",6,942,"Лоток КП 200х65-90 УХЛ1 S1,5 цинк","ШТ",7,267.86,1875.02,"450045, г. Уфа, ПАО АНК \"Башнефть\" \"Башнефть-Новойл\""]
["Лотки","ПАО АНК \"Башнефть\" \"Башнефть-Новойл\"",6,943,"Лоток КП 200х65-90 УХЛ1 S1,5 цинк","ШТ",11,284.89999999999998,3133.8999999999996,"450045, г. Уфа, ПАО АНК \"Башнефть\" \"Башнефть-Новойл\""]
["Лотки","ПАО АНК \"Башнефть\" \"Башнефть-Новойл\"",6,944,"Лоток КП 200х65-90 УХЛ1 S1,5 цинк","ШТ",1,264.87,264.87,"450045, г. Уфа, ПАО АНК \"Башнефть\" \"Башнефть-Новойл\""]
["Лотки","ПАО АНК \"Башнефть\" \"Башнефть-Новойл\"",6,945,"Лоток КП 200х65-90 УХЛ1 S1,5 цинк","ШТ",1,303.79000000000002,303.79000000000002,"450045, г. Уфа, ПАО АНК \"Башнефть\" \"Башнефть-Новойл\""]
["Лотки","ПАО АНК \"Башнефть\" \"Башнефть-Новойл\"",6,946,"Лоток КП 200х65-90ц УХЛ2.5","ШТ",1,240.07,240.07,"450045, г. Уфа, ПАО АНК \"Башнефть\" \"Башнефть-Новойл\""]
["Лотки","ПАО АНК \"Башнефть\" \"Башнефть-Новойл\"",6,947,"Лоток КП 300х65-90ц УХЛ2","ШТ",3,358.5,1075.5,"450045, г. Уфа, ПАО АНК \"Башнефть\" \"Башнефть-Новойл\""]
["Лотки","ПАО АНК \"Башнефть\" \"Башнефть-Новойл\"",6,948,"Лоток КП 75х65-90 УТ1.5","ШТ",6,140.53,843.18000000000006,"450045, г. Уфа, ПАО АНК \"Башнефть\" \"Башнефть-Новойл\""]
["Лотки","ПАО АНК \"Башнефть\" \"Башнефть-Новойл\"",6,949,"Лоток КП 75х65-90 УТ1.5","ШТ",4,156.03,624.12,"450045, г. Уфа, ПАО АНК \"Башнефть\" \"Башнефть-Новойл\""]
["Лотки","ПАО АНК \"Башнефть\" \"Башнефть-Новойл\"",6,950,"Лоток КПГ 100х65-45 УТ1.5","ШТ",2,68.23,136.46,"450045, г. Уфа, ПАО АНК \"Башнефть\" \"Башнефть-Новойл\""]
["Лотки","ПАО АНК \"Башнефть\" \"Башнефть-Новойл\"",6,951,"Лоток КПГ 100х65-90ц УТ1.5","ШТ",4,209.53,838.12,"450045, г. Уфа, ПАО АНК \"Башнефть\" \"Башнефть-Новойл\""]
["Лотки","ПАО АНК \"Башнефть\" \"Башнефть-Новойл\"",6,952,"Лоток КС 100х65-45 УТ1.5","ШТ",2,284.06,568.12,"450045, г. Уфа, ПАО АНК \"Башнефть\" \"Башнефть-Новойл\""]
["Лотки","ПАО АНК \"Башнефть\" \"Башнефть-Новойл\"",6,953,"Лоток КС 100х65-45ц УТ1.5","ШТ",2,144.94,289.88,"450045, г. Уфа, ПАО АНК \"Башнефть\" \"Башнефть-Новойл\""]
["Лотки","ПАО АНК \"Башнефть\" \"Башнефть-Новойл\"",6,954,"Лоток КС 100х65-90 У3","ШТ",2,90.92,181.84,"450045, г. Уфа, ПАО АНК \"Башнефть\" \"Башнефть-Новойл\""]
["Лотки","ПАО АНК \"Башнефть\" \"Башнефть-Новойл\"",6,955,"Лоток КС 100х65-90 УТ1.5","ШТ",1,137.24,137.24,"450045, г. Уфа, ПАО АНК \"Башнефть\" \"Башнефть-Новойл\""]
["Лотки","ПАО АНК \"Башнефть\" \"Башнефть-Новойл\"",6,956,"Лоток КС 100х65-90ц УХЛ2","ШТ",7,137.24,960.68000000000006,"450045, г. Уфа, ПАО АНК \"Башнефть\" \"Башнефть-Новойл\""]
["Лотки","ПАО АНК \"Башнефть\" \"Башнефть-Новойл\"",6,957,"Лоток КС 100х65-90ц УХЛ2.5","ШТ",25,146.18,3654.5,"450045, г. Уфа, ПАО АНК \"Башнефть\" \"Башнефть-Новойл\""]
["Лотки","ПАО АНК \"Башнефть\" \"Башнефть-Новойл\"",6,958,"Лоток КС 100х94-90ц УХЛ2","ШТ",6,244.21,1465.26,"450045, г. Уфа, ПАО АНК \"Башнефть\" \"Башнефть-Новойл\""]
["Лотки","ПАО АНК \"Башнефть\" \"Башнефть-Новойл\"",6,959,"Лоток КС 200х65-90ц УХЛ2","ШТ",25,201.01,5025.25,"450045, г. Уфа, ПАО АНК \"Башнефть\" \"Башнефть-Новойл\""]
["Лотки","ПАО АНК \"Башнефть\" \"Башнефть-Новойл\"",6,960,"Лоток КС 300х65-90 УТ1.5","ШТ",6,411.33,2467.98,"450045, г. Уфа, ПАО АНК \"Башнефть\" \"Башнефть-Новойл\""]
["Лотки","ПАО АНК \"Башнефть\" \"Башнефть-Новойл\"",6,961,"Лоток КС 300х65-90 УТ1.5","ШТ",49,413.7,20271.3,"450045, г. Уфа, ПАО АНК \"Башнефть\" \"Башнефть-Новойл\""]
["Лотки","ПАО АНК \"Башнефть\" \"Башнефть-Новойл\"",6,962,"Лоток КС 75х65-90 УТ1.5","ШТ",4,138.88,555.52,"450045, г. Уфа, ПАО АНК \"Башнефть\" \"Башнефть-Новойл\""]
["Лотки","ПАО АНК \"Башнефть\" \"Башнефть-Новойл\"",6,963,"Лоток КСГ 100х65-45 УТ1.5","ШТ",3,68.23,204.69,"450045, г. Уфа, ПАО АНК \"Башнефть\" \"Башнефть-Новойл\""]
["Лотки","ПАО АНК \"Башнефть\" \"Башнефть-Новойл\"",6,964,"Лоток КСГ 100х65-90ц УТ1.5","ШТ",9,279.86,2518.7400000000002,"450045, г. Уфа, ПАО АНК \"Башнефть\" \"Башнефть-Новойл\""]
["Лотки","ПАО АНК \"Башнефть\" \"Башнефть-Новойл\"",6,965,"Лоток КСГ 100х65-90ц УТ1.5","ШТ",1,279.86,279.86,"450045, г. Уфа, ПАО АНК \"Башнефть\" \"Башнефть-Новойл\""]
["Лотки","ПАО АНК \"Башнефть\" \"Башнефть-Новойл\"",6,966,"Лоток КСГ 200х65-90 УТ1.5","ШТ",2,189.01,378.02,"450045, г. Уфа, ПАО АНК \"Башнефть\" \"Башнефть-Новойл\""]
["Лотки","ПАО АНК \"Башнефть\" \"Башнефть-Новойл\"",6,967,"Лоток КСГ 200х65-90 УТ1.5","ШТ",3,193.64,580.91999999999996,"450045, г. Уфа, ПАО АНК \"Башнефть\" \"Башнефть-Новойл\""]
["Лотки","ПАО АНК \"Башнефть\" \"Башнефть-Новойл\"",6,968,"Лоток ЛЛП 400х100 УТ1.5","ШТ",33,502.54,16583.82,"450045, г. Уфа, ПАО АНК \"Башнефть\" \"Башнефть-Новойл\""]
["Лотки","ПАО АНК \"Башнефть\" \"Башнефть-Новойл\"",6,969,"Лоток ЛМ 400х65 УТ1.5","ШТ",3,486.96,1460.8799999999999,"450045, г. Уфа, ПАО АНК \"Башнефть\" \"Башнефть-Новойл\""]
["Лотки","ПАО АНК \"Башнефть\" \"Башнефть-Новойл\"",6,970,"Лоток ЛМ 75х65ц УТ1.5","ШТ",16,219.76,3516.16,"450045, г. Уфа, ПАО АНК \"Башнефть\" \"Башнефть-Новойл\""]
["Лотки","ПАО АНК \"Башнефть\" \"Башнефть-Новойл\"",6,971,"Лоток ЛМГ 250х65ц УТ1.5","ШТ",10,395.38,3953.8,"450045, г. Уфа, ПАО АНК \"Башнефть\" \"Башнефть-Новойл\""]
["Лотки","ПАО АНК \"Башнефть\" \"Башнефть-Новойл\"",6,972,"Лоток ЛМГ 300х65ц УТ1.5","ШТ",18,322.01,5796.18,"450045, г. Уфа, ПАО АНК \"Башнефть\" \"Башнефть-Новойл\""]
["Лотки","ПАО АНК \"Башнефть\" \"Башнефть-Новойл\"",6,973,"Лоток ЛМГ 400Х65 цУТ1,5","ШТ",1,652.03,652.03,"450045, г. Уфа, ПАО АНК \"Башнефть\" \"Башнефть-Новойл\""]
["Лотки","ПАО АНК \"Башнефть\" \"Башнефть-Новойл\"",6,974,"Лоток ОТ 100х65ц УХЛ2","ШТ",7,240.35,1682.45,"450045, г. Уфа, ПАО АНК \"Башнефть\" \"Башнефть-Новойл\""]
["Лотки","ПАО АНК \"Башнефть\" \"Башнефть-Новойл\"",6,975,"Лоток ОТ 100х65ц УХЛ2.5","ШТ",10,114.73,1147.3,"450045, г. Уфа, ПАО АНК \"Башнефть\" \"Башнефть-Новойл\""]
["Лотки","ПАО АНК \"Башнефть\" \"Башнефть-Новойл\"",6,976,"Лоток ОТ 100х65ц УХЛ2.5","ШТ",30,146.18,4385.4000000000005,"450045, г. Уфа, ПАО АНК \"Башнефть\" \"Башнефть-Новойл\""]
["Лотки","ПАО АНК \"Башнефть\" \"Башнефть-Новойл\"",6,977,"Лоток ОТ 100х94ц УХЛ2.5","ШТ",1,277.29000000000002,277.29000000000002,"450045, г. Уфа, ПАО АНК \"Башнефть\" \"Башнефть-Новойл\""]
["Лотки","ПАО АНК \"Башнефть\" \"Башнефть-Новойл\"",6,978,"Лоток ОТ 200х65ц УТ1.5","ШТ",4,322.55,1290.2,"450045, г. Уфа, ПАО АНК \"Башнефть\" \"Башнефть-Новойл\""]
["Лотки","ПАО АНК \"Башнефть\" \"Башнефть-Новойл\"",6,979,"Лоток ОТ 200х65ц УТ1.5","ШТ",25,201.01,5025.25,"450045, г. Уфа, ПАО АНК \"Башнефть\" \"Башнефть-Новойл\""]
["Лотки","ПАО АНК \"Башнефть\" \"Башнефть-Новойл\"",6,980,"Лоток ОТ 200х65ц УХЛ2","ШТ",1,162.35,162.35,"450045, г. Уфа, ПАО АНК \"Башнефть\" \"Башнефть-Новойл\""]
["Лотки","ПАО АНК \"Башнефть\" \"Башнефть-Новойл\"",6,981,"Лоток ОТ 200х65ц УХЛ2.5","ШТ",3,323.45,970.34999999999991,"450045, г. Уфа, ПАО АНК \"Башнефть\" \"Башнефть-Новойл\""]
["Лотки","ПАО АНК \"Башнефть\" \"Башнефть-Новойл\"",6,982,"Лоток ОТ 200х65ц УХЛ2.5","ШТ",1,207.33,207.33,"450045, г. Уфа, ПАО АНК \"Башнефть\" \"Башнефть-Новойл\""]
["Лотки","ПАО АНК \"Башнефть\" \"Башнефть-Новойл\"",6,983,"Лоток ОТ 400х65 УХЛ2.7","ШТ",1,583.75,583.75,"450045, г. Уфа, ПАО АНК \"Башнефть\" \"Башнефть-Новойл\""]
["Лотки","ПАО АНК \"Башнефть\" \"Башнефть-Новойл\"",6,984,"Лоток ОТГ 100х65 У3","ШТ",1,87.37,87.37,"450045, г. Уфа, ПАО АНК \"Башнефть\" \"Башнефть-Новойл\""]
["Лотки","ПАО АНК \"Башнефть\" \"Башнефть-Новойл\"",6,985,"Лоток ОТГ 100х65 УТ1.5","ШТ",15,240.35,3605.25,"450045, г. Уфа, ПАО АНК \"Башнефть\" \"Башнефть-Новойл\""]
["Лотки","ПАО АНК \"Башнефть\" \"Башнефть-Новойл\"",6,986,"Лоток ОТГ 100х65ц УТ1.5","ШТ",9,298.39999999999998,2685.6,"450045, г. Уфа, ПАО АНК \"Башнефть\" \"Башнефть-Новойл\""]
["Лотки","ПАО АНК \"Башнефть\" \"Башнефть-Новойл\"",6,987,"Лоток перфорированный 6075096 AZK 050 FS","М",30,258.77999999999997,7763.4,"450045, г. Уфа, ПАО АНК \"Башнефть\" \"Башнефть-Новойл\""]
["Лотки","ПАО АНК \"Башнефть\" \"Башнефть-Новойл\"",6,988,"Лоток перфорированный ЛМ 300Х65 УТ1,5","ШТ",1,399.71,399.71,"450045, г. Уфа, ПАО АНК \"Башнефть\" \"Башнефть-Новойл\""]
["Лотки","ПАО АНК \"Башнефть\" \"Башнефть-Новойл\"",6,989,"Лоток пров.DKC 200х50х3000 арт.FC5020","ШТ",3,370.86,1112.58,"450045, г. Уфа, ПАО АНК \"Башнефть\" \"Башнефть-Новойл\""]
["Лотки","ПАО АНК \"Башнефть\" \"Башнефть-Новойл\"",6,990,"Лоток угловой КГ 100х100-90 УТ1,5","ШТ",6,161.6,969.59999999999991,"450045, г. Уфа, ПАО АНК \"Башнефть\" \"Башнефть-Новойл\""]
["Лотки","ПАО АНК \"Башнефть\" \"Башнефть-Новойл\"",6,991,"Лоток угловой КГ 400Х65-135 УХЛ2,5","ШТ",22,570.04999999999995,12541.099999999999,"450045, г. Уфа, ПАО АНК \"Башнефть\" \"Башнефть-Новойл\""]
["Лотки","ПАО АНК \"Башнефть\" \"Башнефть-Новойл\"",6,992,"Лоток угловой КГГ 100х65-90 У3","ШТ",7,79.45,556.15,"450045, г. Уфа, ПАО АНК \"Башнефть\" \"Башнефть-Новойл\""]
["Лотки","ПАО АНК \"Башнефть\" \"Башнефть-Новойл\"",6,993,"Лоток угловой КГГ 100х65-90 УТ1.5","ШТ",6,79.45,476.70000000000005,"450045, г. Уфа, ПАО АНК \"Башнефть\" \"Башнефть-Новойл\""]
["Лотки","ПАО АНК \"Башнефть\" \"Башнефть-Новойл\"",6,994,"Лоток угловой КГГ 100Х65-90 ЦУТ1,5","ШТ",5,237.45,1187.25,"450045, г. Уфа, ПАО АНК \"Башнефть\" \"Башнефть-Новойл\""]
["Лотки","ПАО АНК \"Башнефть\" \"Башнефть-Новойл\"",6,995,"Лоток угловой КГГ 100Х65-90 ЦУТ1,5","ШТ",5,244.77,{"$f":"G999*H999","v":1223.8500000000001},"450045, г. Уфа, ПАО АНК \"Башнефть\" \"Башнефть-Новойл\""]

{"sheet":"Лист1","index":1,"n_rows":0,"n_cols":0,"rows_kept":0,"cut":false,"hidden":false,"merged":[]}